MUNICIPIOS DE ESPAÑA (a ciegas) - Estadísticas

Estadísticas generales
  • Esta prueba ha sido intentada 36 veces
  • La puntuación promedio es 105 de 8132
Estadísticas de respuestas
Respuesta % Correcto
Madrid
52%
Zarra
45%
Barcelona
41%
Girona
38%
Malla
38%
Murcia
38%
Sevilla
38%
Teruel
38%
Zaragoza
38%
Alba
34%
Bilbao
34%
Cáceres
34%
Castelló
34%
Donostia/San Sebastián
34%
Huesca
34%
Lugo
34%
Pamplona/Iruña
34%
Pontevedra
34%
València
34%
Valladolid
34%
Zamora
34%
Almería
31%
Ávila
31%
Badajoz
31%
Cádiz
31%
Jaén
31%
Jerez de la Frontera
31%
Lleida
31%
Logroño
31%
Nava
31%
Ourense
31%
Oviedo
31%
Santander
31%
Segovia
31%
Toledo
31%
Alacant/Alicante
28%
Arén
28%
Cala
28%
Ciudad Real
28%
Córdoba
28%
Dos Hermanas
28%
Getafe
28%
Huelva
28%
León
28%
Palencia
28%
Salamanca
28%
Santiago de Compostela
28%
Tarragona
28%
Albacete
24%
Ger
24%
Granada
24%
Guadalajara
24%
Jaca
24%
Leganés
24%
Málaga
24%
Mira
24%
Palma
24%
Rus
24%
Vigo
24%
Villel
24%
Alcalá de Guadaíra
21%
Alcalá de Henares
21%
Burgos
21%
Cuenca
21%
Eibar
21%
Gijón
21%
Irun
21%
Meaño
21%
Plasencia
21%
Soria
21%
Villafranca
21%
Vitoria-Gasteiz
21%
Badalona
17%
Barakaldo
17%
Cangas
17%
Cangas de Onís
17%
Cartagena
17%
Elx/Elche
17%
Getxo
17%
Ibi
17%
Marbella
17%
Medina del Campo
17%
Mérida
17%
Mora
17%
Oña
17%
Ponferrada
17%
Punta Umbría
17%
San Fernando
17%
Toén
17%
Toro
17%
Tudela
17%
Aguilar de Campoo
14%
Alcañiz
14%
Alcantarilla
14%
Alcobendas
14%
Alcorcón
14%
Algeciras
14%
Almendra
14%
Astorga
14%
Avilés
14%
Barbastro
14%
Béjar
14%
Benalmádena
14%
Benidorm
14%
Burgui/Burgi
14%
Calahorra
14%
Carmona
14%
Castro-Urdiales
14%
Ceuta
14%
Ciudad Rodrigo
14%
Conil de la Frontera
14%
Coria
14%
Cuéllar
14%
Fuenlabrada
14%
Isla Cristina
14%
Lepe
14%
Lorca
14%
Marín
14%
Melilla
14%
Mieres
14%
Miranda de Ebro
14%
Monforte de Lemos
14%
Mos
14%
Naval
14%
Navàs
14%
Nerja
14%
Olot
14%
Palo
14%
Pol
14%
Portugalete
14%
Ronda
14%
Sabadell
14%
Salou
14%
Talavera
14%
Tarifa
14%
Tollos
14%
Torrejón de Ardoz
14%
Torrevieja
14%
Villanueva de la Serena
14%
Zafra
14%
Albarracín
10%
Alcalá del Río
10%
Allín/Allin
10%
Allo
10%
Almadén
10%
Almazán
10%
Almendral
10%
Almendralejo
10%
Almonte
10%
Amurrio
10%
Aranda de Duero
10%
Aranjuez
10%
Arres
10%
Balmaseda
10%
Bea
10%
Berga
10%
Calatayud
10%
Callús
10%
Campo
10%
Candeleda
10%
Carrión de los Condes
10%
Cervera
10%
Cheste
10%
Chinchón
10%
Chipiona
10%
Constantí
10%
Cubas de la Sagra
10%
Don Benito
10%
Écija
10%
Errenteria
10%
Estepona
10%
Ferrol
10%
Formentera
10%
Gandia
10%
Gor
10%
Guijuelo
10%
Haro
10%
Hervás
10%
Hondarribia
10%
Jerez de los Caballeros
10%
Lagrán
10%
Lalín
10%
Langreo
10%
Laredo
10%
Laudio/Llodio
10%
Laza
10%
Llanes
10%
Llerena
10%
Lloret de Mar
10%
Lora del Río
10%
Maó
10%
Medina de Rioseco
10%
Mijas
10%
Moaña
10%
Mojácar
10%
Mollina
10%
Móstoles
10%
Motril
10%
Navarrete
10%
Noja
10%
Oliva
10%
Olivenza
10%
Orihuela
10%
Padrón
10%
Palos de la Frontera
10%
Parla
10%
Pedraza
10%
Peñaranda de Bracamonte
10%
Peníscola/Peñíscola
10%
Pinto
10%
Quer
10%
Reus
10%
Ribadeo
10%
Sahagún
10%
Sanlúcar de Barrameda
10%
San Sebastián de los Reyes
10%
Santa Cruz de Tenerife
10%
Santoña
10%
Santurtzi
10%
San Vicente de la Barquera
10%
Sanxenxo
10%
Socuéllamos
10%
Talavera de la Reina
10%
Tarazona
10%
Torre, La
10%
Torrelavega
10%
Torrella
10%
Torremolinos
10%
Torres
10%
Tui
10%
Valdemoro
10%
Velilla
10%
Vera
10%
Vic
10%
Villablino
10%
Villalpando
10%
Villarejo
10%
Villaviciosa
10%
Yecla
10%
Yeles
10%
Yepes
10%
Zarautz
10%
Zumaia
10%
Alameda
7%
Alba de Tormes
7%
Albal
7%
Albalá
7%
Albalate del Arzobispo
7%
Alburquerque
7%
Alcázar de San Juan
7%
Alcoi/Alcoy
7%
Alcúdia
7%
Alfaro
7%
Alhama de Murcia
7%
Alhaurín de la Torre
7%
Almadén de la Plata
7%
Almansa
7%
Alp
7%
Altea
7%
Ames
7%
Antequera
7%
Arcos
7%
Ares
7%
Aretxabaleta
7%
Arévalo
7%
Arganda del Rey
7%
Aria
7%
Arrecife
7%
Arroyo de la Encomienda
7%
Artà
7%
Astigarraga
7%
Ayamonte
7%
Azkoitia
7%
Azpeitia
7%
Azuaga
7%
Bañeza, La
7%
Baños de Montemayor
7%
Basauri
7%
Beas
7%
Beasain
7%
Belchite
7%
Bello
7%
Belorado
7%
Benavente
7%
Benavides
7%
Bera
7%
Bergara
7%
Betanzos
7%
Biel
7%
Bielsa
7%
Blanca
7%
Boiro
7%
Boñar
7%
Bormujos
7%
Borox
7%
Brenes
7%
Brihuega
7%
Broto
7%
Bueu
7%
Burguillos
7%
Cabanas
7%
Calasparra
7%
Camas
7%
Cambados
7%
Cantillana
7%
Carballo
7%
Carpio
7%
Castejón
7%
Castellar
7%
Cazalla de la Sierra
7%
Cea
7%
Cebolla
7%
Cee
7%
Cenicientos
7%
Cerceda
7%
Cervera de Pisuerga
7%
Chiclana de la Frontera
7%
Cintruénigo
7%
Coca
7%
Collado Mediano
7%
Collado Villalba
7%
Colmenar
7%
Colmenar de Oreja
7%
Colmenarejo
7%
Comillas
7%
Condado de Treviño
7%
Coria del Río
7%
Cortes
7%
Cullera
7%
Daimiel
7%
Deba
7%
Dénia
7%
Elburgo/Burgelu
7%
Elgoibar
7%
Erandio
7%
Erro
7%
Espartinas
7%
Estella-Lizarra
7%
Estremera
7%
Ezcaray
7%
Figueres
7%
Fisterra
7%
Fitero
7%
Fraga
7%
Fuente de Cantos
7%
Fuente del Arco
7%
Fuente Obejuna
7%
Fuentes
7%
Galapagar
7%
Gerena
7%
Getaria
7%
Griñón
7%
Guadalcanal
7%
Guadalupe
7%
Guadarrama
7%
Guadix
7%
Guardo
7%
Guarromán
7%
Guillena
7%
Hernani
7%
Herrera
7%
Hospital de Órbigo
7%
Humanes
7%
Illescas
7%
Inca
7%
Íscar
7%
Iza/Itza
7%
Karrantza Harana/Valle de Carranza
7%
Laguardia
7%
Laguna de Duero
7%
Lana
7%
Les
7%
Leza
7%
Linares
7%
Lodosa
7%
Mairena del Alcor
7%
Mairena del Aljarafe
7%
Majadahonda
7%
Malpartida
7%
Manzanares
7%
Mara
7%
Mataró
7%
Mayorga
7%
Mazarrón
7%
Medina de Pomar
7%
Medina Sidonia
7%
Mejorada
7%
Molina de Aragón
7%
Monesterio
7%
Monreal/Elo
7%
Monterroso
7%
Montoro
7%
Moraleja
7%
Moralzarzal
7%
Morata de Tajuña
7%
Mues
7%
Muro
7%
Muskiz
7%
Navalcarnero
7%
Navalmoral
7%
Navalmoral de la Mata
7%
Noia
7%
Numancia de la Sagra
7%
Olite/Erriberri
7%
Olmedo
7%
Oñati
7%
Orba
7%
Ordes
7%
Orio
7%
Ossa de Montiel
7%
Palma del Río
7%
Paredes
7%
Paterna
7%
Pepino
7%
Perales
7%
Perales de Tajuña
7%
Peralta/Azkoien
7%
Polán
7%
Porto
7%
Pozuelo
7%
Prado
7%
Puebla de Sanabria
7%
Puente la Reina/Gares
7%
Puertollano
7%
Quintanar de la Orden
7%
Real
7%
Requena
7%
Riaño
7%
Riaza
7%
Ribadesella
7%
Roquetas de Mar
7%
Rota
7%
Rozas de Puerto Real
7%
Rubí
7%
Sada
7%
Sagunt/Sagunto
7%
Salas
7%
Salce
7%
San Agustín
7%
San Andrés del Rabanedo
7%
San Martín de Valdeiglesias
7%
San Millán/Donemiliaga
7%
San Nicolás del Puerto
7%
San Pedro
7%
Santa Ana
7%
Santa Fe
7%
Santa María del Páramo
7%
Santa Marta
7%
Santa Marta de Tormes
7%
Santa Olalla
7%
Santa Pola
7%
Santillana del Mar
7%
Sant Joan
7%
Santo Domingo de la Calzada
7%
Sepúlveda
7%
Seseña
7%
Siero
7%
Sierro
7%
Sigüenza
7%
Suances
7%
Tafalla
7%
Talamanca
7%
Teo
7%
Tocina
7%
Tolosa
7%
Tordesillas
7%
Torrejón de Velasco
7%
Torrelodones
7%
Torremocha
7%
Torre-Pacheco
7%
Tres Cantos
7%
Trucios-Turtzioz
7%
Úbeda
7%
Usagre
7%
Usurbil
7%
Utrera
7%
Valdemorillo
7%
Valdepeñas
7%
Valencia de Alcántara
7%
Valencia de Don Juan
7%
Vejer de la Frontera
7%
Venta de Baños
7%
Verín
7%
Viana
7%
Vilalba
7%
Villaco
7%
Villaconejos
7%
Villafranca de los Barros
7%
Villamanín
7%
Villanueva de Alcardete
7%
Villanueva de Córdoba
7%
Villarramiel
7%
Villaseca de la Sagra
7%
Villoria
7%
Xàbia/Jávea
7%
Xinzo de Limia
7%
Zahara
7%
Zaratán
7%
Zestoa
7%
Zorita
7%
Ábalos
3%
Abaltzisketa
3%
Abanilla
3%
Abanto
3%
Abarán
3%
Abárzuza/Abartzuza
3%
Abaurregaina/Abaurrea Alta
3%
Abaurrepea/Abaurrea Baja
3%
Abegondo
3%
Abejar
3%
Abiego
3%
Ablitas
3%
Abrucena
3%
Acebedo
3%
Adamuz
3%
Ademuz
3%
Adiós
3%
Aguilar de Campos
3%
Aguilar de Codés
3%
Aguilar del Alfambra
3%
Águilas
3%
Aguilón
3%
Agurain/Salvatierra
3%
Ahillones
3%
Aia
3%
Aibar/Oibar
3%
Aín
3%
Aisa
3%
Aizarnazabal
3%
Ajalvir
3%
Ajangiz
3%
Ajofrín
3%
Alameda de la Sagra
3%
Alameda del Valle
3%
Albalate de las Nogueras
3%
Alberca, La
3%
Albiztur
3%
Albox
3%
Alcanar
3%
Alcántara
3%
Alcaraz
3%
Alcolea
3%
Alcolea de Tajo
3%
Alcoletge
3%
Alcollarín
3%
Alcorisa
3%
Alcoroches
3%
Alcover
3%
Alcuéscar
3%
Aldeacentenera
3%
Aldea del Obispo
3%
Aldea en Cabo
3%
Aldeamayor de San Martín
3%
Aledo
3%
Alegia
3%
Alegría-Dulantzi
3%
Alerre
3%
Alfambra
3%
Alfamén
3%
Alfoz
3%
Algar
3%
Algemesí
3%
Algete
3%
Allariz
3%
Aller
3%
Almagro
3%
Almanza
3%
Almaraz
3%
Almendral de la Cañada
3%
Almensilla
3%
Almonacid de la Cuba
3%
Almonacid de la Sierra
3%
Almonaster la Real
3%
Almorox
3%
Almuñécar
3%
Alpartir
3%
Alpedrete
3%
Alquézar
3%
Altsasu/Alsasua
3%
Altzaga
3%
Altzo
3%
Alzira
3%
Amer
3%
Améscoa Baja
3%
Amezketa
3%
Amoeiro
3%
Amorebieta-Etxano
3%
Amposta
3%
Ampudia
3%
Ampuero
3%
Anchuelo
3%
Ancín/Antzin
3%
Andoain
3%
Andosilla
3%
Anguita
3%
Anoeta
3%
Ansó
3%
Ansoáin/Antsoain
3%
Antas
3%
Antas de Ulla
3%
Antigua
3%
Antigua, La
3%
Antillón
3%
Antzuola
3%
Anue
3%
Aoiz/Agoitz
3%
Aracena
3%
Araitz
3%
Arakaldo
3%
Arakil
3%
Arama
3%
Aramaio
3%
Aranarache/Aranaratxe
3%
Aranga
3%
Aranguren
3%
Arano
3%
Arantza
3%
Arauzo de Miel
3%
Arbizu
3%
Arbo
3%
Arce/Artzi
3%
Archena
3%
Arcos de la Frontera
3%
Arcos, Los
3%
Arellano
3%
Arenal, El
3%
Arenales de San Gregorio
3%
Arenas
3%
Areso
3%
Argamasilla de Alba
3%
Argamasilla de Calatrava
3%
Argés
3%
Arguedas
3%
Aribe
3%
Armiñón
3%
Arnedillo
3%
Arnedo
3%
Arrabalde
3%
Arrasate/Mondragón
3%
Arratzu
3%
Arratzua-Ubarrundia
3%
Arrigorriaga
3%
Arroyomolinos
3%
Arroyomolinos de León
3%
Arruazu
3%
Artajona
3%
Artazu
3%
Artea
3%
Arteixo
3%
Artzentales
3%
Artziniega
3%
Arzúa
3%
Ascó
3%
Asín
3%
Aspa
3%
Asparrena
3%
Astillero, El
3%
Astudillo
3%
Ataquines
3%
Atarfe
3%
Ataun
3%
Atetz
3%
Auritz/Burguete
3%
Avión
3%
Ayala/Aiara
3%
Ayegui/Aiegi
3%
Ayllón
3%
Ayora
3%
Azagra
3%
Azaila
3%
Azanuy-Alins
3%
Azara
3%
Azlor
3%
Aznalcóllar
3%
Azuqueca de Henares
3%
Baeza
3%
Bailén
3%
Baiona
3%
Bakaiku
3%
Bakio
3%
Balaguer
3%
Baleira
3%
Baliarrain
3%
Ballobar
3%
Baltanás
3%
Baltar
3%
Banastás
3%
Bande
3%
Baños de Ebro/Mañueta
3%
Baños de Molgas
3%
Baralla
3%
Barañáin/Barañain
3%
Barásoain
3%
Barbate
3%
Barceo
3%
Bargas
3%
Bargota
3%
Barillas
3%
Barracas
3%
Barraco, El
3%
Barreiros
3%
Barro
3%
Basaburua
3%
Batres
3%
Bausen
3%
Baza
3%
Baztan
3%
Beade
3%
Beariz
3%
Becerreá
3%
Becerril de la Sierra
3%
Begonte
3%
Beintza-Labaien
3%
Beire
3%
Beizama
3%
Belalcázar
3%
Belascoáin
3%
Belauntza
3%
Bellús
3%
Bellvís
3%
Belmonte
3%
Belvís de la Jara
3%
Benacazón
3%
Benahavís
3%
Benasque
3%
Benicarló
3%
Benicàssim/Benicasim
3%
Beniel
3%
Berango
3%
Berastegi
3%
Berbinzana
3%
Bergondo
3%
Beriáin
3%
Berja
3%
Berlanga
3%
Bermeo
3%
Bernedo
3%
Berriatua
3%
Berrioplano/Berriobeiti
3%
Berriozar
3%
Berrobi
3%
Bertizarana
3%
Berzocana
3%
Betelu
3%
Betxí
3%
Biar
3%
Bidania-Goiatz
3%
Bienvenida
3%
Biescas
3%
Biurrun-Olcoz
3%
Boadilla del Monte
3%
Boborás
3%
Bocairent
3%
Boimorto
3%
Boqueixón
3%
Borau
3%
Borja
3%
Borriana/Burriana
3%
Bossòst
3%
Bóveda
3%
Brión
3%
Briviesca
3%
Brunete
3%
Bueña
3%
Buenavista
3%
Buenavista de Valdavia
3%
Bullas
3%
Buñuel
3%
Burela
3%
Burgohondo
3%
Burlada/Burlata
3%
Bustarviejo
3%
Busturia
3%
Cabana de Bergantiños
3%
Cabañas de la Sagra
3%
Cabañas de Yepes
3%
Cabanillas
3%
Cabezón de la Sal
3%
Cabezón de Pisuerga
3%
Cabra
3%
Cabredo
3%
Cabrillanes
3%
Cacabelos
3%
Cadalso
3%
Cadreita
3%
Calamocha
3%
Calamonte
3%
Calanda
3%
Calatorao
3%
Calp
3%
Calvià
3%
Calvos de Randín
3%
Calzada de Calatrava
3%
Calzada de Oropesa
3%
Calzadilla
3%
Calzadilla de los Barros
3%
Camarena
3%
Camarenilla
3%
Camariñas
3%
Cambre
3%
Cambrils
3%
Campaspero
3%
Campazas
3%
Campezo/Kanpezu
3%
Campillo de Llerena
3%
Campo de Criptana
3%
Campo de Villavidel
3%
Canalejas de Peñafiel
3%
Cañamero
3%
Cáñar
3%
Canejan
3%
Canencia
3%
Canfranc
3%
Caparroso
3%
Capella
3%
Caravaca de la Cruz
3%
Carballeda de Avia
3%
Carballeda de Valdeorras
3%
Carballedo
3%
Carcastillo
3%
Cardona
3%
Cariñena
3%
Cariño
3%
Carme
3%
Carmena
3%
Carnota
3%
Carral
3%
Carranque
3%
Carrión de Calatrava
3%
Carrizo
3%
Cartelle
3%
Casarrubios del Monte
3%
Casasbuenas
3%
Casas-Ibáñez
3%
Cascante
3%
Cáseda
3%
Caspe
3%
Castañar de Ibor
3%
Castejón de Sos
3%
Castellar de la Frontera
3%
Castellar de Santiago
3%
Castielfabib
3%
Castiliscar
3%
Castillonuevo/Gazteluberri
3%
Castrelo de Miño
3%
Castrelo do Val
3%
Castril
3%
Castrillón
3%
Castro Caldelas
3%
Castro de Rei
3%
Castronuño
3%
Castroponce
3%
Castroverde
3%
Catarroja
3%
Catoira
3%
Cebanico
3%
Cebreros
3%
Cedeira
3%
Cehegín
3%
Celanova
3%
Cella
3%
Cendea de Olza/Oltza Zendea
3%
Cenicero
3%
Cenlle
3%
Cercedilla
3%
Cerdedo-Cotobade
3%
Cerdido
3%
Cerezo
3%
Cerezo de Río Tirón
3%
Cervantes
3%
Cervo
3%
Ceutí
3%
Chandrexa de Queixa
3%
Chantada
3%
Checa
3%
Chelva
3%
Chía
3%
Chimillas
3%
Cieza
3%
Cigales
3%
Ciguñuela
3%
Cimanes de la Vega
3%
Cimanes del Tejar
3%
Cincovillas
3%
Cirauqui/Zirauki
3%
Ciriza/Ziritza
3%
Ciruelos
3%
Cistérniga
3%
Cistierna
3%
Cizur
3%
Cobeña
3%
Cobisa
3%
Codo
3%
Codos
3%
Cogeces de Íscar
3%
Cogeces del Monte
3%
Coles
3%
Colindres
3%
Colmenar Viejo
3%
Constantina
3%
Consuegra
3%
Corcos
3%
Corcubión
3%
Cordovilla
3%
Corella
3%
Coristanco
3%
Cortegada
3%
Cortes de la Frontera
3%
Coruña, A
3%
Coslada
3%
Cospeito
3%
Cosuenda
3%
Covelo
3%
Cox
3%
Crecente
3%
Crevillent
3%
Cuacos de Yuste
3%
Cuadros
3%
Cualedro
3%
Cubilla
3%
Cubillo
3%
Cubillos
3%
Cubillos del Sil
3%
Cudillero
3%
Cuerva
3%
Culla
3%
Cúllar
3%
Culleredo
3%
Cunit
3%
Cuntis
3%
Curtis
3%
Daganzo de Arriba
3%
Dalías
3%
Darro
3%
Deleitosa
3%
Derio
3%
Dicastillo
3%
Diezma
3%
Dios le Guarde
3%
Dodro
3%
Donamaria
3%
Doneztebe/Santesteban
3%
Dos Torres
3%
Dozón
3%
Dueñas
3%
Dumbría
3%
Durango
3%
Ea
3%
Echarri/Etxarri
3%
Elantxobe
3%
Elciego
3%
Elda
3%
Elduain
3%
Elgeta
3%
Elgorriaga
3%
Elorrio
3%
Enériz/Eneritz
3%
Entrimo
3%
Épila
3%
Eratsun
3%
Ergoiena
3%
Erla
3%
Ermua
3%
Errezil
3%
Erriberagoitia/Ribera Alta
3%
Escalona
3%
Esgos
3%
Eskoriatza
3%
Eslava
3%
Esparza de Salazar/Espartza Zaraitzu
3%
Espinar, El
3%
Esquivias
3%
Estada
3%
Estadilla
3%
Esteribar
3%
Estrada, A
3%
Etxalar
3%
Etxarri Aranatz
3%
Etxauri
3%
Eulate
3%
Ezcabarte
3%
Ezcároz/Ezkaroze
3%
Ezkio-Itsaso
3%
Ezprogui
3%
Fabara
3%
Fago
3%
Falces
3%
Fayón
3%
Fene
3%
Foios
3%
Folgoso do Courel
3%
Fontellas
3%
Fonz
3%
Fornelos de Montes
3%
Foz
3%
Frades
3%
Fresneda de la Sierra
3%
Fresno de la Vega
3%
Frigiliana
3%
Friol
3%
Frómista
3%
Fruiz
3%
Fuengirola
3%
Fuenmayor
3%
Fuensaldaña
3%
Fuensalida
3%
Fuentealbilla
3%
Fuente del Maestre
3%
Fuentesaúco
3%
Fuentes de Carbajal
3%
Funes
3%
Fustiñana
3%
Gabiria
3%
Gaintza
3%
Galar
3%
Galdames
3%
Gallipienzo/Galipentzu
3%
Gallués/Galoze
3%
Galve
3%
Gálvez
3%
Garachico
3%
Garai
3%
Garaioa
3%
Garcia
3%
Garciaz
3%
Garde
3%
Garínoain
3%
Garralda
3%
Gascones
3%
Gatika
3%
Gavà
3%
Gavilanes
3%
Gaztelu
3%
Genevilla
3%
Gines
3%
Gistaín
3%
Goizueta
3%
Gomesende
3%
Gondomar
3%
Gordexola
3%
Gordoncillo
3%
Gradefes
3%
Grajera
3%
Granja de Torrehermosa
3%
Granollers
3%
Grijota
3%
Guadalix de la Sierra
3%
Guadamur
3%
Guaro
3%
Güesa/Gorza
3%
Guirguillano
3%
Guitiriz
3%
Guntín
3%
Harana/Valle de Arana
3%
Hellín
3%
Herencia
3%
Herrera del Duque
3%
Herrera de Pisuerga
3%
Higuera de Llerena
3%
Higuera la Real
3%
Hinojos
3%
Hinojosa del Duque
3%
Hiriberri/Villanueva de Aezkoa
3%
Hita
3%
Hontanar
3%
Horche
3%
Hoyo de Manzanares
3%
Huarte/Uharte
3%
Huélamo
3%
Huércal-Overa
3%
Humanes de Madrid
3%
Husillos
3%
Ibargoiti
3%
Idiazabal
3%
Igantzi
3%
Igriés
3%
Ikaztegieta
3%
Ilche
3%
Illán de Vacas
3%
Imotz
3%
Irañeta
3%
Irixoa
3%
Irixo, O
3%
Iruña Oka/Iruña de Oca
3%
Irura
3%
Iruraiz-Gauna
3%
Irurtzun
3%
Isaba/Izaba
3%
Itsasondo
3%
Ituren
3%
Iturmendi
3%
Iurreta
3%
Izagaondoa
3%
Izagre
3%
Jarandilla de la Vera
3%
Jasa
3%
Jaurrieta
3%
Javier
3%
Jimena
3%
Jódar
3%
Jumilla
3%
Juslapeña/Txulapain
3%
Kripan
3%
Kuartango
3%
Labastida/Bastida
3%
Labuerda
3%
Lagartos
3%
Lagata
3%
Laguna de Negrillos
3%
Lakuntza
3%
Laluenga
3%
Láncara
3%
Lanestosa
3%
Lantarón
3%
Lantz
3%
Lanzahíta
3%
Laperdiguera
3%
Lapoblación
3%
Lapuebla de Labarca
3%
Lardero
3%
Larouco
3%
Larraga
3%
Larraona
3%
Larraun
3%
Lasarte-Oria
3%
Lastrilla, La
3%
Laxe
3%
Layos
3%
Lazagurría
3%
Lazkao
3%
Leaburu
3%
Leache/Leatxe
3%
Lebrija
3%
Legazpi
3%
Legorreta
3%
Legutio
3%
Leintz-Gatzaga
3%
Leioa
3%
Leiro
3%
Leitza
3%
Lekeitio
3%
Lekunberri
3%
Lemoa
3%
Lemoiz
3%
Lesaka
3%
Lezama
3%
Lezaun
3%
Lezo
3%
Liédena
3%
Liérganes
3%
Linares de Riofrío
3%
Lizartza
3%
Lizoain-Arriasgoiti/Lizoainibar-Arriasgoiti
3%
Lladurs
3%
Llimiana
3%
Lobeira
3%
Lobios
3%
Loeches
3%
Logrosán
3%
Loiu
3%
Loja
3%
Lónguida/Longida
3%
Lorquí
3%
Lousame
3%
Lozoya
3%
Lucena
3%
Lucena del Puerto
3%
Luena
3%
Luesia
3%
Lumbier
3%
Luna
3%
Luzaide/Valcarlos
3%
Maceda
3%
Macotera
3%
Madridejos
3%
Madroñera
3%
Mainar
3%
Malagón
3%
Mallabia
3%
Malpartida de Cáceres
3%
Malpartida de Plasencia
3%
Malpica de Bergantiños
3%
Manacor
3%
Mañeru
3%
Manises
3%
Mañón
3%
Manresa
3%
Mansilla de las Mulas
3%
Mansilla Mayor
3%
Manzaneda
3%
Manzaneque
3%
Maraña
3%
Marañón
3%
Marchamalo
3%
Marcilla
3%
Maside
3%
Mata, La
3%
Matapozuelos
3%
Matilla de Arzón
3%
Mazaricos
3%
Meco
3%
Meira
3%
Meis
3%
Melgar de Abajo
3%
Melgar de Arriba
3%
Melgar de Yuso
3%
Mélida
3%
Melide
3%
Melón
3%
Menasalbas
3%
Mendaro
3%
Mendavia
3%
Mendigorria
3%
Mequinenza
3%
Mesía
3%
Miajadas
3%
Miengo
3%
Mieza
3%
Miguel Esteban
3%
Miguelturra
3%
Milagro
3%
Miño
3%
Miraflores de la Sierra
3%
Mirafuentes
3%
Miramar
3%
Miranda de Arga
3%
Mocejón
3%
Moeche
3%
Mojados
3%
Monda
3%
Mondariz
3%
Mondariz-Balneario
3%
Monfero
3%
Monòver/Monóvar
3%
Montamarta
3%
Montán
3%
Montcada/Moncada
3%
Monteagudo
3%
Montederramo
3%
Montejo
3%
Montemolín
3%
Monterrei
3%
Montmeló
3%
Montserrat
3%
Monzón
3%
Mora de Rubielos
3%
Morales del Vino
3%
Moraña
3%
Moreda de Álava/Moreda Araba
3%
Morentin
3%
Morón de la Frontera
3%
Moros
3%
Mota del Cuervo
3%
Motilla del Palancar
3%
Mucientes
3%
Mudá
3%
Mudarra, La
3%
Muel
3%
Mugardos
3%
Muíños
3%
Mula
3%
Mundaka
3%
Mungia
3%
Mura
3%
Murchante
3%
Murillo el Cuende
3%
Murillo el Fruto
3%
Muros
3%
Mutiloa
3%
Mutriku
3%
Muxía
3%
Nájera
3%
Nambroca
3%
Narón
3%
Naut Aran
3%
Navacerrada
3%
Nava del Rey
3%
Navahermosa
3%
Nava, La
3%
Navalagamella
3%
Navalcán
3%
Navaluenga
3%
Navamorcuende
3%
Navaridas
3%
Navascués/Nabaskoze
3%
Navas del Rey
3%
Navas de San Juan
3%
Navès
3%
Navia
3%
Navia de Suarna
3%
Nazar
3%
Neda
3%
Negreira
3%
Negueira de Muñiz
3%
Niebla
3%
Nigrán
3%
Noblejas
3%
Noez
3%
Nogueira de Ramuín
3%
Nonaspe
3%
Novallas
3%
Novillas
3%
Nuevo Baztán
3%
Ochagavía/Otsagabia
3%
Odèn
3%
Odieta
3%
Oia
3%
Oímbra
3%
Oiz
3%
Ojós
3%
Okondo
3%
Olaberria
3%
Olaibar
3%
Olazti/Olazagutía
3%
Olba
3%
Oleiros
3%
Olías del Rey
3%
Olivares
3%
Olmedo de Camaces
3%
Olóriz/Oloritz
3%
Ólvega
3%
Onda
3%
Ondara
3%
Onís
3%
Ontígola
3%
Ontinyent
3%
Ontur
3%
Onzonilla
3%
Orbaizeta
3%
Orbara
3%
Ordizia
3%
Orellana la Vieja
3%
Orendain
3%
Orexa
3%
Orgaz
3%
Orís
3%
Orísoain
3%
Orkoien
3%
Oronz/Orontze
3%
Oropesa
3%
Oroso
3%
Oroz-Betelu/Orotz-Betelu
3%
Orpesa/Oropesa del Mar
3%
Orreaga/Roncesvalles
3%
Orrios
3%
Ortigueira
3%
Orusco de Tajuña
3%
Osor
3%
Osornillo
3%
Osorno la Mayor
3%
Osuna
3%
Oteiza
3%
Ourol
3%
Outeiro de Rei
3%
Outes
3%
Oyón-Oion
3%
Oza-Cesuras
3%
Paderne
3%
Paderne de Allariz
3%
Padrenda
3%
Paiporta
3%
Pajares de los Oteros
3%
Palacios de la Valduerna
3%
Palacios del Sil
3%
Palas de Rei
3%
Pals
3%
Pantón
3%
Paracuellos
3%
Parada de Sil
3%
Paradas
3%
Paradela
3%
Paredes de Escalona
3%
Paredes de Nava
3%
Pasaia
3%
Paterna de Rivera
3%
Patones
3%
Pazos de Borbén
3%
Pedrafita do Cebreiro
3%
Pedrezuela
3%
Pedroso
3%
Peñacerrada-Urizaharra
3%
Peñafiel
3%
Peñaflor
3%
Peralta de Alcofea
3%
Peralta de Calasanz
3%
Pernía, La
3%
Pesaguero
3%
Petilla de Aragón
3%
Petín
3%
Piedrahíta
3%
Piedralaves
3%
Piélagos
3%
Pilas
3%
Piloña
3%
Piñel de Abajo
3%
Piñel de Arriba
3%
Pinilla del Valle
3%
Piñor
3%
Pitillas
3%
Plan
3%
Plentzia
3%
Pliego
3%
Pobladura del Valle
3%
Poio
3%
Polanco
3%
Ponteareas
3%
Ponte Caldelas
3%
Ponteceso
3%
Pontecesures
3%
Pontedeume
3%
Pontedeva
3%
Porqueira
3%
Porrera
3%
Portas
3%
Porto do Son
3%
Portomarín
3%
Posada de Valdeón
3%
Pozoblanco
3%
Pozohondo
3%
Pozuelo del Rey
3%
Prado de la Guzpeña
3%
Pradoluengo
3%
Priego
3%
Priego de Córdoba
3%
Puebla de Arganzón, La
3%
Puebla del Prior
3%
Puebla de Sancho Pérez
3%
Puente Genil
3%
Puentes Viejas
3%
Puerto Lápice
3%
Puerto Lumbreras
3%
Puerto Real
3%
Pueyo/Puiu
3%
Pulpí
3%
Punxín
3%
Quero
3%
Quintana del Marco
3%
Quintanilla del Monte
3%
Quintela de Leirado
3%
Quiroga
3%
Rábade
3%
Rairiz de Veiga
3%
Ramirás
3%
Rascafría
3%
Rasines
3%
Real Sitio de San Ildefonso
3%
Redondela
3%
Reinosa
3%
Renedo de Esgueva
3%
Requejo
3%
Rianxo
3%
Ribadavia
3%
Ribadumia
3%
Ribaforada
3%
Ribas de Sil
3%
Ribatejada
3%
Ribeira
3%
Ribeira de Piquín
3%
Ribera Baja/Erriberabeitia
3%
Ricla
3%
Ricote
3%
Rioja
3%
Riós
3%
Riotorto
3%
Risco
3%
Rivas-Vaciamadrid
3%
Roa
3%
Robregordo
3%
Rois
3%
Romanzado/Erromantzatua
3%
Roncal/Erronkari
3%
Roses
3%
Rubiá
3%
Rubielos de Mora
3%
Rubió
3%
Ruidera
3%
Sabiñán
3%
Sabiñánigo
3%
Sahún
3%
Salas de los Infantes
3%
Salceda de Caselas
3%
Saldías
3%
Sales de Llierca
3%
Salinas
3%
Salinas de Pisuerga
3%
Salt
3%
Salteras
3%
Salvaterra de Miño
3%
Samaniego
3%
Samos
3%
San Adrián
3%
San Agustín del Guadalix
3%
San Amaro
3%
San Bartolomé
3%
San Cibrao das Viñas
3%
San Cristóbal de Entreviñas
3%
Sandiás
3%
San Emiliano
3%
San Esteban de Nogales
3%
San Fernando de Henares
3%
Sangüesa/Zangoza
3%
San Isidro
3%
San Javier
3%
San Juan de Plan
3%
San Lorenzo de la Parrilla
3%
Sanlúcar la Mayor
3%
San Martín de la Vega
3%
San Martín de Montalbán
3%
San Martín de Pusa
3%
San Martín de Trevejo
3%
San Martín de Unx
3%
San Pablo de los Montes
3%
San Roque
3%
San Sadurniño
3%
Santa Ana de Pusa
3%
Santacara
3%
Santa Coloma
3%
Santa Comba
3%
Santa Cruz del Retamar
3%
Santa Cruz de Mudela
3%
Santa Eulalia
3%
Santa María del Campo
3%
Santa María del Campo Rus
3%
Santa Maria de Palautordera
3%
Santa Marina del Rey
3%
Sant Boi de Llobregat
3%
Sant Cugat del Vallès
3%
Sant Esteve de Palautordera
3%
Santiso
3%
Santisteban del Puerto
3%
Sant Llorenç de Morunys
3%
Santorcaz
3%
Santovenia
3%
Santovenia de Pisuerga
3%
Sant Vicenç de Castellet
3%
Sant Vicenç dels Horts
3%
Sant Vicent del Raspeig/San Vicente del Raspeig
3%
San Xoán de Río
3%
Sarreaus
3%
Sarria
3%
Sarriés/Sartze
3%
Sartaguda
3%
Segura
3%
Segurilla
3%
Sena
3%
Sena de Luna
3%
Serna, La
3%
Serra
3%
Serranillos
3%
Serranillos del Valle
3%
Sestao
3%
Sesué
3%
Setenil de las Bodegas
3%
Sidamon
3%
Siétamo
3%
Silleda
3%
Simancas
3%
Sober
3%
Sobrado
3%
Sóller
3%
Solórzano
3%
Solsona
3%
Somosierra
3%
Sondika
3%
Sonseca
3%
Sopuerta
3%
Sora
3%
Soraluze-Placencia de las Armas
3%
Sort
3%
Soto del Real
3%
Soutomaior
3%
Sunbilla
3%
Taboada
3%
Taboadela
3%
Talamanca de Jarama
3%
Talavera la Real
3%
Talayuela
3%
Talayuelas
3%
Tamames
3%
Tamarite de Litera
3%
Taramundi
3%
Tarazona de la Mancha
3%
Tariego de Cerrato
3%
Telde
3%
Tella-Sin
3%
Teror
3%
Terrer
3%
Tiebas-Muruarte de Reta
3%
Tiedra
3%
Tielmes
3%
Tiemblo, El
3%
Tierz
3%
Tirapu
3%
Titulcia
3%
Tobar
3%
Tobarra
3%
Tomares
3%
Tomelloso
3%
Tomiño
3%
Toques
3%
Tordoia
3%
Torla-Ordesa
3%
Torquemada
3%
Torralba
3%
Torralba de Calatrava
3%
Torrecillas de la Tiesa
3%
Torrejoncillo
3%
Torrejón de la Calzada
3%
Torrelobatón
3%
Torrent
3%
Torrenueva
3%
Torrescárcela
3%
Torres de la Alameda
3%
Torrijos
3%
Totana
3%
Totanés
3%
Touro
3%
Trabada
3%
Trasmiras
3%
Trazo
3%
Tremp
3%
Triacastela
3%
Trigueros
3%
Trigueros del Valle
3%
Trillo
3%
Trujillo
3%
Tudela de Duero
3%
Tulebras
3%
Turégano
3%
Turre
3%
Ubrique
3%
Uclés
3%
Uharte Arakil
3%
Ujué/Uxue
3%
Ulea
3%
Ultzama
3%
Umbrete
3%
Unciti
3%
Unzué/Untzue
3%
Urda
3%
Urdazubi/Urdax
3%
Urdiain
3%
Urduña/Orduña
3%
Urkabustaiz
3%
Urnieta
3%
Urraul Alto
3%
Urraul Bajo
3%
Urretxu
3%
Urroz
3%
Urroz-Villa
3%
Urueña
3%
Urzainqui/Urzainki
3%
Utebo
3%
Utiel
3%
Uztárroz/Uztarroze
3%
Valdaracete
3%
Val de Goñi/Goñerri
3%
Valdegovía/Gaubea
3%
Valdelacalzada
3%
Valdepiélago
3%
Valdepiélagos
3%
Valderas
3%
Valderrobres
3%
Valdetorres
3%
Valdetorres de Jarama
3%
Valdilecha
3%
Val do Dubra
3%
Valencia de las Torres
3%
Valencina de la Concepción
3%
Valga
3%
Valle de Egüés/Eguesibar
3%
Valle de Elorz/Elortzibar
3%
Valle de Ollo/Ollaran
3%
Valle de Yerri/Deierri
3%
Vallelado
3%
Válor
3%
Valoria la Buena
3%
Valtierra
3%
Valverde
3%
Vedra
3%
Velada
3%
Vélez-Málaga
3%
Velilla de Cinca
3%
Velilla de San Antonio
3%
Venta del Moro
3%
Venturada
3%
Verea
3%
Viana do Bolo
3%
Vidángoz/Bidankoze
3%
Vila de Cruces
3%
Vilagarcía de Arousa
3%
Vilaller
3%
Vilamarín
3%
Vilamòs
3%
Vilanova de Arousa
3%
Vilar de Barrio
3%
Vilar de Santos
3%
Vilardevós
3%
Vila-real
3%
Vilariño de Conso
3%
Vilarmaior
3%
Villabraz
3%
Villabuena de Álava/Eskuernaga
3%
Villacarrillo
3%
Villacidaler
3%
Villafranca de los Caballeros
3%
Villafruela
3%
Villagarcía de la Torre
3%
Villalar de los Comuneros
3%
Villalbilla
3%
Villalgordo del Júcar
3%
Villalobón
3%
Villalón de Campos
3%
Villalpardo
3%
Villaluenga de la Sagra
3%
Villaluenga del Rosario
3%
Villamañán
3%
Villamanrique
3%
Villamanta
3%
Villamantilla
3%
Villamayor
3%
Villamayor de Santiago
3%
Villamediana
3%
Villamediana de Iregua
3%
Villamiel
3%
Villaminaya
3%
Villamoronta
3%
Villamuelas
3%
Villamuriel de Campos
3%
Villamuriel de Cerrato
3%
Villanova
3%
Villanúa
3%
Villanubla
3%
Villanueva de la Cañada
3%
Villanueva del Arzobispo
3%
Villanueva de la Vera
3%
Villanueva del Campo
3%
Villanueva del Pardillo
3%
Villanueva del Rey
3%
Villanueva del Río y Minas
3%
Villanueva del Rosario
3%
Villanueva de Perales
3%
Villaornate y Castro
3%
Villaquejida
3%
Villaquilambre
3%
Villar de la Encina
3%
Villarejo de Montalbán
3%
Villarejo de Salvanés
3%
Villarrubia de Santiago
3%
Villasequilla
3%
Villatobas
3%
Villatuerta
3%
Villaumbrales
3%
Villava/Atarrabia
3%
Villena
3%
Villodrigo
3%
Vimianzo
3%
Viveiro
3%
Wamba
3%
Xàtiva
3%
Xermade
3%
Xove
3%
Xunqueira de Ambía
3%
Xunqueira de Espadanedo
3%
Yaiza
3%
Yesa
3%
Yuncos
3%
Zabalza/Zabaltza
3%
Zaida, La
3%
Zaidín
3%
Zalamea la Real
3%
Zaldibar
3%
Zaldibia
3%
Zalduondo
3%
Zalla
3%
Zambrana
3%
Zamudio
3%
Zaratamo
3%
Zarza, La
3%
Zarza la Mayor
3%
Zas
3%
Zeberio
3%
Zegama
3%
Zerain
3%
Zierbena
3%
Zigoitia
3%
Ziordia
3%
Zizur Mayor/Zizur Nagusia
3%
Zoma, La
3%
Zubieta
3%
Zugarramurdi
3%
Zuia
3%
Zumarraga
3%
Zúñiga
3%
Ababuj
0%
Abades
0%
Abadía
0%
Abadín
0%
Abadiño
0%
Abáigar
0%
Abajas
0%
Abánades
0%
Abanto y Ciérvana-Abanto Zierbena
0%
Abarca de Campos
0%
Abejuela
0%
Abella de la Conca
0%
Abengibre
0%
Abenójar
0%
Aberin
0%
Abertura
0%
Abezames
0%
Abia de la Obispalía
0%
Abia de las Torres
0%
Abizanda
0%
Abla
0%
Ablanque
0%
Abrera
0%
Abusejo
0%
Acebeda, La
0%
Acebo
0%
Acebrón, El
0%
Acedera
0%
Acehúche
0%
Aceituna
0%
Acered
0%
Aceuchal
0%
Adahuesca
0%
Adalia
0%
Adanero
0%
Adeje
0%
Adobes
0%
Ador
0%
Adra
0%
Adrada de Haza
0%
Adrada de Pirón
0%
Adrada, La
0%
Adradas
0%
Adrados
0%
Aduna
0%
Agaete
0%
Agallas
0%
Àger
0%
Agolada
0%
Agón
0%
Agoncillo
0%
Agost
0%
Agramunt
0%
Ágreda
0%
Agres
0%
Agrón
0%
Aguadulce
0%
Aguarón
0%
Aguasal
0%
Aguas Cándidas
0%
Aguatón
0%
Aguaviva
0%
Agudo
0%
Agüero
0%
Aguilafuente
0%
Aguilar de Bureba
0%
Aguilar de la Frontera
0%
Aguilar del Río Alhama
0%
Aguilar de Segarra
0%
Agüimes
0%
Agullana
0%
Agullent
0%
Agulo
0%
Ahigal
0%
Ahigal de los Aceiteros
0%
Ahigal de Villarino
0%
Aielo de Malferit
0%
Aielo de Rugat
0%
Aiguafreda
0%
Aiguamúrcia
0%
Aiguaviva
0%
Aigües
0%
Aínsa-Sobrarbe
0%
Ainzón
0%
Aitona
0%
Ajamil de Cameros
0%
Alacón
0%
Aladrén
0%
Alaejos
0%
Alagón
0%
Alagón del Río
0%
Alaior
0%
Alájar
0%
Alajeró
0%
Alameda de Gardón, La
0%
Alamedilla
0%
Alamedilla, La
0%
Alamillo
0%
Alaminos
0%
Álamo, El
0%
Alamús, els
0%
Alange
0%
Alanís
0%
Alaquàs
0%
Alaraz
0%
Alarba
0%
Alarcón
0%
Alar del Rey
0%
Alarilla
0%
Alaró
0%
Alàs i Cerc
0%
Alatoz
0%
Alba de Cerrato
0%
Alba de Yeltes
0%
Albagés, l'
0%
Albaida
0%
Albaida del Aljarafe
0%
Albaladejo
0%
Albaladejo del Cuende
0%
Albalat de la Ribera
0%
Albalat dels Sorells
0%
Albalat dels Tarongers
0%
Albalate de Cinca
0%
Albalate de Zorita
0%
Albalatillo
0%
Albanchez
0%
Albanchez de Mágina
0%
Albanyà
0%
Albares
0%
Albarreal de Tajo
0%
Albatana
0%
Albatàrrec
0%
Albatera
0%
Albelda
0%
Albelda de Iregua
0%
Albendea
0%
Albendiego
0%
Albentosa
0%
Alberca de Záncara, La
0%
Alberguería de Argañán, La
0%
Alberic
0%
Alberite
0%
Alberite de San Juan
0%
Albero Alto
0%
Albero Bajo
0%
Alberuela de Tubo
0%
Albesa
0%
Albeta
0%
Albi, l'
0%
Albillos
0%
Albinyana
0%
Albiol, l'
0%
Albocàsser
0%
Alboloduy
0%
Albolote
0%
Albondón
0%
Albons
0%
Alborache
0%
Alboraia/Alboraya
0%
Alborea
0%
Alborge
0%
Albornos
0%
Albudeite
0%
Albuera, La
0%
Albuixech
0%
Albuñán
0%
Albuñol
0%
Albuñuelas
0%
Alcabón
0%
Alcadozo
0%
Alcaine
0%
Alcalá de Ebro
0%
Alcalá de Gurrea
0%
Alcalá de la Selva
0%
Alcalá de la Vega
0%
Alcalá del Júcar
0%
Alcalá del Obispo
0%
Alcalá de los Gazules
0%
Alcalá del Valle
0%
Alcalá de Moncayo
0%
Alcalà de Xivert
0%
Alcalá la Real
0%
Alcalalí
0%
Alcampell
0%
Alcanadre
0%
Alcañices
0%
Alcañizo
0%
Alcanó
0%
Alcàntera de Xúquer
0%
Alcantud
0%
Alcaracejos
0%
Alcarràs
0%
Alcàsser
0%
Alcaucín
0%
Alcaudete
0%
Alcaudete de la Jara
0%
Alcázar del Rey
0%
Alcazarén
0%
Alcázares, Los
0%
Alcoba
0%
Alcocer
0%
Alcocero de Mola
0%
Alcohujate
0%
Alcolea de Calatrava
0%
Alcolea de Cinca
0%
Alcolea de las Peñas
0%
Alcolea del Pinar
0%
Alcolea del Río
0%
Alcoleja
0%
Alconaba
0%
Alconada
0%
Alconada de Maderuelo
0%
Alconchel
0%
Alconchel de Ariza
0%
Alconchel de la Estrella
0%
Alconera
0%
Alcóntar
0%
Alcora, l'
0%
Alcosser
0%
Alcubierre
0%
Alcubilla de Avellaneda
0%
Alcubilla de las Peñas
0%
Alcubilla de Nogales
0%
Alcubillas
0%
Alcublas
0%
Alcúdia de Crespins, l'
0%
Alcudia de Monteagud
0%
Alcudia de Veo
0%
Alcúdia, l'
0%
Aldaia
0%
Aldeacipreste
0%
Aldeadávila de la Ribera
0%
Aldea del Cano
0%
Aldea del Fresno
0%
Aldea del Obispo, La
0%
Aldea del Rey
0%
Aldea de San Miguel
0%
Aldea de San Nicolás, La
0%
Aldea, l'
0%
Aldealafuente
0%
Aldealcorvo
0%
Aldealengua
0%
Aldealengua de Pedraza
0%
Aldealengua de Santa María
0%
Aldealices
0%
Aldealpozo
0%
Aldealseñor
0%
Aldeanueva de Barbarroya
0%
Aldeanueva de Ebro
0%
Aldeanueva de Figueroa
0%
Aldeanueva de Guadalajara
0%
Aldeanueva de la Serrezuela
0%
Aldeanueva de la Sierra
0%
Aldeanueva de la Vera
0%
Aldeanueva del Camino
0%
Aldeanueva del Codonal
0%
Aldeanueva de San Bartolomé
0%
Aldeanueva de Santa Cruz
0%
Aldeaquemada
0%
Aldea Real
0%
Aldearrodrigo
0%
Aldearrubia
0%
Aldeaseca
0%
Aldeaseca de Alba
0%
Aldeaseca de la Frontera
0%
Aldeasoña
0%
Aldeatejada
0%
Aldeavieja de Tormes
0%
Aldehorno
0%
Aldehuela de la Bóveda
0%
Aldehuela del Codonal
0%
Aldehuela de Liestos
0%
Aldehuela del Jerte
0%
Aldehuela de Periáñez
0%
Aldehuela de Yeltes
0%
Aldehuela, La
0%
Aldehuelas, Las
0%
Aldeire
0%
Aldeonte
0%
Aldover
0%
Aleixar, l'
0%
Alella
0%
Alentisque
0%
Alesanco
0%
Alesón
0%
Alfacar
0%
Alfafar
0%
Alfafara
0%
Alfajarín
0%
Alfántega
0%
Alfara de Carles
0%
Alfara de la Baronia
0%
Alfara del Patriarca
0%
Alfaraz de Sayago
0%
Alfarb
0%
Alfarnate
0%
Alfarnatejo
0%
Alfarràs
0%
Alfarrasí
0%
Alfàs del Pi, l'
0%
Alfauir
0%
Alfés
0%
Alfondeguilla
0%
Alforja
0%
Alforque
0%
Alfoz de Bricia
0%
Alfoz de Lloredo
0%
Alfoz de Quintanadueñas
0%
Alfoz de Santa Gadea
0%
Algaba, La
0%
Algadefe
0%
Algaida
0%
Algámitas
0%
Algar de Mesa
0%
Algar de Palància
0%
Algarinejo
0%
Algarra
0%
Algarrobo
0%
Algatocín
0%
Algerri
0%
Algímia d'Alfara
0%
Algimia de Almonacid
0%
Alginet
0%
Algodonales
0%
Algodre
0%
Algora
0%
Algorfa
0%
Alguaire
0%
Alguazas
0%
Algueña
0%
Alhabia
0%
Alhama de Almería
0%
Alhama de Aragón
0%
Alhama de Granada
0%
Alhambra
0%
Alhaurín el Grande
0%
Alhendín
0%
Alhóndiga
0%
Alía
0%
Aliaga
0%
Aliaguilla
0%
Alicún
0%
Alicún de Ortega
0%
Alija del Infantado
0%
Alins
0%
Alió
0%
Alique
0%
Aliseda
0%
Aliud
0%
Aljaraque
0%
Aljucén
0%
Alkiza
0%
Allande
0%
Allepuz
0%
Alloza
0%
Allueva
0%
Almacelles
0%
Almáchar
0%
Almadenejos
0%
Almadrones
0%
Almajano
0%
Almaluez
0%
Almaraz de Duero
0%
Almarcha, La
0%
Almargen
0%
Almarza
0%
Almarza de Cameros
0%
Almàssera
0%
Almassora
0%
Almatret
0%
Almazul
0%
Almedíjar
0%
Almedina
0%
Almedinilla
0%
Almegíjar
0%
Almeida de Sayago
0%
Almenar
0%
Almenara
0%
Almenara de Adaja
0%
Almenara de Tormes
0%
Almenar de Soria
0%
Almendro, El
0%
Almendros
0%
Almiserà
0%
Almochuel
0%
Almócita
0%
Almodóvar del Campo
0%
Almodóvar del Pinar
0%
Almodóvar del Río
0%
Almogía
0%
Almoguera
0%
Almohaja
0%
Almoharín
0%
Almoines
0%
Almolda, La
0%
Almonacid del Marquesado
0%
Almonacid de Toledo
0%
Almonacid de Zorita
0%
Almoradí
0%
Almoster
0%
Almudaina
0%
Almudévar
0%
Almunia de Doña Godina, La
0%
Almunia de San Juan
0%
Almuniente
0%
Almuradiel
0%
Almussafes
0%
Alobras
0%
Alocén
0%
Alonsotegi
0%
Álora
0%
Alòs de Balaguer
0%
Alosno
0%
Alovera
0%
Alozaina
0%
Alpandeire
0%
Alpanseque
0%
Alpeñés
0%
Alpens
0%
Alpera
0%
Alpicat
0%
Alpuente
0%
Alpujarra de la Sierra
0%
Alqueria d'Asnar, l'
0%
Alqueria de la Comtessa, l'
0%
Alqueries, les/Alquerías del Niño Perdido
0%
Alquife
0%
Alsodux
0%
Altable
0%
Altafulla
0%
Alt Àneu
0%
Altarejos
0%
Altorricón
0%
Altos, Los
0%
Altura
0%
Alustante
0%
Amavida
0%
Amayuelas de Arriba
0%
Ambel
0%
Ambite
0%
Ametlla del Vallès, l'
0%
Ametlla de Mar, l'
0%
Ameyugo
0%
Amieva
0%
Amoroto
0%
Ampolla, l'
0%
Amusco
0%
Amusquillo
0%
Anadón
0%
Añana
0%
Anaya
0%
Anaya de Alba
0%
Anchuras
0%
Andavías
0%
Andilla
0%
Andorra
0%
Andratx
0%
Andújar
0%
Añe
0%
Anento
0%
Anglès
0%
Anglesola
0%
Angón
0%
Anguciana
0%
Angüés
0%
Anguiano
0%
Anguix
0%
Anievas
0%
Aniñón
0%
Anna
0%
Añón de Moncayo
0%
Añora
0%
Añorbe
0%
Añover de Tajo
0%
Añover de Tormes
0%
Anquela del Ducado
0%
Anquela del Pedregal
0%
Antella
0%
Antigüedad
0%
Arabayona de Mógica
0%
Arafo
0%
Aragüés del Puerto
0%
Arahal
0%
Arahuetes
0%
Arancón
0%
Aranda de Moncayo
0%
Arándiga
0%
Arandilla
0%
Arandilla del Arroyo
0%
Arantzazu
0%
Arañuel
0%
Aranzueque
0%
Arapiles
0%
Aras
0%
Aras de los Olmos
0%
Arauzo de Salce
0%
Arauzo de Torre
0%
Arbancón
0%
Arbeca
0%
Arbeteta
0%
Arboç, l'
0%
Arboleas
0%
Arbolí
0%
Arbúcies
0%
Arcas
0%
Arcediano
0%
Arcenillas
0%
Árchez
0%
Archidona
0%
Arcicóllar
0%
Arco, El
0%
Arconada
0%
Arcones
0%
Arcos de Jalón
0%
Arcos de la Polvorosa
0%
Arcos de la Sierra
0%
Arcos de las Salinas
0%
Ardales
0%
Ardisa
0%
Ardón
0%
Areatza
0%
Arenas de Iguña
0%
Arenas del Rey
0%
Arenas de San Juan
0%
Arenas de San Pedro
0%
Arenillas
0%
Arenillas de Riopisuerga
0%
Arens de Lledó
0%
Arenys de Mar
0%
Arenys de Munt
0%
Arenzana de Abajo
0%
Arenzana de Arriba
0%
Ares del Maestrat
0%
Arevalillo
0%
Arevalillo de Cega
0%
Arévalo de la Sierra
0%
Argañín
0%
Arganza
0%
Argavieso
0%
Argecilla
0%
Argelaguer
0%
Argelita
0%
Argençola
0%
Argente
0%
Argentera, l'
0%
Argentona
0%
Argoños
0%
Arguis
0%
Arguisuelas
0%
Argujillo
0%
Ariany
0%
Arico
0%
Arija
0%
Ariño
0%
Ariza
0%
Arjona
0%
Arjonilla
0%
Arlanzón
0%
Armallones
0%
Armañanzas
0%
Armentera, l'
0%
Armenteros
0%
Armilla
0%
Armuña
0%
Armuña de Almanzora
0%
Armuña de Tajuña
0%
Arnes
0%
Arnoia, A
0%
Arnuero
0%
Aroche
0%
Arona
0%
Arquillinos
0%
Arquillos
0%
Arraia-Maeztu
0%
Arrancacepas
0%
Arrankudiaga-Zollo
0%
Arraya de Oca
0%
Arredondo
0%
Arriate
0%
Arrieta
0%
Arroba de los Montes
0%
Arróniz
0%
Arroyo de la Luz
0%
Arroyo de las Fraguas
0%
Arroyo del Ojanco
0%
Arroyo de San Serván
0%
Arroyomolinos de la Vera
0%
Arrúbal
0%
Arsèguel
0%
Artana
0%
Artenara
0%
Artés
0%
Artesa de Lleida
0%
Artesa de Segre
0%
Artieda
0%
Arucas
0%
Aspariegos
0%
Aspe
0%
Asteasu
0%
Asturianos
0%
Atajate
0%
Atalaya
0%
Atalaya del Cañavate
0%
Atalaya, La
0%
Atanzón
0%
Atapuerca
0%
Atazar, El
0%
Atea
0%
Ateca
0%
Atienza
0%
Atxondo
0%
Atzeneta d'Albaida
0%
Atzeneta del Maestrat
0%
Atzúbia, l'
0%
Aulesti
0%
Auñón
0%
Ausejo
0%
Ausejo de la Sierra
0%
Ausines, Los
0%
Autilla del Pino
0%
Autillo de Campos
0%
Autol
0%
Aveinte
0%
Avellaneda
0%
Avellanes i Santa Linya, les
0%
Avellanosa de Muñó
0%
Avià
0%
Avinyó
0%
Avinyonet del Penedès
0%
Avinyonet de Puigventós
0%
Ayerbe
0%
Ayna
0%
Ayódar
0%
Ayoó de Vidriales
0%
Ayuela
0%
Aznalcázar
0%
Azofra
0%
Azuara
0%
Azuébar
0%
Azuelo
0%
Azután
0%
Babilafuente
0%
Bacares
0%
Badarán
0%
Bádenas
0%
Badia del Vallès
0%
Badolatosa
0%
Badules
0%
Baélls
0%
Baena
0%
Bagà
0%
Báguena
0%
Bagüés
0%
Bahabón
0%
Bahabón de Esgueva
0%
Baides
0%
Bailo
0%
Baix Pallars
0%
Balanegra
0%
Balazote
0%
Balbases, Los
0%
Balboa
0%
Balconchán
0%
Baldellou
0%
Balenyà
0%
Ballestero, El
0%
Ballesteros de Calatrava
0%
Balones
0%
Balsa de Ves
0%
Balsareny
0%
Baña, A
0%
Bañares
0%
Bañobárez
0%
Bañón
0%
Baños de la Encina
0%
Baños de Rioja
0%
Baños de Río Tobía
0%
Baños de Tajo
0%
Baños de Valdearados
0%
Bañuelos
0%
Bañuelos de Bureba
0%
Banyalbufar
0%
Banyeres del Penedès
0%
Banyeres de Mariola
0%
Banyoles
0%
Baquerín de Campos
0%
Barajas de Melo
0%
Baraona
0%
Barbadás
0%
Barbadillo
0%
Barbadillo de Herreros
0%
Barbadillo del Mercado
0%
Barbadillo del Pez
0%
Barbalos
0%
Barbarin
0%
Barbens
0%
Barberà de la Conca
0%
Barberà del Vallès
0%
Bárboles
0%
Barbolla
0%
Barbués
0%
Barbuñales
0%
Barca
0%
Bárcabo
0%
Barcarrota
0%
Bárcena de Campos
0%
Bárcena de Cicero
0%
Bárcena de Pie de Concha
0%
Barchín del Hoyo
0%
Barcial de la Loma
0%
Barcial del Barco
0%
Barcience
0%
Barco de Ávila, El
0%
Barco de Valdeorras, O
0%
Barcones
0%
Bardallur
0%
Bareyo
0%
Barjas
0%
Barlovento
0%
Baronia de Rialb, la
0%
Barrachina
0%
Barrado
0%
Barrax
0%
Barrika
0%
Barrio de Muñó
0%
Barriopedro
0%
Barrios de Bureba, Los
0%
Barrios de Colina
0%
Barrios de Luna, Los
0%
Barrios, Los
0%
Barromán
0%
Barruecopardo
0%
Barruelo del Valle
0%
Barruelo de Santullán
0%
Barrundia
0%
Barx
0%
Barxeta
0%
Basardilla
0%
Bàscara
0%
Basconcillos del Tozo
0%
Báscones de Ojeda
0%
Bascuñana
0%
Bascuñana de San Pedro
0%
Bassella
0%
Bastida, La
0%
Batea
0%
Baterno
0%
Bayárcal
0%
Bayarque
0%
Bayubas de Abajo
0%
Bayubas de Arriba
0%
Beamud
0%
Beas de Granada
0%
Beas de Guadix
0%
Beas de Segura
0%
Becedas
0%
Becedillas
0%
Beceite
0%
Becerril de Campos
0%
Becilla de Valderaduey
0%
Bédar
0%
Bedia
0%
Bedmar y Garcíez
0%
Begíjar
0%
Begues
0%
Begur
0%
Beires
0%
Bejís
0%
Belbimbre
0%
Beleña
0%
Bèlgida
0%
Belianes
0%
Belinchón
0%
Bellaguarda
0%
Bellcaire d'Empordà
0%
Bellcaire d'Urgell
0%
Bell-lloc d'Urgell
0%
Bellmunt del Priorat
0%
Bellmunt d'Urgell
0%
Bellprat
0%
Bellpuig
0%
Bellreguard
0%
Bellvei
0%
Bellver de Cerdanya
0%
Belmez
0%
Bélmez de la Moraleda
0%
Belmonte de Campos
0%
Belmonte de Gracián
0%
Belmonte de Miranda
0%
Belmonte de San José
0%
Belmonte de Tajo
0%
Belmontejo
0%
Belver de Cinca
0%
Belver de los Montes
0%
Belvís de Monroy
0%
Bembibre
0%
Benabarre
0%
Benadalid
0%
Benafarces
0%
Benafer
0%
Benafigos
0%
Benagéber
0%
Benaguasil
0%
Benahadux
0%
Benalauría
0%
Benalúa
0%
Benalúa de las Villas
0%
Benalup-Casas Viejas
0%
Benamargosa
0%
Benamaurel
0%
Benamejí
0%
Benamocarra
0%
Benaocaz
0%
Benaoján
0%
Benarrabá
0%
Benasau
0%
Benassal
0%
Benatae
0%
Benavent de Segrià
0%
Benavites
0%
Benegiles
0%
Beneixama
0%
Beneixida
0%
Benejúzar
0%
Benetússer
0%
Benferri
0%
Beniarbeig
0%
Beniardà
0%
Beniarjó
0%
Beniarrés
0%
Beniatjar
0%
Benicolet
0%
Benicull de Xúquer
0%
Benidoleig
0%
Benifaió
0%
Benifairó de la Valldigna
0%
Benifairó de les Valls
0%
Benifallet
0%
Benifallim
0%
Benifato
0%
Beniflá
0%
Benigànim
0%
Benigembla
0%
Benijófar
0%
Benilloba
0%
Benillup
0%
Benimantell
0%
Benimarfull
0%
Benimassot
0%
Benimeli
0%
Benimodo
0%
Benimuslem
0%
Beniparrell
0%
Benirredrà
0%
Benissa
0%
Benissanet
0%
Benissanó
0%
Benissoda
0%
Benissuera
0%
Benitagla
0%
Benizalón
0%
Benlloc
0%
Benquerencia
0%
Benquerencia de la Serena
0%
Bentarique
0%
Benuza
0%
Berantevilla
0%
Beranuy
0%
Beratón
0%
Berbegal
0%
Berberana
0%
Berceo
0%
Bercero
0%
Berceruelo
0%
Bérchules
0%
Bercial
0%
Bercial de Zapardiel
0%
Bercianos del Páramo
0%
Bercianos del Real Camino
0%
Bercimuel
0%
Berdejo
0%
Bergasa
0%
Bergasillas Bajera
0%
Berge
0%
Berlanas, Las
0%
Berlanga de Duero
0%
Berlanga del Bierzo
0%
Berlangas de Roa
0%
Bermellar
0%
Bermillo de Sayago
0%
Bernardos
0%
Berninches
0%
Bernuy de Porreros
0%
Bernuy-Zapardiel
0%
Berriz
0%
Berrocal
0%
Berrocal de Huebra
0%
Berrocal de Salvatierra
0%
Berrocalejo
0%
Berrocalejo de Aragona
0%
Berrueces
0%
Berrueco
0%
Berrueco, El
0%
Berzosa de Bureba
0%
Berzosa del Lozoya
0%
Berzosilla
0%
Besalú
0%
Bescanó
0%
Betancuria
0%
Bétera
0%
Beteta
0%
Beuda
0%
Bezares
0%
Bezas
0%
Bicorp
0%
Bidaurreta
0%
Bienservida
0%
Bierge
0%
Bigastro
0%
Bigues i Riells del Fai
0%
Bijuesca
0%
Bimenes
0%
Binaced
0%
Binéfar
0%
Binissalem
0%
Biosca
0%
Biota
0%
Bisaurri
0%
Bisbal del Penedès, la
0%
Bisbal de Montsant, la
0%
Bisbal d'Empordà, la
0%
Biscarrués
0%
Bisimbre
0%
Biure
0%
Blacos
0%
Blancafort
0%
Blancas
0%
Blancos, Os
0%
Blanes
0%
Blascomillán
0%
Blasconuño de Matacabras
0%
Blascosancho
0%
Blázquez, Los
0%
Blecua y Torres
0%
Blesa
0%
Bliecos
0%
Boada
0%
Boada de Campos
0%
Boadella i les Escaules
0%
Boadilla del Camino
0%
Boadilla de Rioseco
0%
Boal
0%
Boalo, El
0%
Bobadilla
0%
Bobadilla del Campo
0%
Boca de Huérgano
0%
Boceguillas
0%
Bocigas
0%
Bocos de Duero
0%
Bodera, La
0%
Bodonal de la Sierra
0%
Bodón, El
0%
Boecillo
0%
Bogajo
0%
Bogarra
0%
Bohodón, El
0%
Bohonal de Ibor
0%
Bohoyo
0%
Bola, A
0%
Bolaños de Calatrava
0%
Bolaños de Campos
0%
Bolbaite
0%
Bollullos de la Mitación
0%
Bollullos Par del Condado
0%
Bolo, O
0%
Boltaña
0%
Bolulla
0%
Bolvir
0%
Bonansa
0%
Bonares
0%
Bonastre
0%
Bonete
0%
Boniches
0%
Bonilla de la Sierra
0%
Bonillo, El
0%
Bonrepòs i Mirambell
0%
Boquiñeni
0%
Bordalba
0%
Bòrdes, Es
0%
Bordils
0%
Bordón
0%
Borge, El
0%
Borges Blanques, les
0%
Borges del Camp, les
0%
Borjabad
0%
Bornos
0%
Borobia
0%
Borrassà
0%
Borredà
0%
Borrenes
0%
Borriol
0%
Bosque, El
0%
Bot
0%
Botarell
0%
Botija
0%
Botorrita
0%
Bouza, La
0%
Bóveda del Río Almar
0%
Bóveda de Toro, La
0%
Bovera
0%
Bozoó
0%
Brabos
0%
Bràfim
0%
Brahojos de Medina
0%
Brañosera
0%
Braojos
0%
Brazacorta
0%
Brazatortas
0%
Brazuelo
0%
Brea de Aragón
0%
Brea de Tajo
0%
Breda
0%
Breña Alta
0%
Breña Baja
0%
Bretó
0%
Bretocino
0%
Brieva
0%
Brieva de Cameros
0%
Brime de Sog
0%
Brime de Urz
0%
Briñas
0%
Brincones
0%
Briones
0%
Bronchales
0%
Brozas
0%
Bruc, el
0%
Brull, el
0%
Brunyola i Sant Martí Sapresa
0%
Buberos
0%
Bubierca
0%
Bubión
0%
Buciegas
0%
Budia
0%
Buenache de Alarcón
0%
Buenache de la Sierra
0%
Buenamadre
0%
Buenaventura
0%
Buenavista del Norte
0%
Buendía
0%
Bufali
0%
Bugarra
0%
Bugedo
0%
Búger
0%
Buitrago
0%
Buitrago del Lozoya
0%
Bujalance
0%
Bujalaro
0%
Bujaraloz
0%
Bularros
0%
Bulbuente
0%
Buniel
0%
Buñol
0%
Bunyola
0%
Burbáguena
0%
Bureta
0%
Burganes de Valverde
0%
Burgo de Ebro, El
0%
Burgo de Osma-Ciudad de Osma
0%
Burgo, El
0%
Burgo Ranero, El
0%
Burguillos del Cerro
0%
Burguillos de Toledo
0%
Burjassot
0%
Burón
0%
Burujón
0%
Busot
0%
Busquístar
0%
Bustares
0%
Buste, El
0%
Bustillo de Chaves
0%
Bustillo de la Vega
0%
Bustillo del Oro
0%
Bustillo del Páramo
0%
Bustillo del Páramo de Carrión
0%
Busto de Bureba
0%
Busto, El
0%
Cabacés
0%
Cabaco, El
0%
Caballar
0%
Cabanabona
0%
Cabañas de Ebro
0%
Cabañas del Castillo
0%
Cabañas de Polendos
0%
Cabañas de Sayago
0%
Cabañas Raras
0%
Cabanelles
0%
Cabanes
0%
Cabañes de Esgueva
0%
Cabanillas de la Sierra
0%
Cabanillas del Campo
0%
Cabanyes, les
0%
Cabezabellosa
0%
Cabezabellosa de la Calzada
0%
Cabeza de Béjar, La
0%
Cabeza del Buey
0%
Cabeza del Caballo
0%
Cabeza la Vaca
0%
Cabezamesada
0%
Cabezarados
0%
Cabezarrubias del Puerto
0%
Cabezas de Alambre
0%
Cabezas del Pozo
0%
Cabezas del Villar
0%
Cabezas de San Juan, Las
0%
Cabezas Rubias
0%
Cabezón de Cameros
0%
Cabezón de la Sierra
0%
Cabezón de Liébana
0%
Cabezón de Valderaduey
0%
Cabezuela
0%
Cabezuela del Valle
0%
Cabizuela
0%
Cabó
0%
Cabolafuente
0%
Cabra del Camp
0%
Cabra del Santo Cristo
0%
Cabra de Mora
0%
Cabrales
0%
Cabranes
0%
Cabrejas del Campo
0%
Cabrejas del Pinar
0%
Cabrera d'Anoia
0%
Cabrera de Mar
0%
Cabrera, La
0%
Cabrerizos
0%
Cabrero
0%
Cabreros del Monte
0%
Cabreros del Río
0%
Cabrillas
0%
Cabrils
0%
Cabuérniga
0%
Cachorrilla
0%
Cacín
0%
Cadalso de los Vidrios
0%
Cadaqués
0%
Cádiar
0%
Cadrete
0%
Cájar
0%
Calabazas de Fuentidueña
0%
Calaceite
0%
Calaf
0%
Calafell
0%
Calahorra de Boedo
0%
Calahorra, La
0%
Calañas
0%
Calatañazor
0%
Calcena
0%
Caldas de Reis
0%
Caldearenas
0%
Calders
0%
Caldes de Malavella
0%
Caldes de Montbui
0%
Caldes d'Estrac
0%
Calella
0%
Calera de León
0%
Calera y Chozas
0%
Caleruega
0%
Caleruela
0%
Calicasas
0%
Càlig
0%
Calldetenes
0%
Calles
0%
Callosa d'en Sarrià
0%
Callosa de Segura
0%
Calmarza
0%
Calomarde
0%
Calonge de Segarra
0%
Calonge i Sant Antoni
0%
Caltojar
0%
Calvarrasa de Abajo
0%
Calvarrasa de Arriba
0%
Calzada de Béjar, La
0%
Calzada de Don Diego
0%
Calzada del Coto
0%
Calzada de los Molinos
0%
Calzada de Valdunciel
0%
Calzadilla de Tera
0%
Camaleño
0%
Camañas
0%
Camarasa
0%
Camarena de la Sierra
0%
Camargo
0%
Camarillas
0%
Camarles
0%
Camarma de Esteruelas
0%
Camarzana de Tera
0%
Cambil
0%
Caminomorisco
0%
Caminreal
0%
Camós
0%
Campana, La
0%
Campanario
0%
Campanet
0%
Camp de Mirra, el/Campo de Mirra
0%
Campdevànol
0%
Campelles
0%
Campello, el
0%
Campillo de Altobuey
0%
Campillo de Aragón
0%
Campillo de Aranda
0%
Campillo de Arenas
0%
Campillo de Azaba
0%
Campillo de Deleitosa
0%
Campillo de Dueñas
0%
Campillo de la Jara, El
0%
Campillo de Ranas
0%
Campillo, El
0%
Campillos
0%
Campillos-Paravientos
0%
Campillos-Sierra
0%
Campins
0%
Campisábalos
0%
Campllong
0%
Campo de Peñaranda, El
0%
Campo de San Pedro
0%
Campofrío
0%
Campo Lameiro
0%
Campolara
0%
Campo Lugar
0%
Camponaraya
0%
Campoo de Enmedio
0%
Campoo de Yuso
0%
Campo Real
0%
Camporredondo
0%
Camporrélls
0%
Camporrobles
0%
Campos
0%
Campos del Paraíso
0%
Campos del Río
0%
Campotéjar
0%
Camprodon
0%
Camprovín
0%
Camuñas
0%
Cañada
0%
Cañada de Benatanduz
0%
Cañada de Calatrava
0%
Cañada del Hoyo
0%
Cañada de Verich, La
0%
Cañada Juncosa
0%
Cañada Rosal
0%
Cañada Vellida
0%
Canal de Berdún
0%
Canalejas del Arroyo
0%
Canales
0%
Canales de la Sierra
0%
Canals
0%
Cañamaque
0%
Cañamares
0%
Cañas
0%
Cañavate, El
0%
Cañaveral
0%
Cañaveral de León
0%
Cañaveras
0%
Cañaveruelas
0%
Candamo
0%
Candasnos
0%
Candelaria
0%
Candelario
0%
Candilichera
0%
Canena
0%
Canet d'Adri
0%
Canet de Mar
0%
Canet d'En Berenguer
0%
Cañete
0%
Cañete de las Torres
0%
Cañete la Real
0%
Canet lo Roig
0%
Cangas del Narcea
0%
Canicosa de la Sierra
0%
Caniles
0%
Canillas de Abajo
0%
Canillas de Aceituno
0%
Canillas de Albaida
0%
Canillas de Esgueva
0%
Canillas de Río Tuerto
0%
Cañiza, A
0%
Cañizal
0%
Cañizar
0%
Cañizar del Olivar
0%
Cañizares
0%
Cañizo
0%
Canjáyar
0%
Canonja, la
0%
Canovelles
0%
Cànoves i Samalús
0%
Canredondo
0%
Cantabrana
0%
Cantagallo
0%
Cantalapiedra
0%
Cantalejo
0%
Cantallops
0%
Cantalojas
0%
Cantalpino
0%
Cantaracillo
0%
Cantavieja
0%
Cantimpalos
0%
Cantiveros
0%
Cantoria
0%
Canyelles
0%
Capafonts
0%
Capçanes
0%
Capdepera
0%
Capdesaso
0%
Capela, A
0%
Capellades
0%
Capileira
0%
Capilla
0%
Capillas
0%
Capmany
0%
Capolat
0%
Carabaña
0%
Carabantes
0%
Carabias
0%
Caracena
0%
Caracuel de Calatrava
0%
Carataunas
0%
Caravia
0%
Carazo
0%
Carbajales de Alba
0%
Carbajo
0%
Carbajosa de la Sagrada
0%
Carballiño, O
0%
Carbellino
0%
Carboneras
0%
Carboneras de Guadazaón
0%
Carbonero el Mayor
0%
Carboneros
0%
Carcaboso
0%
Carcabuey
0%
Carcaixent
0%
Cárcar
0%
Carcedo de Bureba
0%
Carcedo de Burgos
0%
Carcelén
0%
Càrcer
0%
Cárcheles
0%
Cardedeu
0%
Cardeña
0%
Cardeñadijo
0%
Cardeñajimeno
0%
Cárdenas
0%
Cardenete
0%
Cardeñosa
0%
Cardeñosa de Volpejera
0%
Cardeñuela Riopico
0%
Cardiel de los Montes
0%
Cardoso de la Sierra, El
0%
Carenas
0%
Carlet
0%
Carlota, La
0%
Cármenes
0%
Carmonita
0%
Carolina, La
0%
Carpio de Azaba
0%
Carpio de Tajo, El
0%
Carpio, El
0%
Carracedelo
0%
Carrascal de Barregas
0%
Carrascal del Obispo
0%
Carrascal del Río
0%
Carrascalejo
0%
Carrascalejo, El
0%
Carrascosa
0%
Carrascosa de Abajo
0%
Carrascosa de Haro
0%
Carrascosa de la Sierra
0%
Carratraca
0%
Carreño
0%
Carrera, La
0%
Carrias
0%
Carriches
0%
Carrícola
0%
Carrión de los Céspedes
0%
Carrizosa
0%
Carrocera
0%
Cartajima
0%
Cártama
0%
Cartaya
0%
Cartes
0%
Carucedo
0%
Casabermeja
0%
Casa de Uceda
0%
Casafranca
0%
Casalarreina
0%
Casarabonela
0%
Casar de Cáceres
0%
Casar de Escalona, El
0%
Casar de Palomero
0%
Casarejos
0%
Casar, El
0%
Casares
0%
Casares de las Hurdes
0%
Casariche
0%
Casarrubuelos
0%
Casas Altas
0%
Casas Bajas
0%
Casas de Benítez
0%
Casas de Don Antonio
0%
Casas de Don Gómez
0%
Casas de Don Pedro
0%
Casas de Fernando Alonso
0%
Casas de Garcimolina
0%
Casas de Guijarro
0%
Casas de Haro
0%
Casas de Juan Núñez
0%
Casas de Lázaro
0%
Casas del Castañar
0%
Casas del Conde, Las
0%
Casas del Monte
0%
Casas de los Pinos
0%
Casas del Puerto
0%
Casas de Millán
0%
Casas de Miravete
0%
Casas de Reina
0%
Casas de San Galindo
0%
Casas de Ves
0%
Casaseca de Campeán
0%
Casaseca de las Chanas
0%
Casasimarro
0%
Casasola
0%
Casasola de Arión
0%
Casatejada
0%
Casavieja
0%
Casbas de Huesca
0%
Cascajares de Bureba
0%
Cascajares de la Sierra
0%
Cascante del Río
0%
Caseres
0%
Casillas
0%
Casillas de Coria
0%
Casillas de Flores
0%
Casinos
0%
Casla
0%
Caso
0%
Caspueñas
0%
Cassà de la Selva
0%
Casserres
0%
Castalla
0%
Castañares de Rioja
0%
Castañeda
0%
Castaño del Robledo
0%
Cástaras
0%
Castejón de Alarba
0%
Castejón de Henares
0%
Castejón de las Armas
0%
Castejón del Puente
0%
Castejón de Monegros
0%
Castejón de Tornos
0%
Castejón de Valdejasa
0%
Castel de Cabra
0%
Castelflorite
0%
Castellanos de Castro
0%
Castellanos de Moriscos
0%
Castellanos de Villiquera
0%
Castellanos de Zapardiel
0%
Castellar de la Muela
0%
Castellar de la Ribera
0%
Castellar del Riu
0%
Castellar del Vallès
0%
Castellar de n'Hug
0%
Castellar, El
0%
Castellbell i el Vilar
0%
Castellbisbal
0%
Castellcir
0%
Castelldans
0%
Castell d'Aro, Platja d'Aro i s'Agaró
0%
Castell de Cabres
0%
Castell de Castells
0%
Castelldefels
0%
Castell de Guadalest, el
0%
Castell de l'Areny
0%
Castell de Mur
0%
Castell, es
0%
Castellet i la Gornal
0%
Castellfollit de la Roca
0%
Castellfollit del Boix
0%
Castellfollit de Riubregós
0%
Castellfort
0%
Castellgalí
0%
Castellnou de Bages
0%
Castellnou de Seana
0%
Castellnovo
0%
Castelló de Farfanya
0%
Castelló de la Plana/Castellón de la Plana
0%
Castelló d'Empúries
0%
Castelló de Rugat
0%
Castellolí
0%
Castellonet de la Conquesta
0%
Castellote
0%
Castellserà
0%
Castellterçol
0%
Castellvell del Camp
0%
Castellví de la Marca
0%
Castellví de Rosanes
0%
Castelnou
0%
Castelserás
0%
Castiello de Jaca
0%
Castigaleu
0%
Castilblanco
0%
Castilblanco de los Arroyos
0%
Castildelgado
0%
Castil de Peones
0%
Castil de Vela
0%
Castilfalé
0%
Castilforte
0%
Castilfrío de la Sierra
0%
Castillazuelo
0%
Castilleja de Guzmán
0%
Castilleja de la Cuesta
0%
Castilleja del Campo
0%
Castilléjar
0%
Castillejo de Iniesta
0%
Castillejo de Martín Viejo
0%
Castillejo de Mesleón
0%
Castillejo de Robledo
0%
Castillejo-Sierra
0%
Castillo-Albaráñez
0%
Castillo de Bayuela
0%
Castillo de Garcimuñoz
0%
Castillo de las Guardas, El
0%
Castillo de Locubín
0%
Castillo de Villamalefa
0%
Castillonroy
0%
Castilnuevo
0%
Castilruiz
0%
Castraz
0%
Castrejón de la Peña
0%
Castrejón de Trabancos
0%
Castrillo de Cabrera
0%
Castrillo de Don Juan
0%
Castrillo de Duero
0%
Castrillo de la Guareña
0%
Castrillo de la Reina
0%
Castrillo de la Valduerna
0%
Castrillo de la Vega
0%
Castrillo del Val
0%
Castrillo de Onielo
0%
Castrillo de Riopisuerga
0%
Castrillo de Villavega
0%
Castrillo Mota de Judíos
0%
Castrillo-Tejeriego
0%
Castrobol
0%
Castrocalbón
0%
Castrocontrigo
0%
Castro de Filabres
0%
Castro de Fuentidueña
0%
Castro del Río
0%
Castrodeza
0%
Castrogonzalo
0%
Castrojeriz
0%
Castrojimeno
0%
Castromembibre
0%
Castromocho
0%
Castromonte
0%
Castronuevo
0%
Castronuevo de Esgueva
0%
Castropodame
0%
Castropol
0%
Castroserna de Abajo
0%
Castroserracín
0%
Castrotierra de Valmadrigal
0%
Castroverde de Campos
0%
Castroverde de Cerrato
0%
Castroviejo
0%
Castuera
0%
Catadau
0%
Catí
0%
Catllar, el
0%
Catral
0%
Caudete
0%
Caudete de las Fuentes
0%
Caudiel
0%
Cava
0%
Cavia
0%
Cayuela
0%
Cazalegas
0%
Cazalilla
0%
Cazorla
0%
Cazurra
0%
Cebrecos
0%
Cebrones del Río
0%
Ceclavín
0%
Cedillo
0%
Cedillo de la Torre
0%
Cedillo del Condado
0%
Cedrillas
0%
Ceinos de Campos
0%
Celada del Camino
0%
Celadas
0%
Cellera de Ter, la
0%
Cellorigo
0%
Celrà
0%
Cendejas de Enmedio
0%
Cendejas de la Torre
0%
Cenes de la Vega
0%
Cenizate
0%
Centelles
0%
Centenera
0%
Centenera de Andaluz
0%
Cepeda
0%
Cepeda la Mora
0%
Cerbón
0%
Cercs
0%
Cerdà
0%
Cerdanyola del Vallès
0%
Cereceda de la Sierra
0%
Cerecinos de Campos
0%
Cerecinos del Carrizal
0%
Cerezal de Peñahorcada
0%
Cerezo de Abajo
0%
Cerezo de Arriba
0%
Cernadilla
0%
Cerollera, La
0%
Cerralbo
0%
Cerralbos, Los
0%
Cerratón de Juarros
0%
Cerro de Andévalo, El
0%
Cerro, El
0%
Cervatos de la Cueza
0%
Cervelló
0%
Cervera de Buitrago
0%
Cervera de la Cañada
0%
Cervera del Llano
0%
Cervera del Maestre
0%
Cervera de los Montes
0%
Cervera del Río Alhama
0%
Cerveruela
0%
Cervià de les Garrigues
0%
Cervià de Ter
0%
Cervillego de la Cruz
0%
Cespedosa de Tormes
0%
Cetina
0%
Cevico de la Torre
0%
Cevico Navero
0%
Chagarcía Medianero
0%
Chalamera
0%
Chamartín
0%
Chañe
0%
Chapinería
0%
Chauchina
0%
Cheles
0%
Chella
0%
Chequilla
0%
Chera
0%
Chercos
0%
Chiclana de Segura
0%
Chilches/Xilxes
0%
Chillarón de Cuenca
0%
Chillarón del Rey
0%
Chillón
0%
Chilluévar
0%
Chiloeches
0%
Chimeneas
0%
Chinchilla de Monte-Aragón
0%
Chiprana
0%
Chirivel
0%
Chiva
0%
Chodes
0%
Chóvar
0%
Chozas de Abajo
0%
Chozas de Canales
0%
Chucena
0%
Chueca
0%
Chulilla
0%
Chumillas
0%
Churriana de la Vega
0%
Ciadoncha
0%
Cidamón
0%
Cidones
0%
Ciempozuelos
0%
Cierva, La
0%
Cifuentes
0%
Cigudosa
0%
Cihuela
0%
Cihuri
0%
Cijuela
0%
Cillán
0%
Cillaperlata
0%
Cilleros
0%
Cilleros de la Bastida
0%
Cilleruelo de Abajo
0%
Cilleruelo de Arriba
0%
Cilleruelo de San Mamés
0%
Cillorigo de Liébana
0%
Cimballa
0%
Cinco Olivas
0%
Cinctorres
0%
Cipérez
0%
Cirat
0%
Ciria
0%
Ciruelas
0%
Ciruelos de Cervera
0%
Ciruelos del Pinar
0%
Cirueña
0%
Cirujales del Río
0%
Cisla
0%
Cisneros
0%
Cistella
0%
Ciutadella de Menorca
0%
Ciutadilla
0%
Clarés de Ribota
0%
Clariana de Cardener
0%
Clavijo
0%
Coaña
0%
Cóbdar
0%
Cobeja
0%
Cobeta
0%
Cobos de Cerrato
0%
Cobos de Fuentidueña
0%
Cobreros
0%
Coca de Alba
0%
Cocentaina
0%
Codoñera, La
0%
Codorniz
0%
Codosera, La
0%
Cofrentes
0%
Cogollor
0%
Cogollos
0%
Cogollos de Guadix
0%
Cogollos de la Vega
0%
Cogolludo
0%
Cogul, el
0%
Coín
0%
Coirós
0%
Colera
0%
Colilla, La
0%
Collado de Contreras
0%
Collado de la Vera
0%
Collado del Mirón
0%
Collado Hermoso
0%
Collazos de Boedo
0%
Collbató
0%
Colldejou
0%
Coll de Nargó
0%
Collsuspina
0%
Colmenar del Arroyo
0%
Colmenar de Montemayor
0%
Colomera
0%
Colomers
0%
Colunga
0%
Colungo
0%
Coma i la Pedra, la
0%
Comares
0%
Cómpeta
0%
Conca de Dalt
0%
Condado de Castilnovo
0%
Condemios de Abajo
0%
Condemios de Arriba
0%
Conesa
0%
Confrides
0%
Congosto
0%
Congosto de Valdavia
0%
Congostrina
0%
Conquista
0%
Conquista de la Sierra
0%
Consell
0%
Constanzana
0%
Contamina
0%
Contreras
0%
Coomonte
0%
Copernal
0%
Copons
0%
Corbalán
0%
Corbera
0%
Corbera d'Ebre
0%
Corbera de Llobregat
0%
Corbillos de los Oteros
0%
Corbins
0%
Corçà
0%
Cordobilla de Lácara
0%
Cordovilla la Real
0%
Cordovín
0%
Corduente
0%
Corera
0%
Coreses
0%
Corgo, O
0%
Coripe
0%
Cornago
0%
Cornellà de Llobregat
0%
Cornellà del Terri
0%
Cornudella de Montsant
0%
Coronada, La
0%
Coronil, El
0%
Corpa
0%
Corporales
0%
Corral de Almaguer
0%
Corral de Ayllón
0%
Corral de Calatrava
0%
Corrales de Buelna, Los
0%
Corrales de Duero
0%
Corrales del Vino
0%
Corrales, Los
0%
Corral-Rubio
0%
Corteconcepción
0%
Corte de Peleas
0%
Cortegana
0%
Cortelazor
0%
Cortes de Aragón
0%
Cortes de Arenoso
0%
Cortes de Baza
0%
Cortes de Pallás
0%
Cortes y Graena
0%
Cortijos, Los
0%
Corullón
0%
Coruña del Conde
0%
Corvera de Asturias
0%
Corvera de Toranzo
0%
Cosa
0%
Coscurita
0%
Costitx
0%
Costur
0%
Cotanes del Monte
0%
Cotes
0%
Cotillas
0%
Covaleda
0%
Covarrubias
0%
Coves de Vinromà, les
0%
Cózar
0%
Cozuelos de Fuentidueña
0%
Creixell
0%
Crémenes
0%
Crespià
0%
Crespos
0%
Cretas
0%
Cristina
0%
Cristóbal
0%
Crivillén
0%
Cruïlles, Monells i Sant Sadurní de l'Heura
0%
Cuarte de Huerva
0%
Cuba, La
0%
Cubel
0%
Cubelles
0%
Cubells
0%
Cubillas de Cerrato
0%
Cubillas de los Oteros
0%
Cubillas de Rueda
0%
Cubillas de Santa Marta
0%
Cubillo del Campo
0%
Cubillo de Uceda, El
0%
Cubla
0%
Cubo de Benavente
0%
Cubo de Bureba
0%
Cubo de Don Sancho, El
0%
Cubo de la Solana
0%
Cubo de Tierra del Vino, El
0%
Cucalón
0%
Cuelgamures
0%
Cuenca de Campos
0%
Cuerlas, Las
0%
Cuervo de Sevilla, El
0%
Cuervo, El
0%
Cueva de Ágreda
0%
Cueva del Hierro
0%
Cueva de Roa, La
0%
Cuevas Bajas
0%
Cuevas de Almudén
0%
Cuevas del Almanzora
0%
Cuevas del Becerro
0%
Cuevas del Campo
0%
Cuevas del Valle
0%
Cuevas de Provanco
0%
Cuevas de San Clemente
0%
Cuevas de San Marcos
0%
Cuevas Labradas
0%
Cúllar Vega
0%
Cumbre, La
0%
Cumbres de Enmedio
0%
Cumbres de San Bartolomé
0%
Cumbres Mayores
0%
Curiel de Duero
0%
Cútar
0%
Cuzcurrita de Río Tirón
0%
Daimús
0%
Darnius
0%
Daroca
0%
Daroca de Rioja
0%
Das
0%
Daya Nueva
0%
Daya Vieja
0%
Degaña
0%
Dehesa de Montejo
0%
Dehesa de Romanos
0%
Dehesas de Guadix
0%
Dehesas Viejas
0%
Deià
0%
Deifontes
0%
Deltebre
0%
Descargamaría
0%
Desojo
0%
Destriana
0%
Dévanos
0%
Deza
0%
Diego del Carpio
0%
Dílar
0%
Dima
0%
Dólar
0%
Dolores
0%
Domeño
0%
Domingo García
0%
Domingo Pérez
0%
Domingo Pérez de Granada
0%
Don Álvaro
0%
Doña Mencía
0%
Donhierro
0%
Doñinos de Ledesma
0%
Doñinos de Salamanca
0%
Donjimeno
0%
Donvidas
0%
Dos Aguas
0%
Dosbarrios
0%
Dosrius
0%
Driebes
0%
Dúdar
0%
Duesaigües
0%
Dúrcal
0%
Durón
0%
Duruelo
0%
Duruelo de la Sierra
0%
Eivissa
0%
Ejea de los Caballeros
0%
Éjeme
0%
Ejido, El
0%
Ejulve
0%
Elche de la Sierra
0%
Eliana, l'
0%
Eljas
0%
Elvillar/Bilar
0%
Embid
0%
Embid de Ariza
0%
Emperador
0%
Encinacorba
0%
Encina de San Silvestre
0%
Encina, La
0%
Encinas
0%
Encinas de Abajo
0%
Encinas de Arriba
0%
Encinas de Esgueva
0%
Encinasola
0%
Encinasola de los Comendadores
0%
Encinas Reales
0%
Encinedo
0%
Encinillas
0%
Encío
0%
Enciso
0%
Endrinal
0%
Enguera
0%
Enguídanos
0%
Enix
0%
Énova, l'
0%
Entrala
0%
Entrambasaguas
0%
Entrena
0%
Entrín Bajo
0%
Ercina, La
0%
Ereño
0%
Errigoiti
0%
Erustes
0%
Escacena del Campo
0%
Escala, l'
0%
Escalante
0%
Escalona del Prado
0%
Escalonilla
0%
Escamilla
0%
Escañuela
0%
Escarabajosa de Cabezas
0%
Escariche
0%
Escatrón
0%
Escobar de Campos
0%
Escobar de Polendos
0%
Escobosa de Almazán
0%
Escopete
0%
Escorca
0%
Escorial, El
0%
Escorihuela
0%
Escucha
0%
Escurial
0%
Escurial de la Sierra
0%
Escúzar
0%
Esguevillas de Esgueva
0%
Eslida
0%
Espadaña
0%
Espadañedo
0%
Espadilla
0%
Esparragalejo
0%
Esparragosa de Lares
0%
Esparragosa de la Serena
0%
Esparreguera
0%
Espeja
0%
Espeja de San Marcelino
0%
Espejo
0%
Espejón
0%
Espeluy
0%
Espera
0%
Espiel
0%
Espinelves
0%
Espino de la Orbada
0%
Espinosa de Cerrato
0%
Espinosa de Cervera
0%
Espinosa de Henares
0%
Espinosa del Camino
0%
Espinosa de los Caballeros
0%
Espinosa de los Monteros
0%
Espinosa de Villagonzalo
0%
Espinoso del Rey
0%
Espirdo
0%
Esplegares
0%
Espluga Calba, l'
0%
Espluga de Francolí, l'
0%
Esplugues de Llobregat
0%
Esplús
0%
Espolla
0%
Esponellà
0%
Esporles
0%
Espot
0%
Espronceda
0%
Espunyola, l'
0%
Esquirol, l'
0%
Establés
0%
Estamariu
0%
Estany, l'
0%
Estaràs
0%
Estellencs
0%
Estepa
0%
Estepa de San Juan
0%
Estépar
0%
Estercuel
0%
Esterri d'Àneu
0%
Esterri de Cardós
0%
Estivella
0%
Estollo
0%
Estopiñán del Castillo
0%
Estrella, La
0%
Estriégana
0%
Estubeny
0%
Etayo
0%
Etxebarri
0%
Etxebarria
0%
Ezkurra
0%
Fabero
0%
Fageca
0%
Falset
0%
Famorca
0%
Fanlo
0%
Fanzara
0%
Faraján
0%
Faramontanos de Tábara
0%
Far d'Empordà, el
0%
Fariza
0%
Farlete
0%
Farrera
0%
Fasnia
0%
Fatarella, la
0%
Faura
0%
Favara
0%
Fayos, Los
0%
Febró, la
0%
Felanitx
0%
Felix
0%
Férez
0%
Feria
0%
Fermoselle
0%
Fernán Caballero
0%
Fernán-Núñez
0%
Ferreira
0%
Ferreras de Abajo
0%
Ferreras de Arriba
0%
Ferreries
0%
Ferreruela
0%
Ferreruela de Huerva
0%
Figaró-Montmany
0%
Fígols
0%
Fígols i Alinyà
0%
Figuera, la
0%
Figuerola del Camp
0%
Figueroles
0%
Figueruela de Arriba
0%
Figueruelas
0%
Fiñana
0%
Fines
0%
Finestrat
0%
Firgas
0%
Fiscal
0%
Flaçà
0%
Flix
0%
Flores de Ávila
0%
Floresta, la
0%
Florida de Liébana
0%
Fogars de la Selva
0%
Fogars de Montclús
0%
Foixà
0%
Folgoso de la Ribera
0%
Folgueroles
0%
Fombellida
0%
Fombuena
0%
Fompedraza
0%
Foncea
0%
Fondarella
0%
Fondó de les Neus, el/Hondón de las Nieves
0%
Fondón
0%
Fonelas
0%
Fonfría
0%
Fonollosa
0%
Fonsagrada, A
0%
Fontanals de Cerdanya
0%
Fontanar
0%
Fontanarejo
0%
Fontanars dels Alforins
0%
Fontanilles
0%
Fontcoberta
0%
Font de la Figuera, la
0%
Font d'en Carròs, la
0%
Fontihoyuelo
0%
Fontioso
0%
Fontiveros
0%
Font-rubí
0%
Fonzaleche
0%
Foradada
0%
Foradada del Toscar
0%
Forallac
0%
Forcall
0%
Forcarei
0%
Forès
0%
Forfoleda
0%
Formentera del Segura
0%
Formiche Alto
0%
Fornalutx
0%
Fornells de la Selva
0%
Fornes
0%
Fórnoles
0%
Fortaleny
0%
Fortanete
0%
Fortià
0%
Fortuna
0%
Forua
0%
Foz-Calanda
0%
Frades de la Sierra
0%
Frago, El
0%
Frailes
0%
Franco, El
0%
Frandovínez
0%
Franqueses del Vallès, les
0%
Frasno, El
0%
Frechilla
0%
Frechilla de Almazán
0%
Fregenal de la Sierra
0%
Fregeneda, La
0%
Freginals
0%
Freila
0%
Fréscano
0%
Fresneda de Altarejos
0%
Fresneda de Cuéllar
0%
Fresneda de la Sierra Tirón
0%
Fresneda, La
0%
Fresnedilla
0%
Fresnedillas de la Oliva
0%
Fresnedoso
0%
Fresnedoso de Ibor
0%
Fresneña
0%
Fresnillo de las Dueñas
0%
Fresno Alhándiga
0%
Fresno de Cantespino
0%
Fresno de Caracena
0%
Fresno de la Fuente
0%
Fresno de la Polvorosa
0%
Fresno de la Ribera
0%
Fresno del Río
0%
Fresno de Río Tirón
0%
Fresno de Rodilla
0%
Fresno de Sayago
0%
Fresno de Torote
0%
Fresno, El
0%
Fresno el Viejo
0%
Frías
0%
Frías de Albarracín
0%
Friera de Valverde
0%
Frontera
0%
Frontera, La
0%
Frumales
0%
Fuembellida
0%
Fuencaliente
0%
Fuencaliente de la Palma
0%
Fuencemillán
0%
Fuendejalón
0%
Fuendetodos
0%
Fuenferrada
0%
Fuenlabrada de los Montes
0%
Fuenllana
0%
Fuensanta
0%
Fuensanta de Martos
0%
Fuente-Álamo
0%
Fuente Álamo de Murcia
0%
Fuentearmegil
0%
Fuentebureba
0%
Fuentecambrón
0%
Fuentecantos
0%
Fuente Carreteros
0%
Fuentecén
0%
Fuente de Pedro Naharro
0%
Fuente de Piedra
0%
Fuente de San Esteban, La
0%
Fuente de Santa Cruz
0%
Fuente el Fresno
0%
Fuente el Olmo de Fuentidueña
0%
Fuente el Olmo de Íscar
0%
Fuente el Saúz
0%
Fuente el Saz de Jarama
0%
Fuente el Sol
0%
Fuente Encalada
0%
Fuenteguinaldo
0%
Fuenteheridos
0%
Fuentelahiguera de Albatages
0%
Fuente la Lancha
0%
Fuentelapeña
0%
Fuente la Reina
0%
Fuentelcésped
0%
Fuentelencina
0%
Fuentelespino de Haro
0%
Fuentelespino de Moya
0%
Fuenteliante
0%
Fuentelisendo
0%
Fuentelmonge
0%
Fuentelsaz
0%
Fuentelsaz de Soria
0%
Fuentelviejo
0%
Fuentemolinos
0%
Fuentenava de Jábaga
0%
Fuentenebro
0%
Fuentenovilla
0%
Fuente-Olmedo
0%
Fuente Palmera
0%
Fuentepelayo
0%
Fuentepiñel
0%
Fuentepinilla
0%
Fuenterrebollo
0%
Fuenterroble de Salvatierra
0%
Fuenterrobles
0%
Fuentesaúco de Fuentidueña
0%
Fuentes Calientes
0%
Fuentes Claras
0%
Fuentes de Andalucía
0%
Fuentes de Año
0%
Fuentes de Ayódar
0%
Fuentes de Béjar
0%
Fuentes de Ebro
0%
Fuentes de Jiloca
0%
Fuentes de León
0%
Fuentes de Magaña
0%
Fuentes de Nava
0%
Fuentes de Oñoro
0%
Fuentes de Ropel
0%
Fuentes de Rubielos
0%
Fuentes de Valdepero
0%
Fuentesecas
0%
Fuentesoto
0%
Fuentespalda
0%
Fuentespina
0%
Fuentespreadas
0%
Fuentestrún
0%
Fuente-Tójar
0%
Fuente Vaqueros
0%
Fuentidueña
0%
Fuentidueña de Tajo
0%
Fuerte del Rey
0%
Fuertescusa
0%
Fueva, La
0%
Fuliola, la
0%
Fulleda
0%
Gabaldón
0%
Gabias, Las
0%
Gádor
0%
Gaià
0%
Gaianes
0%
Gaibiel
0%
Gajanejos
0%
Gajates
0%
Galápagos
0%
Galaroza
0%
Galbarros
0%
Galbárruli
0%
Galdakao
0%
Gáldar
0%
Galende
0%
Galera
0%
Galera, la
0%
Galilea
0%
Galindo y Perahuy
0%
Galinduste
0%
Galisancho
0%
Galisteo
0%
Gallardos, Los
0%
Gallega, La
0%
Gallegos
0%
Gallegos de Altamiros
0%
Gallegos de Argañán
0%
Gallegos de Hornija
0%
Gallegos del Pan
0%
Gallegos del Río
0%
Gallegos de Sobrinos
0%
Gallegos de Solmirón
0%
Gallifa
0%
Gallinero de Cameros
0%
Gallocanta
0%
Gallur
0%
Galve de Sorbe
0%
Gamiz-Fika
0%
Gamones
0%
Gandesa
0%
Garaballa
0%
Garafía
0%
Garbayuela
0%
Garcibuey
0%
Garcihernández
0%
Garcillán
0%
Garciotum
0%
Garcirrey
0%
Gargallo
0%
Garganta de los Montes
0%
Garganta del Villar
0%
Garganta, La
0%
Garganta la Olla
0%
Gargantilla
0%
Gargantilla del Lozoya y Pinilla de Buitrago
0%
Gargüera
0%
Garidells, els
0%
Garlitos
0%
Garrafe de Torío
0%
Garray
0%
Garriga, la
0%
Garrigàs
0%
Garrigoles
0%
Garriguella
0%
Garrobo, El
0%
Garrovilla, La
0%
Garrovillas de Alconétar
0%
Garrucha
0%
Garvín
0%
Gascueña
0%
Gascueña de Bornova
0%
Gastor, El
0%
Gata
0%
Gata de Gorgos
0%
Gatón de Campos
0%
Gátova
0%
Gaucín
0%
Gautegiz Arteaga
0%
Gavarda
0%
Gavet de la Conca
0%
Gea de Albarracín
0%
Gejuelo del Barro
0%
Geldo
0%
Gelida
0%
Gelsa
0%
Gelves
0%
Gema
0%
Gemuño
0%
Genalguacil
0%
Génave
0%
Genovés, el
0%
Gérgal
0%
Geria
0%
Gerindote
0%
Gernika-Lumo
0%
Gestalgar
0%
Gibraleón
0%
Gilbuena
0%
Gilena
0%
Gilet
0%
Gil García
0%
Gimenells i el Pla de la Font
0%
Gimialcón
0%
Gimileo
0%
Ginebrosa, La
0%
Ginestar
0%
Gineta, La
0%
Gironella
0%
Gisclareny
0%
Gizaburuaga
0%
Gobernador
0%
Godall
0%
Godella
0%
Godelleta
0%
Godojos
0%
Gójar
0%
Golmayo
0%
Golmés
0%
Golosalvo
0%
Golpejas
0%
Gómara
0%
Gombrèn
0%
Gomecello
0%
Gomezserracín
0%
Gorafe
0%
Gordaliza del Pino
0%
Gordo, El
0%
Gorga
0%
Gorliz
0%
Gormaz
0%
Gósol
0%
Gotarrendura
0%
Gotor
0%
Gozón
0%
Grado
0%
Grado, El
0%
Graja de Campalbo
0%
Graja de Iniesta
0%
Grajal de Campos
0%
Granada de Río-Tinto, La
0%
Granada, la
0%
Granadella, la
0%
Granadilla de Abona
0%
Granado, El
0%
Granátula de Calatrava
0%
Grandas de Salime
0%
Grandes y San Martín
0%
Grañén
0%
Granera
0%
Granja de la Costera, la
0%
Granja de Moreruela
0%
Granja de Rocamora
0%
Granja d'Escarp, la
0%
Granja, La
0%
Granjuela, La
0%
Grañón
0%
Granucillo
0%
Granyanella
0%
Granyena de les Garrigues
0%
Granyena de Segarra
0%
Gratallops
0%
Graus
0%
Grávalos
0%
Grazalema
0%
Griegos
0%
Grijalba
0%
Grisaleña
0%
Grisel
0%
Grisén
0%
Grove, O
0%
Guadahortuna
0%
Guadalaviar
0%
Guadalcázar
0%
Guadalmez
0%
Guadasséquies
0%
Guadassuar
0%
Guadiana
0%
Guadramiro
0%
Guájares, Los
0%
Gualba
0%
Gualchos
0%
Gualta
0%
Guancha, La
0%
Guarda, A
0%
Guardamar de la Safor
0%
Guardamar del Segura
0%
Guardia de Jaén, La
0%
Guardia, La
0%
Guardiola de Berguedà
0%
Guareña
0%
Guarrate
0%
Guaza de Campos
0%
Gúdar
0%
Gudiña, A
0%
Güéjar Sierra
0%
Güeñes
0%
Guesálaz/Gesalatz
0%
Güevéjar
0%
Guía de Isora
0%
Guiamets, els
0%
Guijarrosa, La
0%
Guijo de Ávila
0%
Guijo de Coria
0%
Guijo de Galisteo
0%
Guijo de Granadilla
0%
Guijo de Santa Bárbara
0%
Guijo, El
0%
Guils de Cerdanya
0%
Güímar
0%
Guimerà
0%
Guingueta d'Àneu, la
0%
Guisando
0%
Guissona
0%
Guixers
0%
Gumiel de Izán
0%
Gumiel de Mercado
0%
Gurb
0%
Guriezo
0%
Gurrea de Gállego
0%
Gusendos de los Oteros
0%
Gutierre-Muñoz
0%
Haba, La
0%
Hacinas
0%
Haría
0%
Haza
0%
Hazas de Cesto
0%
Helechosa de los Montes
0%
Henarejos
0%
Henche
0%
Heras de Ayuso
0%
Herbers
0%
Herce
0%
Herencias, Las
0%
Herguijuela
0%
Herguijuela de Ciudad Rodrigo
0%
Herguijuela de la Sierra
0%
Herguijuela del Campo
0%
Hermandad de Campoo de Suso
0%
Hérmedes de Cerrato
0%
Hermigua
0%
Hermisende
0%
Hernán-Pérez
0%
Hernansancho
0%
Hernialde
0%
Herradón de Pinares
0%
Herramélluri
0%
Herrera de Alcántara
0%
Herrera de los Navarros
0%
Herrera de Soria
0%
Herrera de Valdecañas
0%
Herrera, La
0%
Herrería
0%
Herrerías
0%
Herreros de Suso
0%
Herreruela
0%
Herreruela de Oropesa
0%
Herrín de Campos
0%
Herrumblar, El
0%
Hervías
0%
Hiendelaencina
0%
Higuera de Albalat
0%
Higuera de Calatrava
0%
Higuera de las Dueñas
0%
Higuera de la Serena
0%
Higuera de la Sierra
0%
Higuera de Vargas
0%
Higueras
0%
Higueruela
0%
Higueruelas
0%
Hija de Dios, La
0%
Híjar
0%
Hijes
0%
Hiniesta, La
0%
Hinojal
0%
Hinojales
0%
Hinojares
0%
Hinojosa de Duero
0%
Hinojosa de Jarque
0%
Hinojosa del Campo
0%
Hinojosa del Valle
0%
Hinojosa de San Vicente
0%
Hinojosa, La
0%
Hinojosas de Calatrava
0%
Hinojosos, Los
0%
Hiruela, La
0%
Hito, El
0%
Holguera
0%
Hombrados
0%
Hondón de los Frailes
0%
Honrubia
0%
Honrubia de la Cuesta
0%
Hontalbilla
0%
Hontanares de Eresma
0%
Hontanas
0%
Hontanaya
0%
Hontangas
0%
Hontecillas
0%
Hontoba
0%
Hontoria de Cerrato
0%
Hontoria de la Cantera
0%
Hontoria del Pinar
0%
Hontoria de Valdearados
0%
Horcajada, La
0%
Horcajo de la Sierra-Aoslos
0%
Horcajo de las Torres
0%
Horcajo de los Montes
0%
Horcajo de Montemayor
0%
Horcajo de Santiago
0%
Horcajo Medianero
0%
Horcajuelo de la Sierra
0%
Hormazas, Las
0%
Hormigos
0%
Hormilla
0%
Hormilleja
0%
Hornachos
0%
Hornachuelos
0%
Hornillo, El
0%
Hornillos de Cameros
0%
Hornillos de Cerrato
0%
Hornillos de Eresma
0%
Hornillos del Camino
0%
Hornos
0%
Hornos de Moncalvillo
0%
Horra, La
0%
Horta de Sant Joan
0%
Hortezuela de Océn
0%
Hortigüela
0%
Hospitalet de Llobregat, l'
0%
Hostalets de Pierola, els
0%
Hostalric
0%
Hoya-Gonzalo
0%
Hoya, La
0%
Hoyales de Roa
0%
Hoyocasero
0%
Hoyo de Pinares, El
0%
Hoyorredondo
0%
Hoyos
0%
Hoyos del Collado
0%
Hoyos del Espino
0%
Hoyos de Miguel Muñoz
0%
Hoz de Jaca
0%
Hoz de la Vieja, La
0%
Hoz y Costean
0%
Huecas
0%
Huécija
0%
Huélaga
0%
Huélago
0%
Huelma
0%
Huelves
0%
Huéneja
0%
Huércal de Almería
0%
Huércanos
0%
Huerce, La
0%
Huérguina
0%
Huérmeces
0%
Huérmeces del Cerro
0%
Huerta
0%
Huerta de Arriba
0%
Huerta de la Obispalía
0%
Huerta del Marquesado
0%
Huerta de Rey
0%
Huerta de Valdecarábanos
0%
Huertahernando
0%
Huerto
0%
Huertos, Los
0%
Huesa
0%
Huesa del Común
0%
Huéscar
0%
Huete
0%
Huétor de Santillán
0%
Huétor Tájar
0%
Huétor Vega
0%
Hueva
0%
Huévar del Aljarafe
0%
Humada
0%
Humilladero
0%
Hurones
0%
Hurtumpascual
0%
Ibahernando
0%
Ibarra
0%
Ibarrangelu
0%
Ibdes
0%
Ibeas de Juarros
0%
Ibias
0%
Ibieca
0%
Ibrillos
0%
Ibros
0%
Icod de los Vinos
0%
Igea
0%
Iglesiarrubia
0%
Iglesias
0%
Iglesuela del Cid, La
0%
Iglesuela del Tiétar, La
0%
Igorre
0%
Igualada
0%
Igualeja
0%
Igüeña
0%
Igúzquiza
0%
Illa de Arousa, A
0%
Illana
0%
Illano
0%
Íllar
0%
Illas
0%
Íllora
0%
Illueca
0%
Incio, O
0%
Ingenio
0%
Iniesta
0%
Iniéstola
0%
Instinción
0%
Inviernas, Las
0%
Iruela, La
0%
Iruelos
0%
Irueste
0%
Isábena
0%
Isar
0%
Isla Mayor
0%
Isona i Conca Dellà
0%
Isòvol
0%
Ispaster
0%
Istán
0%
Isuerre
0%
Itero de la Vega
0%
Itero del Castillo
0%
Ítrabo
0%
Ituero de Azaba
0%
Ituero y Lama
0%
Ivars de Noguera
0%
Ivars d'Urgell
0%
Ivorra
0%
Izalzu/Itzaltzu
0%
Iznájar
0%
Iznalloz
0%
Iznate
0%
Iznatoraf
0%
Izurtza
0%
Jabaloyas
0%
Jabalquinto
0%
Jabugo
0%
Jacarilla
0%
Jadraque
0%
Jafre
0%
Jalance
0%
Jalón de Cameros
0%
Jambrina
0%
Jamilena
0%
Jana, la
0%
Jaraba
0%
Jarafuel
0%
Jaraicejo
0%
Jaraíz de la Vera
0%
Jaramillo de la Fuente
0%
Jaramillo Quemado
0%
Jarilla
0%
Jarque de la Val
0%
Jarque de Moncayo
0%
Játar
0%
Jatiel
0%
Jaulín
0%
Jayena
0%
Jérez del Marquesado
0%
Jérica
0%
Jerte
0%
Jete
0%
Jimena de la Frontera
0%
Jimera de Líbar
0%
Jirueque
0%
Joarilla de las Matas
0%
Jonquera, la
0%
Jorba
0%
Jorcas
0%
Jorquera
0%
Josa
0%
Josa i Tuixén
0%
Joyosa, La
0%
Juarros de Riomoros
0%
Juarros de Voltoya
0%
Jubrique
0%
Juià
0%
Jun
0%
Junciana
0%
Juncosa
0%
Juneda
0%
Junta de Traslaloma
0%
Junta de Villalba de Losa
0%
Jurisdicción de Lara
0%
Jurisdicción de San Zadornil
0%
Justel
0%
Juviles
0%
Juzbado
0%
Júzcar
0%
Kortezubi
0%
Labajos
0%
Labores, Las
0%
Láchar
0%
Ladrillar
0%
Lagartera
0%
Lagueruela
0%
Laguna Dalga
0%
Laguna de Cameros
0%
Laguna de Contreras
0%
Laguna del Marquesado
0%
Lagunaseca
0%
Lagunilla
0%
Lagunilla del Jubera
0%
Lahiguera
0%
Lalueza
0%
Lama, A
0%
Lamasón
0%
Lanaja
0%
Lanciego/Lantziego
0%
Landete
0%
Langa
0%
Langa de Duero
0%
Langa del Castillo
0%
Langayo
0%
Languilla
0%
Lanjarón
0%
Lantadilla
0%
Lanteira
0%
Lantejuela
0%
Lanzuela
0%
Lapa, La
0%
Laracha, A
0%
Laroya
0%
Larrabetzu
0%
Larraul
0%
Larrodrigo
0%
Larva
0%
Lascellas-Ponzano
0%
Lascuarre
0%
Laspaúles
0%
Laspuña
0%
Lastras de Cuéllar
0%
Lastras del Pozo
0%
Laujar de Andarax
0%
Laukiz
0%
Laviana
0%
Layana
0%
Lécera
0%
Lechón
0%
Leciñena
0%
Lecrín
0%
Ledaña
0%
Ledanca
0%
Ledesma
0%
Ledesma de la Cogolla
0%
Ledigos
0%
Ledrada
0%
Leganiel
0%
Legarda
0%
Legaria
0%
Leiva
0%
Lena
0%
Lentegí
0%
Leoz/Leotz
0%
Lerga
0%
Lerín
0%
Lerma
0%
Letur
0%
Letux
0%
Leza de Río Leza
0%
Lezuza
0%
Librilla
0%
Libros
0%
Liceras
0%
Lidón
0%
Liendo
0%
Liétor
0%
Líjar
0%
Lillo
0%
Limpias
0%
Linares de la Sierra
0%
Linares de Mora
0%
Línea de la Concepción, La
0%
Linyola
0%
Litago
0%
Lituénigo
0%
Llacuna, la
0%
Lladó
0%
Lladorre
0%
Llagosta, la
0%
Llagostera
0%
Llamas de la Ribera
0%
Llambilles
0%
Llanars
0%
Llançà
0%
Llanera
0%
Llanera de Ranes
0%
Llano de Bureba
0%
Llano de Olmedo
0%
Llanos de Aridane, Los
0%
Llanos del Caudillo
0%
Llanos de Tormes, Los
0%
Llardecans
0%
Llaurí
0%
Llavorsí
0%
Lledó
0%
Llera
0%
Llers
0%
Lles de Cerdanya
0%
Llíber
0%
Lliçà d'Amunt
0%
Lliçà de Vall
0%
Llinars del Vallès
0%
Llíria
0%
Llívia
0%
Lloar, el
0%
Llobera
0%
Llocnou de la Corona
0%
Llocnou d'En Fenollet
0%
Llocnou de Sant Jeroni
0%
Llombai
0%
Llorac
0%
Llorenç del Penedès
0%
Lloret de Vistalegre
0%
Llosa de Ranes, la
0%
Llosa, la
0%
Lloseta
0%
Llosses, les
0%
Llubí
0%
Lluçà
0%
Llucena/Lucena del Cid
0%
Llucmajor
0%
Llutxent
0%
Loarre
0%
Lobera de Onsella
0%
Lobón
0%
Lobras
0%
Loma de Ucieza
0%
Lomas
0%
Lominchar
0%
Lomoviejo
0%
Longares
0%
Longás
0%
Lopera
0%
Loporzano
0%
Lora de Estepa
0%
Loranca de Tajuña
0%
Loriguilla
0%
Losacino
0%
Losacio
0%
Losa del Obispo
0%
Losa, La
0%
Losar de la Vera
0%
Losar del Barco, El
0%
Loscorrales
0%
Loscos
0%
Losilla, La
0%
Lourenzá
0%
Lozoyuela-Navas-Sieteiglesias
0%
Lubián
0%
Lubrín
0%
Lucainena de las Torres
0%
Lúcar
0%
Lucena de Jalón
0%
Luceni
0%
Luciana
0%
Lucillo
0%
Lucillos
0%
Ludiente
0%
Luelmo
0%
Luesma
0%
Lugros
0%
Luisiana, La
0%
Lújar
0%
Lumbrales
0%
Lumbreras de Cameros
0%
Lumpiaque
0%
Lupiana
0%
Lupiñén-Ortilla
0%
Lupión
0%
Luque
0%
Luquin
0%
Luyego
0%
Luzaga
0%
Luzón
0%
Macael
0%
Maçanet de Cabrenys
0%
Maçanet de la Selva
0%
Macastre
0%
Machacón
0%
Macharaviaya
0%
Madarcos
0%
Maderal, El
0%
Maderuelo
0%
Madremanya
0%
Madridanos
0%
Madrigal de las Altas Torres
0%
Madrigal de la Vera
0%
Madrigal del Monte
0%
Madrigalejo
0%
Madrigalejo del Monte
0%
Madrigueras
0%
Madroñal
0%
Madroño, El
0%
Maella
0%
Maello
0%
Magacela
0%
Magallón
0%
Magán
0%
Magaña
0%
Magaz de Cepeda
0%
Magaz de Pisuerga
0%
Maguilla
0%
Mahamud
0%
Mahide
0%
Mahora
0%
Maià de Montcal
0%
Maials
0%
Maicas
0%
Maíllo, El
0%
Maire de Castroponce
0%
Majadas
0%
Majadas, Las
0%
Majaelrayo
0%
Maján
0%
Málaga del Fresno
0%
Malaguilla
0%
Malahá, La
0%
Malanquilla
0%
Malcocinado
0%
Maldà
0%
Maleján
0%
Malgrat de Mar
0%
Mallén
0%
Malón
0%
Malpartida de Corneja
0%
Malpartida de la Serena
0%
Malpica de Tajo
0%
Maluenda
0%
Malva
0%
Mamblas
0%
Mambrilla de Castrejón
0%
Mambrillas de Lara
0%
Mamolar
0%
Mañaria
0%
Mancera de Abajo
0%
Mancera de Arriba
0%
Mancha Real
0%
Manchita
0%
Manchones
0%
Manciles
0%
Mancor de la Vall
0%
Mandayona
0%
Manganeses de la Lampreana
0%
Manganeses de la Polvorosa
0%
Manilva
0%
Manjabálago y Ortigosa de Rioalmar
0%
Manjarrés
0%
Manlleu
0%
Manquillos
0%
Mansilla de la Sierra
0%
Mantiel
0%
Mantinos
0%
Manuel
0%
Manzanal de Arriba
0%
Manzanal del Barco
0%
Manzanal de los Infantes
0%
Manzanares de Rioja
0%
Manzanares el Real
0%
Manzanera
0%
Manzanilla
0%
Manzanillo
0%
Manzano, El
0%
Maqueda
0%
Maracena
0%
Maranchón
0%
Marazoleja
0%
Marazuela
0%
Marçà
0%
Marchagaz
0%
Marchal
0%
Marchena
0%
Marcilla de Campos
0%
Margalef
0%
Marganell
0%
María
0%
María de Huerva
0%
Maria de la Salut
0%
Mariana
0%
Marina de Cudeyo
0%
Marinaleda
0%
Marines
0%
Marines, Los
0%
Marjaliza
0%
Markina-Xemein
0%
Marlín
0%
Marmolejo
0%
Marracos
0%
Marratxí
0%
Marrupe
0%
Martiago
0%
Martiherrero
0%
Martinamor
0%
Martín de la Jara
0%
Martín del Río
0%
Martín de Yeltes
0%
Martínez
0%
Martín Miguel
0%
Martín Muñoz de la Dehesa
0%
Martín Muñoz de las Posadas
0%
Martorell
0%
Martorelles
0%
Martos
0%
Marugán
0%
Maruri-Jatabe
0%
Marzales
0%
Masarac i Vilarnadal
0%
Mascaraque
0%
Mas de Barberans
0%
Mas de las Matas
0%
Masdenverge
0%
Masegosa
0%
Masegoso
0%
Masegoso de Tajuña
0%
Masies de Roda, les
0%
Masies de Voltregà, les
0%
Masllorenç
0%
Masnou, el
0%
Masó, la
0%
Maspujols
0%
Masquefa
0%
Masroig, el
0%
Massalavés
0%
Massalcoreig
0%
Massalfassar
0%
Massamagrell
0%
Massanassa
0%
Massanes
0%
Massoteres
0%
Masueco
0%
Matabuena
0%
Mata de Alcántara
0%
Mata de Cuéllar
0%
Mata de Ledesma, La
0%
Mata de los Olmos, La
0%
Mata de Morella, la
0%
Matadeón de los Oteros
0%
Matadepera
0%
Matalebreras
0%
Matallana de Torío
0%
Matamala de Almazán
0%
Matanza
0%
Matanza de Acentejo, La
0%
Matarrubia
0%
Matet
0%
Matilla de los Caños
0%
Matilla de los Caños del Río
0%
Matilla, La
0%
Matilla la Seca
0%
Matillas
0%
Matute
0%
Maya, La
0%
Mayalde
0%
Mazaleón
0%
Mazarambroz
0%
Mazarete
0%
Mazariegos
0%
Mazcuerras
0%
Mazuecos
0%
Mazuecos de Valdeginate
0%
Mazuela
0%
Mecerreyes
0%
Medellín
0%
Mediana de Aragón
0%
Mediana de Voltoya
0%
Medinaceli
0%
Medina de las Torres
0%
Medinilla
0%
Medio Cudeyo
0%
Mediona
0%
Medranda
0%
Medrano
0%
Megeces
0%
Megina
0%
Mejorada del Campo
0%
Melgar de Fernamental
0%
Melgar de Tera
0%
Meliana
0%
Melque de Cercos
0%
Membibre de la Hoz
0%
Membribe de la Sierra
0%
Membrilla
0%
Membrillera
0%
Membrío
0%
Meñaka
0%
Menàrguens
0%
Mendata
0%
Mendaza
0%
Mendexa
0%
Meneses de Campos
0%
Mengabril
0%
Mengamuñoz
0%
Mengíbar
0%
Méntrida
0%
Meranges
0%
Merca, A
0%
Mercadal, es
0%
Merindad de Cuesta-Urria
0%
Merindad de Montija
0%
Merindad de Río Ubierna
0%
Merindad de Sotoscueva
0%
Merindad de Valdeporres
0%
Merindad de Valdivielso
0%
Meruelo
0%
Mesas de Ibor
0%
Mesas, Las
0%
Mesegar de Corneja
0%
Mesegar de Tajo
0%
Mesones de Isuela
0%
Mestanza
0%
Metauten
0%
Mezalocha
0%
Mezquita, A
0%
Mezquita de Jarque
0%
Mianos
0%
Micereces de Tera
0%
Micieces de Ojeda
0%
Miedes de Aragón
0%
Miedes de Atienza
0%
Miera
0%
Mierla, La
0%
Migjorn Gran, es
0%
Migueláñez
0%
Mijares
0%
Milà, el
0%
Milagros
0%
Milano, El
0%
Millana
0%
Millanes
0%
Millares
0%
Millena
0%
Milles de la Polvorosa
0%
Milmarcos
0%
Minas de Riotinto
0%
Minaya
0%
Minglanilla
0%
Mingorría
0%
Miño de Medinaceli
0%
Miño de San Esteban
0%
Miñosa, La
0%
Mirabel
0%
Mirabueno
0%
Miralcamp
0%
Miralrío
0%
Mirambel
0%
Miranda de Azán
0%
Miranda del Castañar
0%
Mirandilla
0%
Miraveche
0%
Miravet
0%
Miravete de la Sierra
0%
Mironcillo
0%
Mirón, El
0%
Mirueña de los Infanzones
0%
Mislata
0%
Mochales
0%
Moclín
0%
Moclinejo
0%
Modúbar de la Emparedada
0%
Mogán
0%
Mogarraz
0%
Moguer
0%
Mohedas de Granadilla
0%
Mohedas de la Jara
0%
Mohernando
0%
Moià
0%
Moixent/Mogente
0%
Mojonera, La
0%
Molacillos
0%
Molar, El
0%
Molar, el
0%
Molares, Los
0%
Molezuelas de la Carballeda
0%
Molina de Segura
0%
Molinaseca
0%
Molinicos
0%
Molinillo
0%
Molinos
0%
Molinos de Duero
0%
Molinos, Los
0%
Molins de Rei
0%
Molledo
0%
Mollerussa
0%
Mollet del Vallès
0%
Mollet de Peralada
0%
Molló
0%
Molsosa, la
0%
Molvízar
0%
Mombeltrán
0%
Momblona
0%
Mombuey
0%
Monachil
0%
Monasterio
0%
Monasterio de la Sierra
0%
Monasterio de Rodilla
0%
Monasterio de Vega
0%
Moncalvillo
0%
Moncofa
0%
Mondéjar
0%
Mondoñedo
0%
Monegrillo
0%
Monesma y Cajigar
0%
Moneva
0%
Monfarracinos
0%
Monflorite-Lascasas
0%
Monforte de la Sierra
0%
Monforte del Cid
0%
Monforte de Moyuela
0%
Monistrol de Calders
0%
Monistrol de Montserrat
0%
Monleón
0%
Monleras
0%
Monreal de Ariza
0%
Monreal del Campo
0%
Monreal del Llano
0%
Monroy
0%
Monroyo
0%
Monsagro
0%
Monsalupe
0%
Montagut i Oix
0%
Montalbán
0%
Montalbán de Córdoba
0%
Montalbanejo
0%
Montalbo
0%
Montalvos
0%
Montánchez
0%
Montanejos
0%
Montanuy
0%
Montarrón
0%
Montaverner
0%
Montblanc
0%
Montbrió del Camp
0%
Montcada i Reixac
0%
Montclar
0%
Monteagudo de las Salinas
0%
Monteagudo de las Vicarías
0%
Monteagudo del Castillo
0%
Montealegre de Campos
0%
Montealegre del Castillo
0%
Montearagón
0%
Montecorto
0%
Montefrío
0%
Montehermoso
0%
Montejaque
0%
Montejícar
0%
Montejo de Arévalo
0%
Montejo de la Sierra
0%
Montejo de la Vega de la Serrezuela
0%
Montejo de Tiermes
0%
Montellà i Martinet
0%
Montellano
0%
Montemayor
0%
Montemayor del Río
0%
Montemayor de Pililla
0%
Montenegro de Cameros
0%
Monterde
0%
Monterde de Albarracín
0%
Monterrubio
0%
Monterrubio de Armuña
0%
Monterrubio de la Demanda
0%
Monterrubio de la Serena
0%
Monterrubio de la Sierra
0%
Montesa
0%
Montesclaros
0%
Montesinos, Los
0%
Montesquiu
0%
Montferrer i Castellbò
0%
Montferri
0%
Montgai
0%
Montgat
0%
Montiel
0%
Montijo
0%
Montilla
0%
Montillana
0%
Montitxelvo/Montichelvo
0%
Montizón
0%
Montmajor
0%
Montmaneu
0%
Montmell, el
0%
Montoliu de Lleida
0%
Montoliu de Segarra
0%
Montón
0%
Montorio
0%
Montornès del Vallès
0%
Montornès de Segarra
0%
Mont-ral
0%
Mont-ras
0%
Mont-roig del Camp
0%
Montroi/Montroy
0%
Montseny
0%
Montuïri
0%
Monturque
0%
Monzón de Campos
0%
Móra d'Ebre
0%
Moradillo de Roa
0%
Móra la Nova
0%
Moral de Calatrava
0%
Moral de Hornuez
0%
Moral de la Reina
0%
Moral de Sayago
0%
Moraleda de Zafayona
0%
Moraleja de Enmedio
0%
Moraleja de las Panaderas
0%
Moraleja del Vino
0%
Moraleja de Matacabras
0%
Moraleja de Sayago
0%
Morales de Campos
0%
Morales de Rey
0%
Morales de Toro
0%
Morales de Valverde
0%
Moralina
0%
Morasverdes
0%
Morata de Jalón
0%
Morata de Jiloca
0%
Moratalla
0%
Moratilla de los Meleros
0%
Moratinos
0%
Morcillo
0%
Morcín
0%
Morelábor
0%
Morella
0%
Morell, el
0%
Morenilla
0%
Morera de Montsant, la
0%
Morera, La
0%
Moreruela de los Infanzones
0%
Moreruela de Tábara
0%
Morés
0%
Morga
0%
Moriles
0%
Morille
0%
Moríñigo
0%
Moriscos
0%
Morón de Almazán
0%
Moronta
0%
Moscardón
0%
Mosqueruela
0%
Mota de Altarejos
0%
Mota del Marqués
0%
Motilleja
0%
Moya
0%
Moyuela
0%
Mozárbez
0%
Mozoncillo
0%
Mozota
0%
Muduex
0%
Muela, La
0%
Muelas de los Caballeros
0%
Muelas del Pan
0%
Muga de Sayago
0%
Muñana
0%
Munébrega
0%
Munera
0%
Muñico
0%
Muniesa
0%
Munilla
0%
Munitibar-Arbatzegi Gerrikaitz
0%
Muñogalindo
0%
Muñogrande
0%
Muñomer del Peco
0%
Muñopedro
0%
Muñopepe
0%
Muñosancho
0%
Muñotello
0%
Muñoveros
0%
Muntanyola
0%
Muras
0%
Murero
0%
Murias de Paredes
0%
Muriel
0%
Muriel de la Fuente
0%
Muriel Viejo
0%
Murieta
0%
Murillo de Gállego
0%
Murillo de Río Leza
0%
Murla
0%
Muro de Aguas
0%
Muro de Alcoy
0%
Muro en Cameros
0%
Muros de Nalón
0%
Murtas
0%
Murueta
0%
Muruzábal
0%
Museros
0%
Mutxamel
0%
Muxika
0%
Nabarniz
0%
Nacimiento
0%
Nafría de Ucero
0%
Nalda
0%
Nalec
0%
Nàquera/Náquera
0%
Narboneta
0%
Narrillos del Álamo
0%
Narrillos del Rebollar
0%
Narros
0%
Narros del Castillo
0%
Narros del Puerto
0%
Narros de Matalayegua
0%
Narros de Saldueña
0%
Navacarros
0%
Navacepedilla de Corneja
0%
Navaconcejo
0%
Nava de Arévalo
0%
Nava de Béjar
0%
Nava de Francia
0%
Nava de la Asunción
0%
Nava del Barco
0%
Nava de Ricomalillo, La
0%
Nava de Roa
0%
Nava de Santiago, La
0%
Nava de Sotrobal
0%
Navadijos
0%
Navaescurial
0%
Navafría
0%
Navahondilla
0%
Navajas
0%
Navajún
0%
Navalacruz
0%
Navalafuente
0%
Navaleno
0%
Navales
0%
Navalilla
0%
Navalmanzano
0%
Navalmoral de Béjar
0%
Navalmoralejo
0%
Navalmorales, Los
0%
Navalonguilla
0%
Navalosa
0%
Navalperal de Pinares
0%
Navalperal de Tormes
0%
Navalpino
0%
Navalucillos, Los
0%
Navalvillar de Ibor
0%
Navalvillar de Pela
0%
Navamorales
0%
Navaquesera
0%
Navarcles
0%
Navardún
0%
Navares de Ayuso
0%
Navares de Enmedio
0%
Navares de las Cuevas
0%
Navarredonda de Gredos
0%
Navarredonda de la Rinconada
0%
Navarredonda y San Mamés
0%
Navarredondilla
0%
Navarrés
0%
Navarrevisca
0%
Navas de Bureba
0%
Navas de Estena
0%
Navas de Jadraque, Las
0%
Navas de Jorquera
0%
Navas de la Concepción, Las
0%
Navas del Madroño
0%
Navas del Marqués, Las
0%
Navas de Oro
0%
Navas de Riofrío
0%
Navas de San Antonio
0%
Navasfrías
0%
Navata
0%
Navatalgordo
0%
Navatejares
0%
Navezuelas
0%
Navianos de Valverde
0%
Nebreda
0%
Negredo
0%
Negrilla de Palencia
0%
Neila
0%
Neila de San Miguel
0%
Nepas
0%
Nerpio
0%
Nerva
0%
Nestares
0%
Nevada
0%
Neves, As
0%
Nieva
0%
Nieva de Cameros
0%
Nigüelas
0%
Nigüella
0%
Niharra
0%
Níjar
0%
Nívar
0%
Noalejo
0%
Noceda del Bierzo
0%
Nogais, As
0%
Nogal de las Huertas
0%
Nogales
0%
Noguera de Albarracín
0%
Nogueras
0%
Nogueruelas
0%
Nolay
0%
Nombela
0%
Nombrevilla
0%
Noreña
0%
Nou de Berguedà, la
0%
Nou de Gaià, la
0%
Novales
0%
Novelda
0%
Novés
0%
Novetlè
0%
Noviercas
0%
Nucia, la
0%
Nueno
0%
Nueva Carteya
0%
Nuévalos
0%
Nueva Villa de las Torres
0%
Nuez de Ebro
0%
Nules
0%
Nulles
0%
Nuño Gómez
0%
Nuñomoral
0%
Obanos
0%
Obejo
0%
Obón
0%
Ocaña
0%
Ocentejo
0%
Ochánduri
0%
Oco
0%
Ocón
0%
Òdena
0%
Odón
0%
Oencia
0%
Ogassa
0%
Ogíjares
0%
Ohanes
0%
Oiartzun
0%
Ojacastro
0%
Ojén
0%
Ojos-Albos
0%
Ojos Negros
0%
Olea de Boedo
0%
Olejua
0%
Olèrdola
0%
Olesa de Bonesvalls
0%
Olesa de Montserrat
0%
Oliana
0%
Oliete
0%
Oliola
0%
Olius
0%
Oliva de la Frontera
0%
Oliva de Mérida
0%
Oliva de Plasencia
0%
Oliva, La
0%
Olivar, El
0%
Olivares de Duero
0%
Olivares de Júcar
0%
Olivella
0%
Ollauri
0%
Olleria, l'
0%
Olmeda de Cobeta
0%
Olmeda de Jadraque, La
0%
Olmeda de la Cuesta
0%
Olmeda de las Fuentes
0%
Olmeda del Rey
0%
Olmedilla de Alarcón
0%
Olmedilla de Eliz
0%
Olmedillo de Roa
0%
Olmillos de Castro
0%
Olmillos de Muñó
0%
Olmos de Esgueva
0%
Olmos de Ojeda
0%
Olmos de Peñafiel
0%
Olmos, Los
0%
Olocau
0%
Olocau del Rey
0%
Olombrada
0%
Olost
0%
Oluges, les
0%
Olula de Castro
0%
Olula del Río
0%
Olvan
0%
Olvena
0%
Olvera
0%
Olvés
0%
Omañas, Las
0%
Omellons, els
0%
Omells de na Gaia, els
0%
Oncala
0%
Ondarroa
0%
Onil
0%
Ontiñena
0%
Oquillas
0%
Orbada, La
0%
Orbaneja Riopico
0%
Orbita
0%
Orcajo
0%
Orce
0%
Orcera
0%
Ordial, El
0%
Ordis
0%
Orea
0%
Orejana
0%
Orellana de la Sierra
0%
Orera
0%
Orés
0%
Organyà
0%
Órgiva
0%
Oria
0%
Orihuela del Tremedal
0%
Oristà
0%
Ormaiztegi
0%
Orotava, La
0%
Orozko
0%
Orpí
0%
Òrrius
0%
Ortigosa de Cameros
0%
Ortigosa del Monte
0%
Ortigosa de Pestaño
0%
Ortuella
0%
Orxa, l'/Lorcha
0%
Orxeta
0%
Osa de la Vega
0%
Os de Balaguer
0%
Oseja
0%
Oseja de Sajambre
0%
Osera de Ebro
0%
Oso, El
0%
Osso de Cinca
0%
Ossó de Sió
0%
Otero
0%
Otero de Bodas
0%
Otero de Herreros
0%
Otívar
0%
Otos
0%
Otxandio
0%
Pacs del Penedès
0%
Padiernos
0%
Padilla de Abajo
0%
Padilla de Arriba
0%
Padrones de Bureba
0%
Padul
0%
Padules
0%
Pájara
0%
Pajarejos
0%
Pajares de Adaja
0%
Pajares de la Laguna
0%
Pajares de la Lampreana
0%
Pajarón
0%
Pajaroncillo
0%
Palacios de Goda
0%
Palacios del Arzobispo
0%
Palacios de la Sierra
0%
Palacios del Pan
0%
Palacios de Riopisuerga
0%
Palacios de Sanabria
0%
Palaciosrubios
0%
Palacios y Villafranca, Los
0%
Palafolls
0%
Palafrugell
0%
Palamós
0%
Palanques
0%
Palau d'Anglesola, el
0%
Palau de Santa Eulàlia
0%
Palau-sator
0%
Palau-saverdera
0%
Palau-solità i Plegamans
0%
Palazuelo de Vedija
0%
Palazuelos de Eresma
0%
Palazuelos de la Sierra
0%
Palazuelos de Muñó
0%
Palencia de Negrilla
0%
Palenciana
0%
Palenzuela
0%
Pallaresos, els
0%
Pallejà
0%
Pálmaces de Jadraque
0%
Palma d'Ebre, la
0%
Palma de Cervelló, la
0%
Palma de Gandía
0%
Palma del Condado, La
0%
Palmar de Troya, El
0%
Palmas de Gran Canaria, Las
0%
Palmera
0%
Palol de Revardit
0%
Palomar de Arroyos
0%
Palomar, el
0%
Palomares del Campo
0%
Palomares del Río
0%
Palomas
0%
Palomeque
0%
Palomera
0%
Palomero
0%
Pampaneira
0%
Pampliega
0%
Pancorbo
0%
Pancrudo
0%
Paniza
0%
Panticosa
0%
Pantoja
0%
Papatrigo
0%
Papiol, el
0%
Paracuellos de Jarama
0%
Paracuellos de Jiloca
0%
Paracuellos de la Ribera
0%
Parada de Arriba
0%
Parada de Rubiales
0%
Paradinas de San Juan
0%
Páramo de Boedo
0%
Páramo del Sil
0%
Páramo, O
0%
Parauta
0%
Parcent
0%
Pardilla
0%
Pardines
0%
Pardos
0%
Paredes de Sigüenza
0%
Pareja
0%
Parets del Vallès
0%
Parlavà
0%
Parra de las Vegas, La
0%
Parra, La
0%
Parral, El
0%
Parras de Castellote, Las
0%
Parres
0%
Parrilla, La
0%
Parrillas
0%
Partaloa
0%
Partido de la Sierra en Tobalina
0%
Pasarón de la Vera
0%
Pascualcobo
0%
Paso, El
0%
Passanant i Belltall
0%
Pastores
0%
Pastoriza, A
0%
Pastrana
0%
Pastriz
0%
Paterna del Campo
0%
Paterna del Madera
0%
Paterna del Río
0%
Pau
0%
Paüls
0%
Pavías
0%
Paymogo
0%
Payo de Ojeda
0%
Payo, El
0%
Pazuengos
0%
Peal de Becerro
0%
Pechina
0%
Pedernoso, El
0%
Pedraja de Portillo, La
0%
Pedrajas de San Esteban
0%
Pedralba
0%
Pedralba de la Pradería
0%
Pedraza de Alba
0%
Pedraza de Campos
0%
Pedregal, El
0%
Pedreguer
0%
Pedrera
0%
Pedret i Marzà
0%
Pedro Abad
0%
Pedro Bernardo
0%
Pedroche
0%
Pedrola
0%
Pedro Martínez
0%
Pedro Muñoz
0%
Pedroñeras, Las
0%
Pedro-Rodríguez
0%
Pedrosa de Duero
0%
Pedrosa de la Vega
0%
Pedrosa del Páramo
0%
Pedrosa del Príncipe
0%
Pedrosa del Rey
0%
Pedrosa de Río Úrbel
0%
Pedrosas, Las
0%
Pedrosillo de Alba
0%
Pedrosillo de los Aires
0%
Pedrosillo el Ralo
0%
Pedroso de Acim
0%
Pedroso de la Armuña, El
0%
Pedroso, El
0%
Pegalajar
0%
Pego
0%
Pego, El
0%
Peguerinos
0%
Pelabravo
0%
Pelahustán
0%
Pelarrodríguez
0%
Pelayos
0%
Pelayos de la Presa
0%
Pelayos del Arroyo
0%
Peleagonzalo
0%
Peleas de Abajo
0%
Peligros
0%
Peñacaballera
0%
Peñaflor de Hornija
0%
Penagos
0%
Penàguila
0%
Peña, La
0%
Peñalba
0%
Peñalba de Ávila
0%
Peñalén
0%
Peñalsordo
0%
Peñalver
0%
Peñamellera Alta
0%
Peñamellera Baja
0%
Peñaparda
0%
Peñaranda de Duero
0%
Peñarandilla
0%
Peñarroya de Tastavins
0%
Peñarroya-Pueblonuevo
0%
Peñarrubia
0%
Peñascosa
0%
Peñas de Riglos, Las
0%
Peñas de San Pedro
0%
Peñausende
0%
Penelles
0%
Peque
0%
Peracense
0%
Perafita
0%
Perafort
0%
Pera, la
0%
Peralada
0%
Peral de Arlanza
0%
Peraleda de la Mata
0%
Peraleda del Zaucejo
0%
Peraleda de San Román
0%
Peraleja, La
0%
Peralejos
0%
Peralejos de Abajo
0%
Peralejos de Arriba
0%
Peralejos de las Truchas
0%
Peral, El
0%
Perales del Alfambra
0%
Perales del Puerto
0%
Peraltilla
0%
Peralveche
0%
Peramola
0%
Peranzanes
0%
Perarrúa
0%
Perdigón, El
0%
Perdiguera
0%
Pereiro de Aguiar, O
0%
Perelló, el
0%
Pereña de la Ribera
0%
Pereruela
0%
Periana
0%
Perilla de Castro
0%
Peromingo
0%
Perosillo
0%
Peroxa, A
0%
Pertusa
0%
Pescueza
0%
Pesga, La
0%
Pesoz
0%
Pesquera
0%
Pesquera de Duero
0%
Pesquera, La
0%
Petra
0%
Petrer
0%
Petrés
0%
Pétrola
0%
Peza, La
0%
Pezuela de las Torres
0%
Pías
0%
Picanya
0%
Picassent
0%
Picazo, El
0%
Picón
0%
Piedrabuena
0%
Piedrahita de Castro
0%
Piedramillera
0%
Piedras Albas
0%
Piedratajada
0%
Piera
0%
Piérnigas
0%
Pilar de la Horadada
0%
Piles
0%
Piles, les
0%
Piña de Campos
0%
Pina de Ebro
0%
Piña de Esgueva
0%
Pina de Montalgrao
0%
Píñar
0%
Pinar de El Hierro, El
0%
Pinarejo
0%
Pinarejos
0%
Pinar, El
0%
Pinarnegrillo
0%
Pineda de Gigüela
0%
Pineda de la Sierra
0%
Pineda de Mar
0%
Pinedas
0%
Pineda Trasmonte
0%
Pinell de Brai, el
0%
Pinell de Solsonès
0%
Piñero, El
0%
Pinet
0%
Pinilla de Jadraque
0%
Pinilla del Campo
0%
Pinilla de los Barruecos
0%
Pinilla de los Moros
0%
Pinilla de Molina
0%
Pinilla de Toro
0%
Pinilla Trasmonte
0%
Pinillos
0%
Pino del Oro
0%
Pino del Río
0%
Pino de Tormes, El
0%
Pinofranqueado
0%
Pino, O
0%
Pinós
0%
Pinós, el/Pinoso
0%
Pinos Genil
0%
Pinos Puente
0%
Pinseque
0%
Pintanos, Los
0%
Piñuécar-Gandullas
0%
Piornal
0%
Pioz
0%
Piqueras
0%
Piqueras del Castillo
0%
Pira
0%
Piracés
0%
Pitarque
0%
Pitiegua
0%
Pizarra
0%
Pizarral
0%
Pla del Penedès, el
0%
Pla de Santa Maria, el
0%
Planes
0%
Planes d'Hostoles, les
0%
Planoles
0%
Plans de Sió, els
0%
Plasencia de Jalón
0%
Plasenzuela
0%
Pleitas
0%
Plenas
0%
Plou
0%
Poal, el
0%
Población de Arroyo
0%
Población de Campos
0%
Población de Cerrato
0%
Pobla de Benifassà, la
0%
Pobla de Cérvoles, la
0%
Pobla de Claramunt, la
0%
Pobla de Farnals, la
0%
Pobla del Duc, la
0%
Pobla de Lillet, la
0%
Pobla de Mafumet, la
0%
Pobla de Massaluca, la
0%
Pobla de Montornès, la
0%
Pobla de Segur, la
0%
Pobla de Vallbona, la
0%
Pobladura de Pelayo García
0%
Pobladura de Valderaduey
0%
Pobla Llarga, la
0%
Pobla, sa
0%
Pobla Tornesa, la
0%
Poble Nou de Benitatxell, el/Benitachell
0%
Poblete
0%
Poblets, els
0%
Pobo de Dueñas, El
0%
Pobo, El
0%
Poboleda
0%
Pobra de Trives, A
0%
Pobra do Brollón, A
0%
Pobra do Caramiñal, A
0%
Polaciones
0%
Pola de Gordón, La
0%
Poleñino
0%
Polentinos
0%
Polícar
0%
Polinyà
0%
Polinyà de Xúquer
0%
Pollença
0%
Pollos
0%
Polop
0%
Polopos
0%
Pomar de Valdivia
0%
Pomer
0%
Ponga
0%
Pont d'Armentera, el
0%
Pont de Bar, el
0%
Pont de Molins
0%
Pont de Suert, el
0%
Pont de Vilomara i Rocafort, el
0%
Pontenova, A
0%
Pontes de García Rodríguez, As
0%
Pontils
0%
Pontons
0%
Pontós
0%
Ponts
0%
Porcuna
0%
Porqueres
0%
Porreres
0%
Porriño, O
0%
Portaje
0%
Portalrubio de Guadamejud
0%
Portbou
0%
Port de la Selva, el
0%
Portellada, La
0%
Portella, la
0%
Portell de Morella
0%
Portezuelo
0%
Portilla
0%
Portillo
0%
Portillo de Soria
0%
Portillo de Toledo
0%
Pórtugos
0%
Porzuna
0%
Posadas
0%
Potes
0%
Potries
0%
Poveda
0%
Poveda de las Cintas
0%
Poveda de la Sierra
0%
Póveda de Soria, La
0%
Povedilla
0%
Poyales del Hoyo
0%
Poyatos
0%
Poza de la Sal
0%
Poza de la Vega
0%
Pozal de Gallinas
0%
Pozaldez
0%
Pozalmuro
0%
Pozanco
0%
Pozán de Vero
0%
Pozo Alcón
0%
Pozoamargo
0%
Pozoantiguo
0%
Pozo Cañada
0%
Pozo de Almoguera
0%
Pozo de Guadalajara
0%
Pozo de Urama
0%
Pozo-Lorente
0%
Pozondón
0%
Pozorrubielos de la Mancha
0%
Pozorrubio de Santiago
0%
Pozos de Hinojo
0%
Pozuel de Ariza
0%
Pozuel del Campo
0%
Pozuelo de Alarcón
0%
Pozuelo de Aragón
0%
Pozuelo de Calatrava
0%
Pozuelo de la Orden
0%
Pozuelo del Páramo
0%
Pozuelo de Tábara
0%
Pozuelo de Zarzón
0%
Pozuelo, El
0%
Pozuelos de Calatrava, Los
0%
Prádanos de Bureba
0%
Prádanos de Ojeda
0%
Pradejón
0%
Pradell de la Teixeta
0%
Prádena
0%
Prádena de Atienza
0%
Prádena del Rincón
0%
Prades
0%
Pradilla de Ebro
0%
Pradillo
0%
Prado del Rey
0%
Pradosegar
0%
Prados Redondos
0%
Prat de Comte
0%
Prat de Llobregat, el
0%
Pratdip
0%
Prats de Lluçanès
0%
Prats de Rei, els
0%
Prats i Sansor
0%
Pravia
0%
Preixana
0%
Preixens
0%
Préjano
0%
Premià de Dalt
0%
Premià de Mar
0%
Presencio
0%
Preses, les
0%
Priaranza del Bierzo
0%
Prioro
0%
Proaza
0%
Provencio, El
0%
Prullans
0%
Pruna
0%
Puçol
0%
Puebla de Albortón
0%
Puebla de Alcocer
0%
Puebla de Alfindén, La
0%
Puebla de Almenara
0%
Puebla de Almoradiel, La
0%
Puebla de Arenoso
0%
Puebla de Azaba
0%
Puebla de Beleña
0%
Puebla de Castro, La
0%
Puebla de Cazalla, La
0%
Puebla de Don Fadrique
0%
Puebla de Don Rodrigo
0%
Puebla de Guzmán
0%
Puebla de Híjar, La
0%
Puebla de la Calzada
0%
Puebla de la Reina
0%
Puebla de la Sierra
0%
Puebla de Lillo
0%
Puebla del Maestre
0%
Puebla de los Infantes, La
0%
Puebla del Príncipe
0%
Puebla del Río, La
0%
Puebla del Salvador
0%
Puebla de Montalbán, La
0%
Puebla de Obando
0%
Puebla de Pedraza
0%
Puebla de San Medel
0%
Puebla de San Miguel
0%
Puebla de Valdavia, La
0%
Puebla de Valles
0%
Puebla de Valverde, La
0%
Puebla de Yeltes
0%
Pueblanueva, La
0%
Pueblica de Valverde
0%
Pueblonuevo del Guadiana
0%
Pueblonuevo de Miramontes
0%
Puendeluna
0%
Puente de Domingo Flórez
0%
Puente de Génave
0%
Puente del Arzobispo, El
0%
Puente del Congosto
0%
Puente de Montañana
0%
Puentedura
0%
Puente la Reina de Jaca
0%
Puente Viesgo
0%
Puerta de Segura, La
0%
Puertas
0%
Puerto Castilla
0%
Puerto de Béjar
0%
Puerto de la Cruz
0%
Puerto del Rosario
0%
Puerto de Santa Cruz
0%
Puerto de Santa María, El
0%
Puerto de San Vicente
0%
Puértolas
0%
Puertomingalvo
0%
Puerto Moral
0%
Puerto Seguro
0%
Puerto Serrano
0%
Pueyo de Araguás, El
0%
Pueyo de Santa Cruz
0%
Puigcerdà
0%
Puigdàlber
0%
Puig de Santa Maria, el
0%
Puiggròs
0%
Puigpelat
0%
Puigpunyent
0%
Puig-reig
0%
Puigverd d'Agramunt
0%
Puigverd de Lleida
0%
Pujalt
0%
Pujerra
0%
Pulgar
0%
Pulianas
0%
Puntagorda
0%
Puntallana
0%
Puras
0%
Purchena
0%
Purujosa
0%
Purullena
0%
Quar, la
0%
Quart
0%
Quart de les Valls
0%
Quart de Poblet
0%
Quartell
0%
Quatretonda
0%
Quatretondeta
0%
Quel
0%
Quemada
0%
Quéntar
0%
Queralbs
0%
Querol
0%
Quesa
0%
Quesada
0%
Quicena
0%
Quijorna
0%
Quiñonería
0%
Quintanabureba
0%
Quintana de la Serena
0%
Quintana del Castillo
0%
Quintana del Pidio
0%
Quintana del Puente
0%
Quintanaélez
0%
Quintanaortuño
0%
Quintanapalla
0%
Quintanar de la Sierra
0%
Quintanar del Rey
0%
Quintana Redonda
0%
Quintanas de Gormaz
0%
Quintanavides
0%
Quintana y Congosto
0%
Quintanilla de Arriba
0%
Quintanilla del Agua y Tordueles
0%
Quintanilla de la Mata
0%
Quintanilla del Coco
0%
Quintanilla del Molar
0%
Quintanilla del Olmo
0%
Quintanilla de Onésimo
0%
Quintanilla de Onsoña
0%
Quintanilla de Trigueros
0%
Quintanilla de Urz
0%
Quintanilla San García
0%
Quintanillas, Las
0%
Quintanilla Vivar
0%
Quinto
0%
Quirós
0%
Quiruelas de Vidriales
0%
Quismondo
0%
Rabanales
0%
Rabanera
0%
Rabanera del Pinar
0%
Rábano
0%
Rábano de Aliste
0%
Rábanos
0%
Rábanos, Los
0%
Rabé de las Calzadas
0%
Rabós
0%
Rada de Haro
0%
Rafal
0%
Ráfales
0%
Rafelbunyol
0%
Rafelcofer
0%
Rafelguaraf
0%
Ràfol d'Almúnia, El
0%
Ráfol de Salem
0%
Rágama
0%
Rágol
0%
Rajadell
0%
Ramales de la Victoria
0%
Rambla, La
0%
Ramiro
0%
Rapariegos
0%
Ràpita, la
0%
Rasillo de Cameros, El
0%
Rasquera
0%
Rasueros
0%
Real de Gandia, el
0%
Real de la Jara, El
0%
Real de San Vicente, El
0%
Realejos, Los
0%
Rebollar
0%
Rebolledo de la Torre
0%
Rebollo
0%
Rebollosa de Jadraque
0%
Recas
0%
Recueja, La
0%
Recuenco, El
0%
Recuerda
0%
Redal, El
0%
Redecilla del Camino
0%
Redecilla del Campo
0%
Redonda, La
0%
Redován
0%
Redueña
0%
Regencós
0%
Regueras de Arriba
0%
Regueras, Las
0%
Regumiel de la Sierra
0%
Reíllo
0%
Reina
0%
Reinoso
0%
Reinoso de Cerrato
0%
Relleu
0%
Rellinars
0%
Rello
0%
Remolinos
0%
Remondo
0%
Rena
0%
Renau
0%
Renedo de la Vega
0%
Renera
0%
Renieblas
0%
Reocín
0%
Requena de Campos
0%
Respenda de la Peña
0%
Retamal de Llerena
0%
Retamoso de la Jara
0%
Retascón
0%
Retiendas
0%
Retortillo
0%
Retortillo de Soria
0%
Retuerta
0%
Retuerta del Bullaque
0%
Revellinos
0%
Revenga de Campos
0%
Revilla de Collazos
0%
Revilla del Campo
0%
Revillarruz
0%
Revilla Vallejera
0%
Revilla y Ahedo, La
0%
Reyero
0%
Rezmondo
0%
Reznos
0%
Riaguas de San Bartolomé
0%
Rialp
0%
Ribadedeva
0%
Riba de Escalote, La
0%
Riba de Saelices
0%
Ribafrecha
0%
Riba, la
0%
Ribamontán al Mar
0%
Ribamontán al Monte
0%
Riba-roja d'Ebre
0%
Riba-roja de Túria
0%
Ribas de Campos
0%
Ribera de Arriba
0%
Ribera del Fresno
0%
Ribera d'Ondara
0%
Ribera d'Urgellet
0%
Riberos de la Cueza
0%
Ribesalbes
0%
Ribes de Freser
0%
Ribota
0%
Riego de la Vega
0%
Riello
0%
Riells i Viabrea
0%
Rielves
0%
Riera de Gaià, la
0%
Rillo
0%
Rillo de Gallo
0%
Rinconada de la Sierra, La
0%
Rinconada, La
0%
Rincón de la Victoria
0%
Rincón de Soto
0%
Riner
0%
Riocabado
0%
Riocavado de la Sierra
0%
Riodeva
0%
Riofrío
0%
Riofrío de Aliste
0%
Riofrío del Llano
0%
Riofrío de Riaza
0%
Riogordo
0%
Riola
0%
Riolobos
0%
Rionansa
0%
Rionegro del Puente
0%
Riópar
0%
Riosa
0%
Rioseco de Soria
0%
Rioseco de Tapia
0%
Riotuerto
0%
Ripoll
0%
Ripollet
0%
Riudarenes
0%
Riudaura
0%
Riudecanyes
0%
Riu de Cerdanya
0%
Riudecols
0%
Riudellots de la Selva
0%
Riudoms
0%
Riumors
0%
Rivilla de Barajas
0%
Roales
0%
Roales de Campos
0%
Robladillo
0%
Robla, La
0%
Robleda
0%
Robleda-Cervantes
0%
Robledillo de Gata
0%
Robledillo de la Jara
0%
Robledillo de la Vera
0%
Robledillo de Mohernando
0%
Robledillo de Trujillo
0%
Robledo
0%
Robledo de Chavela
0%
Robledo de Corpes
0%
Robledo del Mazo
0%
Robledo, El
0%
Robledollano
0%
Robliza de Cojos
0%
Robres
0%
Robres del Castillo
0%
Roca de la Sierra, La
0%
Roca del Vallès, la
0%
Rocafort
0%
Rocafort de Queralt
0%
Rociana del Condado
0%
Roda de Andalucía, La
0%
Roda de Berà
0%
Roda de Eresma
0%
Roda de Ter
0%
Roda, La
0%
Rodeiro
0%
Ródenas
0%
Rodezno
0%
Rodonyà
0%
Roelos de Sayago
0%
Rojales
0%
Rojas
0%
Rollamienta
0%
Rollán
0%
Romana, la
0%
Romangordo
0%
Romanillos de Atienza
0%
Romanones
0%
Romanos
0%
Romeral, El
0%
Ronquillo, El
0%
Roperuelos del Páramo
0%
Roquetes
0%
Rosal de la Frontera
0%
Rosalejo
0%
Rosal, O
0%
Rosario, El
0%
Rosinos de la Requejada
0%
Rossell
0%
Rosselló
0%
Rotglà i Corberà
0%
Ròtova
0%
Roturas
0%
Rourell, el
0%
Royo, El
0%
Royuela
0%
Royuela de Río Franco
0%
Rozalén del Monte
0%
Rozas de Madrid, Las
0%
Rozas de Valdearroyo, Las
0%
Rúa, A
0%
Ruanes
0%
Rubena
0%
Rubiales
0%
Rubí de Bracamonte
0%
Rubielos de la Cérida
0%
Rubio, El
0%
Rubite
0%
Rublacedo de Abajo
0%
Rucandio
0%
Rueda
0%
Rueda de Jalón
0%
Rueda de la Sierra
0%
Ruente
0%
Ruesca
0%
Ruesga
0%
Rugat
0%
Ruiloba
0%
Rupià
0%
Rupit i Pruit
0%
Rute
0%
Sabero
0%
Sabiote
0%
Sacañet
0%
Sacecorbo
0%
Saceda-Trasierra
0%
Sacedón
0%
Saceruela
0%
Sacramenia
0%
Sádaba
0%
Saelices
0%
Saelices de la Sal
0%
Saelices de Mayorga
0%
Saelices el Chico
0%
Sagàs
0%
Sagra
0%
Sagrada, La
0%
Sahugo, El
0%
Sajazarra
0%
Salar
0%
Salares
0%
Salas Altas
0%
Salas Bajas
0%
Salas de Bureba
0%
Salàs de Pallars
0%
Salcedillo
0%
Saldaña
0%
Saldaña de Burgos
0%
Saldeana
0%
Saldes
0%
Saldón
0%
Salduero
0%
Salem
0%
Salillas
0%
Salillas de Jalón
0%
Salinas del Manzano
0%
Salinas de Oro/Jaitz
0%
Salines, ses
0%
Salinillas de Bureba
0%
Sallent
0%
Sallent de Gállego
0%
Salmerón
0%
Salmeroncillos
0%
Salmoral
0%
Salobral
0%
Salobre
0%
Salobreña
0%
Salomó
0%
Salorino
0%
Salvacañete
0%
Salvadiós
0%
Salvador de Zapardiel
0%
Salvaleón
0%
Salvatierra de Esca
0%
Salvatierra de los Barros
0%
Salvatierra de Santiago
0%
Salvatierra de Tormes
0%
Salzadella, la
0%
Samboal
0%
Samir de los Caños
0%
Samper de Calanda
0%
Samper del Salz
0%
San Adrián de Juarros
0%
San Adrián del Valle
0%
San Agustín del Pozo
0%
San Andrés del Congosto
0%
San Andrés del Rey
0%
San Andrés y Sauces
0%
San Antonio de Benagéber
0%
San Asensio
0%
Sanaüja
0%
San Bartolomé de Béjar
0%
San Bartolomé de Corneja
0%
San Bartolomé de las Abiertas
0%
San Bartolomé de la Torre
0%
San Bartolomé de Pinares
0%
San Bartolomé de Tirajana
0%
San Carlos del Valle
0%
San Cebrián de Campos
0%
San Cebrián de Castro
0%
San Cebrián de Mazote
0%
San Cebrián de Mudá
0%
Sancedo
0%
Sanchidrián
0%
Sanchón de la Ribera
0%
Sanchón de la Sagrada
0%
Sanchonuño
0%
Sanchorreja
0%
Sanchotello
0%
San Clemente
0%
San Cristóbal de Boedo
0%
San Cristóbal de Cuéllar
0%
San Cristóbal de la Cuesta
0%
San Cristóbal de La Laguna
0%
San Cristóbal de la Polantera
0%
San Cristóbal de la Vega
0%
San Cristóbal de Segovia
0%
San Cristovo de Cea
0%
Sancti-Spíritus
0%
Sando
0%
San Esteban de Gormaz
0%
San Esteban de la Sierra
0%
San Esteban de Litera
0%
San Esteban del Molar
0%
San Esteban de los Patos
0%
San Esteban del Valle
0%
San Esteban de Zapardiel
0%
Sanet y Negrals
0%
San Felices
0%
San Felices de Buelna
0%
San Felices de los Gallegos
0%
San Fulgencio
0%
Sangarcía
0%
San García de Ingelmos
0%
Sangarrén
0%
San José del Valle
0%
San Juan de Aznalfarache
0%
San Juan de Gredos
0%
San Juan de la Encinilla
0%
San Juan de la Nava
0%
San Juan de la Rambla
0%
San Juan del Molinillo
0%
San Juan del Monte
0%
San Juan del Olmo
0%
San Juan del Puerto
0%
San Justo
0%
San Justo de la Vega
0%
San Leonardo de Yagüe
0%
San Llorente
0%
San Lorenzo de Calatrava
0%
San Lorenzo de El Escorial
0%
San Lorenzo de Tormes
0%
Sanlúcar de Guadiana
0%
San Mamés de Burgos
0%
San Mamés de Campos
0%
San Martín de Boniches
0%
San Martín de la Vega del Alberche
0%
San Martín de la Virgen de Moncayo
0%
San Martín del Castañar
0%
San Martín del Pimpollar
0%
San Martín del Rey Aurelio
0%
San Martín del Río
0%
San Martín del Tesorillo
0%
San Martín de Oscos
0%
San Martín de Rubiales
0%
San Martín de Valderaduey
0%
San Martín de Valvení
0%
San Martín y Mudrián
0%
San Mateo de Gállego
0%
San Miguel de Abona
0%
San Miguel de Aguayo
0%
San Miguel de Bernuy
0%
San Miguel de Corneja
0%
San Miguel de la Ribera
0%
San Miguel del Arroyo
0%
San Miguel del Cinca
0%
San Miguel del Pino
0%
San Miguel del Robledo
0%
San Miguel del Valle
0%
San Miguel de Salinas
0%
San Miguel de Serrezuela
0%
San Miguel de Valero
0%
San Millán de la Cogolla
0%
San Millán de Lara
0%
San Millán de los Caballeros
0%
San Millán de Yécora
0%
San Morales
0%
San Muñoz
0%
San Pablo de la Moraleja
0%
San Pascual
0%
San Pedro Bercianos
0%
San Pedro de Ceque
0%
San Pedro de Gaíllos
0%
San Pedro de la Nave-Almendra
0%
San Pedro del Arroyo
0%
San Pedro de Latarce
0%
San Pedro del Pinatar
0%
San Pedro del Romeral
0%
San Pedro del Valle
0%
San Pedro de Mérida
0%
San Pedro de Rozados
0%
San Pedro Manrique
0%
San Pedro Palmiches
0%
San Pelayo
0%
San Pelayo de Guareña
0%
San Rafael del Río
0%
San Román de Cameros
0%
San Román de Hornija
0%
San Román de la Cuba
0%
San Román de los Montes
0%
San Roque de Riomiera
0%
San Salvador
0%
San Sebastián de la Gomera
0%
San Sebastián de los Ballesteros
0%
San Silvestre de Guzmán
0%
Sansol
0%
Santa Amalia
0%
Santa Ana la Real
0%
Santa Bàrbara
0%
Santa Bárbara de Casa
0%
Santa Brígida
0%
Santa Cecilia
0%
Santa Cecilia del Alcor
0%
Santa Cecília de Voltregà
0%
Santa Cilia
0%
Santa Clara de Avedillo
0%
Santa Coloma de Cervelló
0%
Santa Coloma de Farners
0%
Santa Coloma de Gramenet
0%
Santa Coloma de Queralt
0%
Santa Colomba de Curueño
0%
Santa Colomba de las Monjas
0%
Santa Colomba de Somoza
0%
Santa Cristina d'Aro
0%
Santa Cristina de la Polvorosa
0%
Santa Cristina de Valmadrigal
0%
Santa Croya de Tera
0%
Santa Cruz de Bezana
0%
Santa Cruz de Boedo
0%
Santa Cruz de Grío
0%
Santa Cruz de la Palma
0%
Santa Cruz de la Salceda
0%
Santa Cruz de la Serós
0%
Santa Cruz de la Sierra
0%
Santa Cruz de la Zarza
0%
Santa Cruz del Comercio
0%
Santa Cruz de los Cáñamos
0%
Santa Cruz del Valle
0%
Santa Cruz del Valle Urbión
0%
Santa Cruz de Marchena
0%
Santa Cruz de Moncayo
0%
Santa Cruz de Moya
0%
Santa Cruz de Nogueras
0%
Santa Cruz de Paniagua
0%
Santa Cruz de Pinares
0%
Santa Cruz de Yanguas
0%
Sant Adrià de Besòs
0%
Santa Elena
0%
Santa Elena de Jamuz
0%
Santaella
0%
Santa Engracia del Jubera
0%
Santa Eufemia
0%
Santa Eufemia del Arroyo
0%
Santa Eufemia del Barco
0%
Santa Eugènia
0%
Santa Eugènia de Berga
0%
Santa Eulalia Bajera
0%
Santa Eulalia de Gállego
0%
Santa Eulalia de Oscos
0%
Santa Eulàlia de Riuprimer
0%
Santa Eulàlia de Ronçana
0%
Santa Eulària des Riu
0%
Santa Fe del Penedès
0%
Santa Fe de Mondújar
0%
Santa Gadea del Cid
0%
Sant Agustí de Lluçanès
0%
Santa Inés
0%
Santaliestra y San Quílez
0%
Santa Llogaia d'Àlguema
0%
Santa Lucía de Tirajana
0%
Santa Magdalena de Pulpis
0%
Santa Margalida
0%
Santa Margarida de Montbui
0%
Santa Margarida i els Monjos
0%
Santa Maria de Besora
0%
Santa María de Cayón
0%
Santa María de Dulcis
0%
Santa María de Guía de Gran Canaria
0%
Santa María de Huerta
0%
Santa María de la Alameda
0%
Santa María de la Isla
0%
Santa María del Arroyo
0%
Santa María de las Hoyas
0%
Santa María de la Vega
0%
Santa María del Berrocal
0%
Santa María del Camí
0%
Santa María del Cubillo
0%
Santa María del Invierno
0%
Santa María del Mercadillo
0%
Santa María del Monte de Cea
0%
Santa María de los Caballeros
0%
Santa María de los Llanos
0%
Santa María del Tiétar
0%
Santa María del Val
0%
Santa Maria de Martorelles
0%
Santa Maria de Merlès
0%
Santa Maria de Miralles
0%
Santa María de Ordás
0%
Santa María de Sando
0%
Santa María de Valverde
0%
Santa Maria d'Oló
0%
Santa María la Real de Nieva
0%
Santa María Ribarredonda
0%
Santa Marta del Cerro
0%
Santa Marta de Magasca
0%
Sant Andreu de la Barca
0%
Sant Andreu de Llavaneres
0%
Sant Andreu Salou
0%
Sant Aniol de Finestres
0%
Sant Antoni de Portmany
0%
Sant Antoni de Vilamajor
0%
Santanyí
0%
Santa Olalla de Bureba
0%
Santa Olalla del Cala
0%
Santa Oliva
0%
Santa Pau
0%
Santa Perpètua de Mogoda
0%
Santas Martas
0%
Santa Susanna
0%
Santa Úrsula
0%
Sant Bartomeu del Grau
0%
Sant Boi de Lluçanès
0%
Sant Cebrià de Vallalta
0%
Sant Celoni
0%
Sant Climent de Llobregat
0%
Sant Climent Sescebes
0%
Sant Cugat Sesgarrigues
0%
Santed
0%
Santervás de Campos
0%
Santervás de la Vega
0%
Sant Esteve de la Sarga
0%
Sant Esteve Sesrovires
0%
Sant Feliu de Buixalleu
0%
Sant Feliu de Codines
0%
Sant Feliu de Guíxols
0%
Sant Feliu de Llobregat
0%
Sant Feliu de Pallerols
0%
Sant Feliu Sasserra
0%
Sant Ferriol
0%
Sant Fost de Campsentelles
0%
Sant Fruitós de Bages
0%
Sant Gregori
0%
Sant Guim de Freixenet
0%
Sant Guim de la Plana
0%
Sant Hilari Sacalm
0%
Sant Hipòlit de Voltregà
0%
Santiago de Alcántara
0%
Santiago de Calatrava
0%
Santiago de la Puebla
0%
Santiago del Campo
0%
Santiago del Collado
0%
Santiago del Teide
0%
Santiago del Tormes
0%
Santiago Millas
0%
Santiago-Pontones
0%
Santibáñez de Béjar
0%
Santibáñez de Ecla
0%
Santibáñez de Esgueva
0%
Santibáñez de la Peña
0%
Santibáñez de la Sierra
0%
Santibáñez del Val
0%
Santibáñez de Tera
0%
Santibáñez de Valcorba
0%
Santibáñez de Vidriales
0%
Santibáñez el Alto
0%
Santibáñez el Bajo
0%
Santiponce
0%
San Tirso de Abres
0%
Sant Iscle de Vallalta
0%
Santiurde de Reinosa
0%
Santiurde de Toranzo
0%
Santiuste
0%
Santiuste de Pedraza
0%
Santiuste de San Juan Bautista
0%
Santiz
0%
Sant Jaume de Frontanyà
0%
Sant Jaume de Llierca
0%
Sant Jaume dels Domenys
0%
Sant Jaume d'Enveja
0%
Sant Joan d'Alacant
0%
Sant Joan de Labritja
0%
Sant Joan de les Abadesses
0%
Sant Joan de Mollet
0%
Sant Joan de Moró
0%
Sant Joan Despí
0%
Sant Joan de Vilatorrada
0%
Sant Joanet
0%
Sant Joan les Fonts
0%
Sant Jordi Desvalls
0%
Sant Jordi/San Jorge
0%
Sant Josep de sa Talaia
0%
Sant Julià de Cerdanyola
0%
Sant Julià del Llor i Bonmatí
0%
Sant Julià de Ramis
0%
Sant Julià de Vilatorta
0%
Sant Just Desvern
0%
Sant Llorenç de la Muga
0%
Sant Llorenç des Cardassar
0%
Sant Llorenç d'Hortons
0%
Sant Llorenç Savall
0%
Sant Lluís
0%
Sant Martí d'Albars
0%
Sant Martí de Centelles
0%
Sant Martí de Llémena
0%
Sant Martí de Riucorb
0%
Sant Martí de Tous
0%
Sant Martí Sarroca
0%
Sant Martí Sesgueioles
0%
Sant Martí Vell
0%
Sant Mateu
0%
Sant Mateu de Bages
0%
Sant Miquel de Campmajor
0%
Sant Miquel de Fluvià
0%
Sant Mori
0%
Santo Adriano
0%
Santo Domingo-Caudilla
0%
Santo Domingo de las Posadas
0%
Santo Domingo de Pirón
0%
Santo Domingo de Silos
0%
Santomera
0%
San Torcuato
0%
Santos de la Humosa, Los
0%
Santos de Maimona, Los
0%
Santos, Los
0%
Santo Tomé
0%
Santo Tomé del Puerto
0%
Santo Tomé de Zabarcos
0%
Santovenia de la Valdoncina
0%
Santoyo
0%
Sant Pau de Segúries
0%
Santpedor
0%
Sant Pere de Ribes
0%
Sant Pere de Riudebitlles
0%
Sant Pere de Torelló
0%
Sant Pere de Vilamajor
0%
Sant Pere Pescador
0%
Sant Pere Sallavinera
0%
Sant Pol de Mar
0%
Sant Quintí de Mediona
0%
Sant Quirze de Besora
0%
Sant Quirze del Vallès
0%
Sant Quirze Safaja
0%
Sant Ramon
0%
Sant Sadurní d'Anoia
0%
Sant Sadurní d'Osormort
0%
Sant Salvador de Guardiola
0%
Santurde de Rioja
0%
Santurdejo
0%
Sant Vicenç de Montalt
0%
Sant Vicenç de Torelló
0%
San Vicente de Alcántara
0%
San Vicente de Arévalo
0%
San Vicente de la Cabeza
0%
San Vicente de la Sonsierra
0%
San Vicente del Palacio
0%
San Vicente del Valle
0%
San Vitero
0%
Sanzoles
0%
Sardón de Duero
0%
Sardón de los Frailes
0%
Sargentes de la Lora
0%
Sariego
0%
Sariegos
0%
Sariñena
0%
Saro
0%
Sarracín
0%
Sarral
0%
Sarrià de Ter
0%
Sarrión
0%
Sarroca de Bellera
0%
Sarroca de Lleida
0%
Sartajada
0%
Sasamón
0%
Sástago
0%
Saúca
0%
Saucedilla
0%
Saucejo, El
0%
Saucelle
0%
Sauquillo de Cabezas
0%
Saus, Camallera i Llampaies
0%
Sauzal, El
0%
Savallà del Comtat
0%
Saviñao, O
0%
Sax
0%
Sayalonga
0%
Sayatón
0%
Sebúlcor
0%
Seca, La
0%
Secastilla
0%
Secuita, la
0%
Sedaví
0%
Sedella
0%
Sediles
0%
Segart
0%
Segorbe
0%
Segura de la Sierra
0%
Segura de León
0%
Segura de los Baños
0%
Segura de Toro
0%
Seira
0%
Selas
0%
Selaya
0%
Sella
0%
Sellent
0%
Selva
0%
Selva del Camp, la
0%
Selva de Mar, la
0%
Semillas
0%
Sempere
0%
Senan
0%
Sencelles
0%
Senés
0%
Senés de Alcubierre
0%
Sénia, la
0%
Senija
0%
Seno
0%
Senterada
0%
Sentiu de Sió, la
0%
Sentmenat
0%
Senyera
0%
Sepulcro-Hilario
0%
Sequera de Fresno
0%
Sequera de Haza, La
0%
Sequeros
0%
Serinyà
0%
Serna del Monte, La
0%
Serón
0%
Serón de Nágima
0%
Seròs
0%
Serrada
0%
Serrada, La
0%
Serra de Daró
0%
Serradilla
0%
Serradilla del Arroyo
0%
Serradilla del Llano
0%
Serratella, la
0%
Serrato
0%
Serrejón
0%
Sesa
0%
Sesma
0%
Sestrica
0%
Setcases
0%
Setiles
0%
Seu d'Urgell, la
0%
Seva
0%
Sevilla la Nueva
0%
Sevilleja de la Jara
0%
Sienes
0%
Sierpe, La
0%
Sierra de Fuentes
0%
Sierra de Luna
0%
Sierra de Yeguas
0%
Sierra Engarcerán
0%
Siete Aguas
0%
Sieteiglesias de Tormes
0%
Siete Iglesias de Trabancos
0%
Sigeres
0%
Sigüés
0%
Siles
0%
Silla
0%
Silos, Los
0%
Sils
0%
Simat de la Valldigna
0%
Sinarcas
0%
Sineu
0%
Singra
0%
Sinlabajos
0%
Siruela
0%
Sisamón
0%
Sisante
0%
Sitges
0%
Siurana
0%
Soba
0%
Sobradiel
0%
Sobradillo
0%
Sobremunt
0%
Sobrescobio
0%
Socovos
0%
Sojuela
0%
Solana de Ávila
0%
Solana de los Barros
0%
Solana del Pino
0%
Solana de Rioalmar
0%
Solana, La
0%
Solanillos del Extremo
0%
Solarana
0%
Solera de Gabaldón
0%
Soleràs, el
0%
Soliedra
0%
Solivella
0%
Sollana
0%
Solosancho
0%
Somiedo
0%
Somolinos
0%
Somontín
0%
Somozas, As
0%
Soneja
0%
Son Servera
0%
Sopeira
0%
Sopela
0%
Soportújar
0%
Sorbas
0%
Sordillos
0%
Soriguera
0%
Sorihuela
0%
Sorihuela del Guadalimar
0%
Sorlada
0%
Sorvilán
0%
Sorzano
0%
Sos del Rey Católico
0%
Soses
0%
Sotalbo
0%
Sot de Chera
0%
Sot de Ferrer
0%
Sotés
0%
Sotillo
0%
Sotillo de la Adrada
0%
Sotillo de la Ribera
0%
Sotillo de las Palomas
0%
Sotillo del Rincón
0%
Sotillo, El
0%
Sotobañado y Priorato
0%
Soto de Cerrato
0%
Soto de la Vega
0%
Soto del Barco
0%
Sotodosos
0%
Soto en Cameros
0%
Sotonera, La
0%
Sotorribas
0%
Sotosalbos
0%
Sotoserrano
0%
Soto y Amío
0%
Sotragero
0%
Sotresgudo
0%
Subirats
0%
Sudanell
0%
Sueca
0%
Suellacabras
0%
Suera/Sueras
0%
Suflí
0%
Sukarrieta
0%
Sumacàrcer
0%
Sunyer
0%
Súria
0%
Susinos del Páramo
0%
Susqueda
0%
Tabanera de Cerrato
0%
Tabanera de Valdavia
0%
Tabanera la Luenga
0%
Tábara
0%
Tabera de Abajo
0%
Tabernas
0%
Taberno
0%
Tabuenca
0%
Tacoronte
0%
Tagamanent
0%
Tahal
0%
Taha, La
0%
Tajahuerce
0%
Tajueco
0%
Tala, La
0%
Talamantes
0%
Talarn
0%
Talarrubias
0%
Talaván
0%
Talaveruela de la Vera
0%
Tales
0%
Táliga
0%
Tallada d'Empordà, la
0%
Talveila
0%
Tamajón
0%
Támara de Campos
0%
Tamariz de Campos
0%
Tamarón
0%
Tamurejo
0%
Tanque, El
0%
Tapia de Casariego
0%
Tapioles
0%
Taradell
0%
Taragudo
0%
Tarancón
0%
Taravilla
0%
Tarazona de Guareña
0%
Tàrbena
0%
Tardáguila
0%
Tardajos
0%
Tardelcuende
0%
Tardienta
0%
Taroda
0%
Tàrrega
0%
Tarrés
0%
Tarroja de Segarra
0%
Tartanedo
0%
Tauste
0%
Tavernes Blanques
0%
Tavernes de la Valldigna
0%
Tavèrnoles
0%
Tavertet
0%
Tazacorte
0%
Teba
0%
Tébar
0%
Tegueste
0%
Teguise
0%
Teià
0%
Teixeira, A
0%
Tejada
0%
Tejadillos
0%
Tejado
0%
Tejado, El
0%
Tejeda
0%
Tejeda de Tiétar
0%
Tejeda y Segoyuela
0%
Tembleque
0%
Tendilla
0%
Tenebrón
0%
Teresa
0%
Teresa de Cofrentes
0%
Térmens
0%
Terque
0%
Terrades
0%
Terradillos
0%
Terradillos de Esgueva
0%
Terrassa
0%
Terrateig
0%
Terriente
0%
Terrinches
0%
Terroba
0%
Terzaga
0%
Teulada
0%
Teverga
0%
Tiana
0%
Tías
0%
Tibi
0%
Tierga
0%
Tierzo
0%
Tiétar
0%
Tijarafe
0%
Tíjola
0%
Tinajas
0%
Tinajo
0%
Tineo
0%
Tinieblas de la Sierra
0%
Tiñosillos
0%
Tirgo
0%
Tírig
0%
Tírvia
0%
Titaguas
0%
Tiurana
0%
Tivenys
0%
Tivissa
0%
Toba, La
0%
Tobed
0%
Tobía
0%
Toboso, El
0%
Todolella
0%
Toga
0%
Tojos, Los
0%
Tolbaños
0%
Tolocirio
0%
Tolox
0%
Tolva
0%
Tona
0%
Topas
0%
Torà
0%
Toral de los Guzmanes
0%
Toral de los Vados
0%
Torás
0%
Tordehumos
0%
Tordellego
0%
Tordelrábano
0%
Tordera
0%
Tordesilos
0%
Tordillos
0%
Tordómar
0%
Torelló
0%
Toreno
0%
Torija
0%
Toril
0%
Toril y Masegoso
0%
Torlengua
0%
Tormantos
0%
Tormellas
0%
Tormón
0%
Tormos
0%
Torms, els
0%
Tornabous
0%
Tornadizo, El
0%
Tornadizos de Ávila
0%
Tornavacas
0%
Torno, El
0%
Tornos
0%
Toro, El
0%
Torralba de Aragón
0%
Torralba de los Frailes
0%
Torralba de los Sisones
0%
Torralba del Pinar
0%
Torralba del Río
0%
Torralba de Oropesa
0%
Torralba de Ribota
0%
Torralbilla
0%
Torreadrada
0%
Torre Alháquime
0%
Torrebaja
0%
Torrebesses
0%
Torreblacos
0%
Torreblanca
0%
Torreblascopedro
0%
Torrecaballeros
0%
Torrecampo
0%
Torre-Cardela
0%
Torrechiva
0%
Torrecilla de Alcañiz
0%
Torrecilla de la Abadesa
0%
Torrecilla de la Jara
0%
Torrecilla de la Orden
0%
Torrecilla de la Torre
0%
Torrecilla del Monte
0%
Torrecilla de los Ángeles
0%
Torrecilla del Pinar
0%
Torrecilla del Rebollar
0%
Torrecilla en Cameros
0%
Torrecilla sobre Alesanco
0%
Torrecuadrada de Molina
0%
Torrecuadradilla
0%
Torre de Arcas
0%
Torre de Cabdella, la
0%
Torre de Claramunt, la
0%
Torre de Don Miguel
0%
Torre de Esgueva
0%
Torre de Esteban Hambrán, La
0%
Torre de Fontaubella, la
0%
Torre de Juan Abad
0%
Torre de las Arcas
0%
Torre del Bierzo
0%
Torre del Burgo
0%
Torredelcampo
0%
Torre del Compte
0%
Torre de les Maçanes, la/Torremanzanas
0%
Torre de l'Espanyol, la
0%
Torre del Valle, La
0%
Torredembarra
0%
Torre de Miguel Sesmero
0%
Torre d'en Besora, la
0%
Torre d'en Doménec, la
0%
Torre de Peñafiel
0%
Torre de Santa María
0%
Torredonjimeno
0%
Torre en Cameros
0%
Torrefarrera
0%
Torrefeta i Florejacs
0%
Torregalindo
0%
Torregamones
0%
Torregrossa
0%
Torrehermosa
0%
Torreiglesias
0%
Torrejoncillo del Rey
0%
Torrejón del Rey
0%
Torrejón el Rubio
0%
Torrelacárcel
0%
Torrelaguna
0%
Torrelameu
0%
Torrelapaja
0%
Torrelara
0%
Torre la Ribera
0%
Torrelavit
0%
Torrellas
0%
Torrelles de Foix
0%
Torrelles de Llobregat
0%
Torre los Negros
0%
Torremayor
0%
Torremejía
0%
Torremenga
0%
Torremocha de Jadraque
0%
Torremocha de Jarama
0%
Torremocha de Jiloca
0%
Torremocha del Campo
0%
Torremocha del Pinar
0%
Torremochuela
0%
Torremontalbo
0%
Torremormojón
0%
Torrente de Cinca
0%
Torrenueva Costa
0%
Torreorgaz
0%
Torrepadre
0%
Torreperogil
0%
Torrequemada
0%
Torresandino
0%
Torres de Albánchez
0%
Torres de Albarracín
0%
Torres de Alcanadre
0%
Torres de Barbués
0%
Torres de Berrellén
0%
Torres de Cotillas, Las
0%
Torres del Carrizal
0%
Torres del Río
0%
Torres de Segre
0%
Torre-serona
0%
Torresmenudas
0%
Torres Torres
0%
Torre Val de San Pedro
0%
Torrevelilla
0%
Torrico
0%
Torrijas
0%
Torrijo de la Cañada
0%
Torrijo del Campo
0%
Torroella de Fluvià
0%
Torroella de Montgrí
0%
Torroja del Priorat
0%
Torrox
0%
Torrubia
0%
Torrubia del Campo
0%
Torrubia del Castillo
0%
Torrubia de Soria
0%
Tortellà
0%
Tórtola de Henares
0%
Tórtoles
0%
Tórtoles de Esgueva
0%
Tortosa
0%
Tortuera
0%
Tortuero
0%
Torvizcón
0%
Tosantos
0%
Toses
0%
Tosos
0%
Tossa de Mar
0%
Totalán
0%
Tous
0%
Trabadelo
0%
Trabanca
0%
Trabazos
0%
Tragacete
0%
Traíd
0%
Traiguera
0%
Tramacastiel
0%
Tramacastilla
0%
Tramaced
0%
Trasierra
0%
Trasmoz
0%
Trasobares
0%
Traspinedo
0%
Trebujena
0%
Trefacio
0%
Tremedal de Tormes
0%
Trescasas
0%
Tresjuncos
0%
Trespaderne
0%
Tres Villas, Las
0%
Tresviso
0%
Trévago
0%
Trevélez
0%
Treviana
0%
Tribaldos
0%
Tricio
0%
Trijueque
0%
Triollo
0%
Tronchón
0%
Truchas
0%
Trujillanos
0%
Tubilla del Agua
0%
Tubilla del Lago
0%
Tudanca
0%
Tudelilla
0%
Tuéjar
0%
Tuineje
0%
Turcia
0%
Turís
0%
Turleque
0%
Turón
0%
Turrillas
0%
Ubide
0%
Ucar
0%
Uceda
0%
Ucero
0%
Udías
0%
Ugao-Miraballes
0%
Ugena
0%
Ugíjar
0%
Ujados
0%
Uleila del Campo
0%
Ullà
0%
Ullastrell
0%
Ullastret
0%
Ulldecona
0%
Ulldemolins
0%
Ultramort
0%
Umbrías
0%
Uña
0%
Uña de Quintana
0%
Uncastillo
0%
Undués de Lerda
0%
Unión de Campos, La
0%
Unión, La
0%
Úrbel del Castillo
0%
Urdiales del Páramo
0%
Urduliz
0%
Urones de Castroponce
0%
Urrácal
0%
Urrea de Gaén
0%
Urrea de Jalón
0%
Urriés
0%
Urueñas
0%
Uruñuela
0%
Urús
0%
Usansolo
0%
Used
0%
Useres, les/Useras
0%
Utande
0%
Uterga
0%
Utrillas
0%
Vacarisses
0%
Vadillo
0%
Vadillo de la Guareña
0%
Vadillo de la Sierra
0%
Vadocondes
0%
Vajol, la
0%
Valacloche
0%
Valadouro, O
0%
Valbona
0%
Valbuena de Duero
0%
Valbuena de Pisuerga
0%
Valcabado
0%
Valdáliga
0%
Valdarachas
0%
Valdastillas
0%
Valdealgorfa
0%
Valdeande
0%
Valdearcos de la Vega
0%
Valdearenas
0%
Valdeavellano
0%
Valdeavellano de Tera
0%
Valdeavero
0%
Valdeaveruelo
0%
Valdecaballeros
0%
Valdecañas de Tajo
0%
Valdecarros
0%
Valdecasa
0%
Valdecolmenas, Los
0%
Valdeconcha
0%
Valdecuenca
0%
Valdefinjas
0%
Valdefresno
0%
Valdefuentes
0%
Valdefuentes del Páramo
0%
Valdefuentes de Sangusín
0%
Valdeganga
0%
Valdegeña
0%
Valdegrudas
0%
Valdehijaderos
0%
Valdehorna
0%
Valdehúncar
0%
Valdelacasa
0%
Valdelacasa de Tajo
0%
Valdelageve
0%
Valdelagua del Cerro
0%
Valdelaguna
0%
Valdelarco
0%
Valdelcubo
0%
Valdelinares
0%
Valdelosa
0%
Valdeltormo
0%
Valdelugueros
0%
Valdemadera
0%
Valdemaluque
0%
Valdemanco
0%
Valdemanco del Esteras
0%
Valdemaqueda
0%
Valdemeca
0%
Valdemierque
0%
Valdemora
0%
Valdemorales
0%
Valdemorillo de la Sierra
0%
Valdemoro-Sierra
0%
Valdenebro
0%
Valdenebro de los Valles
0%
Valdenuño Fernández
0%
Valdeobispo
0%
Valdeolea
0%
Valdeolivas
0%
Valdeolmillos
0%
Valdeolmos-Alalpardo
0%
Valdepeñas de Jaén
0%
Valdepeñas de la Sierra
0%
Valdepolo
0%
Valdeprado
0%
Valdeprado del Río
0%
Valdeprados
0%
Valderrábano
0%
Valderrebollo
0%
Valderredible
0%
Valderrey
0%
Valderrodilla
0%
Valderrodrigo
0%
Valderrubio
0%
Valderrueda
0%
Valdés
0%
Valdesamario
0%
Val de San Lorenzo
0%
Val de San Martín
0%
Val de San Vicente
0%
Valdescorriel
0%
Valdesotos
0%
Valdestillas
0%
Valdetórtola
0%
Valde-Ucieza
0%
Valdevacas de Montejo
0%
Valdevacas y Guijar
0%
Valdeverdeja
0%
Valdevimbre
0%
Valdezate
0%
Valdorros
0%
Valdoviño
0%
Valdunciel
0%
Valdunquillo
0%
Valencia del Mombuey
0%
Valencia del Ventoso
0%
Valenzuela
0%
Valenzuela de Calatrava
0%
Valeras, Las
0%
Valero
0%
Valfarta
0%
Valfermoso de Tajuña
0%
Valgañón
0%
Valhermoso
0%
Valhermoso de la Fuente
0%
Valjunquera
0%
Vallada
0%
Vallanca
0%
Vallarta de Bureba
0%
Vallat
0%
Vallbona d'Anoia
0%
Vallbona de les Monges
0%
Vallcebre
0%
Vallclara
0%
Vall d'Alba
0%
Vall d'Alcalà, la
0%
Vall de Almonacid
0%
Vall de Bianya, la
0%
Vall de Boí, la
0%
Vall d'Ebo, la
0%
Vall de Cardós
0%
Vall de Gallinera, la
0%
Vall de Laguar, la
0%
Valldemossa
0%
Vall d'en Bas, la
0%
Vall d'Uixó, la
0%
Vallecillo
0%
Vallecillo, El
0%
Valle de Abdalajís
0%
Valle de Altomira, El
0%
Valle de Ancares
0%
Valle de Bardají
0%
Valle de Cerrato
0%
Valle de Hecho
0%
Valle de la Serena
0%
Valle de las Navas
0%
Valle de Lierp
0%
Valle de Losa
0%
Valle del Retortillo
0%
Valle del Zalabí
0%
Valle de Manzanedo
0%
Valle de Matamoros
0%
Valle de Mena
0%
Valle de Oca
0%
Valle de Santa Ana
0%
Valle de Santibáñez
0%
Valle de Sedano
0%
Valle de Tabladillo
0%
Valle de Tobalina
0%
Valle de Trápaga-Trapagaran
0%
Valle de Valdebezana
0%
Valle de Valdelaguna
0%
Valle de Valdelucio
0%
Valle de Villaverde
0%
Valle de Zamanzas
0%
Valle, El
0%
Valle Gran Rey
0%
Vallehermoso
0%
Vallejera
0%
Vallejera de Riofrío
0%
Valleruela de Pedraza
0%
Valleruela de Sepúlveda
0%
Vallés
0%
Vallesa de la Guareña
0%
Valles de Palenzuela
0%
Valleseco
0%
Vallfogona de Balaguer
0%
Vallfogona de Ripollès
0%
Vallfogona de Riucorb
0%
Vallgorguina
0%
Vallibona
0%
Vallirana
0%
Vall-llobrega
0%
Vallmoll
0%
Vallromanes
0%
Valls
0%
Valls d'Aguilar, les
0%
Valls de Valira, les
0%
Valluércanes
0%
Valmadrid
0%
Valmala
0%
Valmojado
0%
Valpalmas
0%
Valsalabroso
0%
Valsalobre
0%
Valseca
0%
Valsequillo
0%
Valsequillo de Gran Canaria
0%
Valtablado del Río
0%
Valtajeros
0%
Valtiendas
0%
Valtorres
0%
Valverde de Alcalá
0%
Valverde de Burguillos
0%
Valverde de Campos
0%
Valverde de Júcar
0%
Valverde de la Vera
0%
Valverde de la Virgen
0%
Valverde del Camino
0%
Valverde de Leganés
0%
Valverde del Fresno
0%
Valverde de Llerena
0%
Valverde del Majano
0%
Valverde de los Arroyos
0%
Valverde de Mérida
0%
Valverde de Valdelacasa
0%
Valverde-Enrique
0%
Valverdejo
0%
Valverdón
0%
Vandellòs i l'Hospitalet de l'Infant
0%
Vansa i Fórnols, la
0%
Vara de Rey
0%
Veciana
0%
Vecilla, La
0%
Vecinos
0%
Vegacervera
0%
Vega de Espinareda
0%
Vega de Infanzones
0%
Vega del Codorno
0%
Vega de Liébana
0%
Vegadeo
0%
Vega de Pas
0%
Vega de Ruiponce
0%
Vega de San Mateo
0%
Vega de Santa María
0%
Vega de Tera
0%
Vega de Tirados
0%
Vega de Valcarce
0%
Vega de Valdetronco
0%
Vega de Villalobos
0%
Vegalatrave
0%
Veganzones
0%
Vegaquemada
0%
Vegas del Condado
0%
Vegas del Genil
0%
Vegas de Matute
0%
Vegaviana
0%
Veguillas de la Sierra
0%
Veguillas, Las
0%
Veiga, A
0%
Velamazán
0%
Velascálvaro
0%
Velayos
0%
Velefique
0%
Vélez-Blanco
0%
Vélez de Benaudalla
0%
Vélez-Rubio
0%
Velilla de Ebro
0%
Velilla de Jiloca
0%
Velilla de la Sierra
0%
Velilla de los Ajos
0%
Velilla del Río Carrión
0%
Vellés, La
0%
Vellisca
0%
Velliza
0%
Vellón, El
0%
Vencillón
0%
Vendrell, el
0%
Venialbo
0%
Ventalló
0%
Ventas con Peña Aguilera, Las
0%
Ventas de Huelma
0%
Ventas de Retamosa, Las
0%
Ventas de San Julián, Las
0%
Ventosa
0%
Ventosa de la Cuesta
0%
Ventosa del Río Almar
0%
Ventosilla y Tejadilla
0%
Ventrosa
0%
Vera de Moncayo
0%
Verdú
0%
Verger, el
0%
Verges
0%
Vertavillo
0%
Vespella de Gaià
0%
Vezdemarbán
0%
Viacamp y Litera
0%
Viana de Cega
0%
Viana de Duero
0%
Viana de Jadraque
0%
Viandar de la Vera
0%
Vianos
0%
Viator
0%
Vícar
0%
Vicedo, O
0%
Vicién
0%
Victoria de Acentejo, La
0%
Victoria, La
0%
Vidayanes
0%
Vid de Bureba, La
0%
Vid de Ojeda, La
0%
Videmala
0%
Vídola, La
0%
Vidrà
0%
Vidreres
0%
Vid y Barrios, La
0%
Vielha e Mijaran
0%
Vierlas
0%
Viguera
0%
Vilabella
0%
Vilabertran
0%
Vilablareix
0%
Vilaboa
0%
Vilada
0%
Viladamat
0%
Viladasens
0%
Viladecans
0%
Viladecavalls
0%
Vilademuls
0%
Viladrau
0%
Vilafamés
0%
Vilafant
0%
Vilaflor de Chasna
0%
Vilafranca de Bonany
0%
Vilafranca del Penedès
0%
Vilafranca/Villafranca del Cid
0%
Vilagrassa
0%
Vila Joiosa, la/Villajoyosa
0%
Vilajuïga
0%
Vilalba dels Arcs
0%
Vilalba Sasserra
0%
Vilallonga del Camp
0%
Vilallonga de Ter
0%
Vilallonga/Villalonga
0%
Vilamacolum
0%
Vilamalla
0%
Vilamaniscle
0%
Vilamartín de Valdeorras
0%
Vilamarxant
0%
Vilanant
0%
Vilanova d'Alcolea
0%
Vilanova de Bellpuig
0%
Vilanova de la Barca
0%
Vilanova de l'Aguda
0%
Vilanova del Camí
0%
Vilanova del Vallès
0%
Vilanova de Meià
0%
Vilanova de Prades
0%
Vilanova de Sau
0%
Vilanova d'Escornalbou
0%
Vilanova de Segrià
0%
Vilanova i la Geltrú
0%
Vilaplana
0%
Vilar de Canes
0%
Vila-rodona
0%
Vila-sacra
0%
Vila-sana
0%
Vilasantar
0%
Vila-seca
0%
Vilassar de Dalt
0%
Vilassar de Mar
0%
Vilaür
0%
Vilavella, la
0%
Vilaverd
0%
Vilches
0%
Vilella Alta, la
0%
Vilella Baixa, la
0%
Vileña
0%
Villabáñez
0%
Villabaruz de Campos
0%
Villabasta de Valdavia
0%
Villablanca
0%
Villabona
0%
Villabrágima
0%
Villabrázaro
0%
Villabuena del Puente
0%
Villacañas
0%
Villacarralón
0%
Villacarriedo
0%
Villacastín
0%
Villacid de Campos
0%
Villaciervos
0%
Villaconancio
0%
Villaconejos de Trabaque
0%
Villada
0%
Villadangos del Páramo
0%
Villa de Don Fadrique, La
0%
Villa del Campo
0%
Villa del Prado
0%
Villa del Rey
0%
Villa del Río
0%
Villa de Mazo
0%
Villademor de la Vega
0%
Villa de Otura
0%
Villadepera
0%
Villa de Ves
0%
Villadiego
0%
Villadoz
0%
Villaeles de Valdavia
0%
Villaescusa
0%
Villaescusa de Haro
0%
Villaescusa de Roa
0%
Villaescusa la Sombría
0%
Villaespasa
0%
Villafáfila
0%
Villafeliche
0%
Villaferrueña
0%
Villaflor
0%
Villaflores
0%
Villafrades de Campos
0%
Villafranca de Córdoba
0%
Villafranca de Duero
0%
Villafranca de Ebro
0%
Villafranca de la Sierra
0%
Villafranca del Bierzo
0%
Villafranca del Campo
0%
Villafranca Montes de Oca
0%
Villafrechós
0%
Villafuerte
0%
Villafufre
0%
Villagalijo
0%
Villagarcía de Campos
0%
Villagarcía del Llano
0%
Villagatón
0%
Villageriz
0%
Villagómez la Nueva
0%
Villagonzalo
0%
Villagonzalo de Tormes
0%
Villagonzalo Pedernales
0%
Villahán
0%
Villaharta
0%
Villahermosa
0%
Villahermosa del Campo
0%
Villahermosa del Río
0%
Villaherreros
0%
Villahoz
0%
Villalaco
0%
Villalán de Campos
0%
Villalazán
0%
Villalba de Duero
0%
Villalba de Guardo
0%
Villalba de la Lampreana
0%
Villalba del Alcor
0%
Villalba de la Loma
0%
Villalba de la Sierra
0%
Villalba de los Alcores
0%
Villalba de los Barros
0%
Villalba de los Llanos
0%
Villalba del Rey
0%
Villalba de Perejil
0%
Villalba de Rioja
0%
Villalbarba
0%
Villalbilla de Burgos
0%
Villalbilla de Gumiel
0%
Villalcampo
0%
Villalcázar de Sirga
0%
Villalcón
0%
Villaldemiro
0%
Villalengua
0%
Villalgordo del Marquesado
0%
Villalmanzo
0%
Villalobar de Rioja
0%
Villalobos
0%
Villalonso
0%
Villalube
0%
Villaluenga de la Vega
0%
Villamalea
0%
Villamalur
0%
Villamandos
0%
Villamanrique de la Condesa
0%
Villamanrique de Tajo
0%
Villamartín
0%
Villamartín de Campos
0%
Villamartín de Don Sancho
0%
Villamayor de Calatrava
0%
Villamayor de Campos
0%
Villamayor de Gállego
0%
Villamayor de los Montes
0%
Villamayor de Monjardín
0%
Villamayor de Treviño
0%
Villambistia
0%
Villamedianilla
0%
Villamejil
0%
Villamena
0%
Villameriel
0%
Villamesías
0%
Villamiel de la Sierra
0%
Villamiel de Toledo
0%
Villamol
0%
Villamontán de la Valduerna
0%
Villamoratiel de las Matas
0%
Villamor de los Escuderos
0%
Villamuera de la Cueza
0%
Villanázar
0%
Villán de Tordesillas
0%
Villangómez
0%
Villanueva de Alcorón
0%
Villanueva de Algaidas
0%
Villanueva de Argaño
0%
Villanueva de Argecilla
0%
Villanueva de Ávila
0%
Villanueva de Azoague
0%
Villanueva de Bogas
0%
Villanueva de Cameros
0%
Villanueva de Campeán
0%
Villanueva de Carazo
0%
Villanueva de Duero
0%
Villanueva de Gállego
0%
Villanueva de Gómez
0%
Villanueva de Gormaz
0%
Villanueva de Guadamejud
0%
Villanueva de Gumiel
0%
Villanueva de Huerva
0%
Villanueva de Jiloca
0%
Villanueva del Aceral
0%
Villanueva de la Concepción
0%
Villanueva de la Condesa
0%
Villanueva de la Fuente
0%
Villanueva de la Jara
0%
Villanueva de la Reina
0%
Villanueva del Ariscal
0%
Villanueva de las Cruces
0%
Villanueva de la Sierra
0%
Villanueva de las Manzanas
0%
Villanueva de las Peras
0%
Villanueva de las Torres
0%
Villanueva de la Torre
0%
Villanueva del Campillo
0%
Villanueva del Conde
0%
Villanueva del Duque
0%
Villanueva del Fresno
0%
Villanueva de los Caballeros
0%
Villanueva de los Castillejos
0%
Villanueva de los Infantes
0%
Villanueva del Rebollar
0%
Villanueva del Rebollar de la Sierra
0%
Villanueva del Río Segura
0%
Villanueva del Trabuco
0%
Villanueva de Oscos
0%
Villanueva de San Carlos
0%
Villanueva de San Juan
0%
Villanueva de San Mancio
0%
Villanueva de Sigena
0%
Villanueva de Tapia
0%
Villanueva de Teba
0%
Villanueva de Viver
0%
Villanueva Mesía
0%
Villanuño de Valdavia
0%
Villaobispo de Otero
0%
Villapalacios
0%
Villaprovedo
0%
Villaquirán de la Puebla
0%
Villaquirán de los Infantes
0%
Villaralbo
0%
Villaralto
0%
Villarcayo de Merindad de Castilla la Vieja
0%
Villar de Argañán
0%
Villar de Arnedo, El
0%
Villar de Cañas
0%
Villar de Ciervo
0%
Villardeciervos
0%
Villar de Corneja
0%
Villar de Domingo García
0%
Villar de Fallaves
0%
Villardefrades
0%
Villar de Gallimazo
0%
Villar del Ala
0%
Villar del Arzobispo
0%
Villar de la Yegua
0%
Villar del Buey
0%
Villar del Campo
0%
Villar del Cobo
0%
Villar del Humo
0%
Villar del Infantado
0%
Villar del Olmo
0%
Villar de los Navarros
0%
Villar del Pedroso
0%
Villar del Pozo
0%
Villar del Rey
0%
Villar del Río
0%
Villar del Salz
0%
Villar de Olalla
0%
Villar de Peralonso
0%
Villar de Plasencia
0%
Villar de Rena
0%
Villar de Samaniego
0%
Villar de Torre
0%
Villardiegua de la Ribera
0%
Villárdiga
0%
Villardompardo
0%
Villardondiego
0%
Villarejo de Fuentes
0%
Villarejo de la Peñuela
0%
Villarejo del Valle
0%
Villarejo de Órbigo
0%
Villarejo-Periesteban
0%
Villares de Jadraque
0%
Villares de la Reina
0%
Villares del Saz
0%
Villares de Órbigo
0%
Villares de Soria, Los
0%
Villares de Yeltes
0%
Villares, Los
0%
Villargordo del Cabriel
0%
Villariezo
0%
Villarino de los Aires
0%
Villarluengo
0%
Villarmayor
0%
Villarmentero de Campos
0%
Villarmentero de Esgueva
0%
Villarmuerto
0%
Villarquemado
0%
Villarrabé
0%
Villarrasa
0%
Villarreal de Huerva
0%
Villarrín de Campos
0%
Villarrobledo
0%
Villarrodrigo
0%
Villarroya
0%
Villarroya de la Sierra
0%
Villarroya del Campo
0%
Villarroya de los Pinares
0%
Villarrubia de los Ojos
0%
Villarrubio
0%
Villarta
0%
Villarta de los Montes
0%
Villarta de San Juan
0%
Villarta-Quintana
0%
Villar y Velasco
0%
Villasabariego
0%
Villasandino
0%
Villasarracino
0%
Villasayas
0%
Villasbuenas
0%
Villasbuenas de Gata
0%
Villasdardo
0%
Villas de la Ventosa
0%
Villaseca de Arciel
0%
Villaseca de Henares
0%
Villaseca de Uceda
0%
Villaseco de los Gamitos
0%
Villaseco de los Reyes
0%
Villaseco del Pan
0%
Villaselán
0%
Villasexmir
0%
Villasila de Valdavia
0%
Villasrubias
0%
Villastar
0%
Villasur de Herreros
0%
Villatoro
0%
Villatorres
0%
Villatoya
0%
Villatuelda
0%
Villaturde
0%
Villaturiel
0%
Villavaliente
0%
Villavaquerín
0%
Villavelayo
0%
Villavellid
0%
Villavendimio
0%
Villaverde de Guadalimar
0%
Villaverde de Guareña
0%
Villaverde de Íscar
0%
Villaverde del Monte
0%
Villaverde del Río
0%
Villaverde de Medina
0%
Villaverde de Montejo
0%
Villaverde de Rioja
0%
Villaverde-Mogina
0%
Villaverde y Pasaconsol
0%
Villaveza del Agua
0%
Villaveza de Valverde
0%
Villavicencio de los Caballeros
0%
Villaviciosa de Córdoba
0%
Villaviciosa de Odón
0%
Villavieja del Lozoya
0%
Villavieja de Yeltes
0%
Villaviudas
0%
Villayerno Morquillas
0%
Villayón
0%
Villazala
0%
Villazanzo de Valderaduey
0%
Villazopeque
0%
Villegas
0%
Villeguillo
0%
Villel de Mesa
0%
Villerías de Campos
0%
Villodre
0%
Villoldo
0%
Víllora
0%
Villores
0%
Villoruebo
0%
Villoruela
0%
Villoslada de Cameros
0%
Villota del Páramo
0%
Villovieco
0%
Vilobí del Penedès
0%
Vilobí d'Onyar
0%
Vilopriu
0%
Viloria
0%
Viloria de Rioja
0%
Vilosell, el
0%
Vilueña, La
0%
Vilvestre
0%
Vilviestre del Pinar
0%
Vimbodí i Poblet
0%
Vinaceite
0%
Vinaixa
0%
Vinalesa
0%
Vinaròs
0%
Viñas
0%
Vindel
0%
Vinebre
0%
Viñegra de Moraña
0%
Viniegra de Abajo
0%
Viniegra de Arriba
0%
Viñuela
0%
Viñuelas
0%
Vinuesa
0%
Vinyols i els Arcs
0%
Visiedo
0%
Viso del Alcor, El
0%
Viso del Marqués
0%
Viso de San Juan, El
0%
Viso, El
0%
Vistabella
0%
Vistabella del Maestrat
0%
Vita
0%
Vitigudino
0%
Vivel del Río Martín
0%
Viver
0%
Viver i Serrateix
0%
Viveros
0%
Vizcaínos
0%
Vizmanos
0%
Víznar
0%
Voto
0%
Vozmediano
0%
Xaló
0%
Xeraco
0%
Xeresa
0%
Xert
0%
Xerta
0%
Xirivella
0%
Xixona/Jijona
0%
Xodos/Chodos
0%
Yanguas
0%
Yanguas de Eresma
0%
Yátova
0%
Yébenes, Los
0%
Yebes
0%
Yebra
0%
Yebra de Basa
0%
Yecla de Yeltes
0%
Yécora/Iekora
0%
Yélamos de Abajo
0%
Yélamos de Arriba
0%
Yelo
0%
Yémeda
0%
Yernes y Tameza
0%
Yesa, La
0%
Yésero
0%
Yeste
0%
Yuncler
0%
Yunclillos
0%
Yunquera
0%
Yunquera de Henares
0%
Yunta, La
0%
Zael
0%
Zafarraya
0%
Zafra de Záncara
0%
Zafrilla
0%
Zagra
0%
Zahínos
0%
Zalamea de la Serena
0%
Zamarra
0%
Zamayón
0%
Zaorejas
0%
Zapardiel de la Cañada
0%
Zapardiel de la Ribera
0%
Zarapicos
0%
Zarratón
0%
Zarza-Capilla
0%
Zarza de Granadilla
0%
Zarza de Montánchez
0%
Zarza de Pumareda, La
0%
Zarza de Tajo
0%
Zarzalejo
0%
Zarza-Perrunal, La
0%
Zarzosa
0%
Zarzosa de Río Pisuerga
0%
Zarzuela
0%
Zarzuela de Jadraque
0%
Zarzuela del Monte
0%
Zarzuela del Pinar
0%
Zazuar
0%
Zeanuri
0%
Ziortza-Bolibar
0%
Zizurkil
0%
Zorita de la Frontera
0%
Zorita del Maestrazgo
0%
Zorita de los Canes
0%
Zorraquín
0%
Zotes del Páramo
0%
Zubia, La
0%
Zucaina
0%
Zuera
0%
Zufre
0%
Zuheros
0%
Zújar
0%
Zuñeda
0%
Zurgena
0%
No se encontraron pruebas coincidentes
Distribución de puntuación
Porcentaje de gente con cada puntuación
Porcentaje por número respondido
Historial de tus puntuaciones
No has intentado esta prueba.